Statistics for World Capitals by Directional Proximity #3

Click here to take the quiz!

General Stats

  • This quiz has been taken 120 times
  • The average score is 160 of 196

Answer Stats

Neighbours Capital % Correct
Abu Dhabi (NW)
Abuja (NN)
Algiers (NE)
Amman (NW)
Amsterdam (SE)
Andorra la Vella (EE)
Ankara (WW)
Ashgabat (WW)
Asmara (NW)
Astana (WW)
Athens (NW)
Baghdad (NW)
Baku (WW)
Bamako (NE)
Bangui (NN)
Banjul (NE)
Beijing (WW)
Beirut (NW)
Belgrade (any)
Bern (EE)
Bishkek (WW)
Bissau (NE)
Brazzaville (NN)
Brussels (SE)
Bucharest (WW)
Budapest (SS)
Cairo (NW)
Chișinău (SW)
Conakry (NE)
Dakar (NE)
Damascus (NW)
Doha (NW)
Dublin (SE)
Dushanbe (WW)
Freetown (NE)
Gaborone (NN)
Helsinki (SS)
Jerusalem (NW)
Khartoum (NW)
Kiev (SW)
Kinshasa (NN)
Kuwait City (NW)
Lisbon (EE)
Ljubljana (SE)
London (SE)
Luanda (NN)
Lusaka (NN)
Luxembourg (SE)
Madrid (EE)
Malé (NW)
Manama (NW)
Mbabane (NN)
Minsk (SW)
Monaco (EE)
Moscow (SW)
N'Djamena (NN)
Niamey (NE)
Nicosia (NW)
Nouakchott (NE)
Ottawa (EE)
Ouagadougou (NE)
Paris (SE)
Podgorica (any)
Prague (SE)
Praia (NE)
Pretoria (NN)
Pristina (NW)
Rabat (NE)
Reykjavík (SE)
Riga (SS)
Riyadh (NW)
Rome (NE)
San Marino (EE)
Sana'a (NW)
Skopje (NW)
Sofia (WW)
Tallinn (SS)
Tashkent (WW)
Tbilisi (WW)
Tehran (WW)
Tirana (NW)
Tripoli (NN)
Tunis (NE)
Ulaanbaatar (WW)
Vaduz (SE)
Valletta (NN)
Vatican City (NE)
Vilnius (SW)
Warsaw (SS)
Washington D.C. (EE)
Windhoek (NN)
Yaoundé (NN)
Yerevan (WW)
Zagreb (SE)
Sarajevo
97%
Abu Dhabi (NW)
Abuja (NN)
Algiers (EE)
Amman (NW)
Amsterdam (SE)
Andorra la Vella (EE)
Ankara (WW)
Ashgabat (WW)
Asmara (NW)
Astana (WW)
Athens (NW)
Baghdad (NW)
Baku (WW)
Bamako (NE)
Bangui (NN)
Banjul (NE)
Beijing (WW)
Beirut (NW)
Berlin (SE)
Bern (SE)
Bishkek (WW)
Bissau (NE)
Bratislava (SE)
Brazzaville (NN)
Brussels (SE)
Bucharest (SW)
Bujumbura (NN)
Cairo (NW)
Chișinău (SW)
Conakry (NE)
Copenhagen (SE)
Dakar (NE)
Damascus (NW)
Djibouti (NW)
Doha (NW)
Dublin (SE)
Dushanbe (WW)
Freetown (NE)
Gaborone (NN)
Harare (NN)
Helsinki (SS)
Jerusalem (NW)
Khartoum (NN)
Kiev (SW)
Kinshasa (NN)
Kuwait City (NW)
Lisbon (EE)
Ljubljana (SE)
London (SE)
Luanda (NN)
Lusaka (NN)
Luxembourg (SE)
Madrid (EE)
Malé (NW)
Manama (NW)
Maputo (NN)
Maseru (NN)
Mbabane (NN)
Minsk (SS)
Monaco (EE)
Monrovia (NE)
Moscow (SW)
Muscat (NW)
N'Djamena (NN)
Niamey (NE)
Nicosia (NW)
Nouakchott (NE)
Ottawa (EE)
Ouagadougou (NE)
Paris (SE)
Podgorica (any)
Prague (SE)
Pretoria (NN)
Pristina (any)
Rabat (EE)
Reykjavík (SE)
Riga (SS)
Riyadh (NW)
Rome (EE)
San Marino (EE)
Sana'a (NW)
Sarajevo (SE)
Sofia (any)
Tallinn (SS)
Tashkent (WW)
Tbilisi (WW)
Tehran (WW)
Tirana (any)
Tripoli (NE)
Tunis (NE)
Ulaanbaatar (WW)
Vaduz (SE)
Valletta (NE)
Vatican City (EE)
Vienna (SE)
Vilnius (SS)
Washington D.C. (EE)
Windhoek (NN)
Yerevan (WW)
Zagreb (SE)
Skopje
97%
Abu Dhabi (NW)
Abuja (NN)
Algiers (EE)
Amman (NW)
Amsterdam (SE)
Andorra la Vella (EE)
Ankara (WW)
Ashgabat (WW)
Asmara (NW)
Athens (NW)
Baghdad (WW)
Baku (WW)
Bamako (NE)
Bangui (NN)
Banjul (NE)
Beijing (WW)
Beirut (NW)
Belgrade (SS)
Bern (SE)
Bishkek (WW)
Bissau (NE)
Brazzaville (NN)
Brussels (SE)
Bucharest (SW)
Cairo (NW)
Chișinău (SW)
Conakry (NE)
Dakar (NE)
Damascus (NW)
Doha (NW)
Dublin (SE)
Dushanbe (WW)
Freetown (NE)
Gaborone (NN)
Helsinki (SS)
Jerusalem (NW)
Kabul (WW)
Khartoum (NW)
Kiev (SW)
Kinshasa (NN)
Kuwait City (NW)
Lisbon (EE)
Ljubljana (SE)
London (SE)
Luanda (NN)
Lusaka (NN)
Luxembourg (SE)
Madrid (EE)
Malé (NW)
Manama (NW)
Maseru (NN)
Mbabane (NN)
Minsk (SS)
Monaco (EE)
Monrovia (NE)
Moscow (SW)
N'Djamena (NN)
Niamey (NE)
Nicosia (NW)
Nouakchott (NE)
Ottawa (EE)
Ouagadougou (NE)
Paris (SE)
Podgorica (any)
Prague (SE)
Praia (NE)
Pretoria (NN)
Pristina (any)
Rabat (EE)
Reykjavík (SE)
Riga (SS)
Riyadh (NW)
Rome (EE)
San Marino (SE)
Sana'a (NW)
Sarajevo (SE)
Skopje (any)
Sofia (SW)
Tallinn (SS)
Tashkent (WW)
Tbilisi (WW)
Tehran (WW)
Tripoli (NE)
Tunis (NE)
Ulaanbaatar (WW)
Vaduz (SE)
Valletta (NE)
Vatican City (EE)
Victoria (NW)
Vilnius (SS)
Warsaw (SS)
Washington D.C. (EE)
Windhoek (NN)
Yerevan (WW)
Zagreb (SE)
Tirana
97%
Abu Dhabi (NW)
Abuja (NN)
Algiers (NE)
Amman (NW)
Amsterdam (SE)
Andorra la Vella (EE)
Ankara (WW)
Ashgabat (WW)
Asmara (NW)
Athens (NW)
Baghdad (NW)
Baku (WW)
Bamako (NE)
Bangui (NN)
Banjul (NE)
Beijing (WW)
Beirut (NW)
Belgrade (SS)
Bern (SE)
Bishkek (WW)
Bissau (NE)
Brazzaville (NN)
Brussels (SE)
Bucharest (WW)
Cairo (NW)
Chișinău (SW)
Conakry (NE)
Dakar (NE)
Damascus (NW)
Doha (NW)
Dublin (SE)
Dushanbe (WW)
Freetown (NE)
Gaborone (NN)
Helsinki (SS)
Jerusalem (NW)
Khartoum (NW)
Kiev (SW)
Kinshasa (NN)
Kuwait City (NW)
Lisbon (EE)
Ljubljana (SE)
London (SE)
Luanda (NN)
Lusaka (NN)
Luxembourg (SE)
Madrid (EE)
Malé (NW)
Manama (NW)
Maseru (NN)
Mbabane (NN)
Minsk (SW)
Monaco (EE)
Monrovia (NE)
Moscow (SW)
N'Djamena (NN)
Niamey (NE)
Nicosia (NW)
Nouakchott (NE)
Ottawa (EE)
Ouagadougou (NE)
Paris (SE)
Prague (SE)
Praia (NE)
Pretoria (NN)
Pristina (any)
Rabat (EE)
Reykjavík (SE)
Riga (SS)
Riyadh (NW)
Rome (EE)
San Marino (EE)
Sana'a (NW)
Sarajevo (any)
Skopje (any)
Sofia (WW)
Tallinn (SS)
Tashkent (WW)
Tbilisi (WW)
Tehran (WW)
Tirana (any)
Tripoli (NE)
Tunis (NE)
Ulaanbaatar (WW)
Vaduz (SE)
Valletta (NE)
Vatican City (EE)
Victoria (NW)
Vilnius (SS)
Warsaw (SS)
Washington D.C. (EE)
Windhoek (NN)
Yerevan (WW)
Zagreb (SE)
Podgorica
97%
Abu Dhabi (NW)
Abuja (NE)
Accra (NE)
Addis Ababa (NN)
Algiers (EE)
Amman (NW)
Amsterdam (SE)
Andorra la Vella (EE)
Ashgabat (WW)
Asmara (NN)
Astana (SW)
Athens (EE)
Baghdad (WW)
Baku (WW)
Bangui (NE)
Beijing (WW)
Beirut (any)
Belgrade (SE)
Berlin (SE)
Bern (SE)
Bishkek (WW)
Bratislava (SE)
Brussels (SE)
Bucharest (SE)
Budapest (SE)
Bujumbura (NN)
Cairo (NN)
Copenhagen (SE)
Damascus (NW)
Djibouti (NN)
Dodoma (NN)
Doha (NW)
Dublin (SE)
Dushanbe (WW)
Gaborone (NN)
Harare (NN)
Islamabad (WW)
Jerusalem (NW)
Juba (NN)
Kabul (WW)
Kampala (NN)
Kathmandu (WW)
Khartoum (NN)
Kigali (NN)
Kuwait City (NW)
Lilongwe (NN)
Lisbon (EE)
Ljubljana (SE)
Lomé (NE)
London (SE)
Lusaka (NN)
Luxembourg (SE)
Madrid (EE)
Malabo (NE)
Malé (NW)
Manama (NW)
Maputo (NN)
Maseru (NN)
Mbabane (NN)
Mogadishu (NN)
Monaco (SE)
Monrovia (NE)
Moscow (SS)
Muscat (NW)
Nairobi (NN)
N'Djamena (NE)
New Delhi (WW)
Niamey (NE)
Oslo (SE)
Ouagadougou (NE)
Paris (SE)
Podgorica (SE)
Porto-Novo (NE)
Prague (SE)
Pretoria (NN)
Pristina (SE)
Pyongyang (WW)
Rabat (EE)
Reykjavík (SE)
Riyadh (NW)
Rome (EE)
San Marino (SE)
Sana'a (NW)
São Tomé (NE)
Sarajevo (SE)
Skopje (SE)
Sofia (SE)
Stockholm (SE)
Tashkent (WW)
Tbilisi (SW)
Tehran (WW)
Thimphu (WW)
Tirana (SE)
Tripoli (EE)
Tunis (EE)
Vaduz (SE)
Valletta (EE)
Vatican City (EE)
Vienna (SE)
Warsaw (SE)
Yamoussoukro (NE)
Yerevan (SW)
Zagreb (SE)
Nicosia
96%
Abu Dhabi (NW)
Algiers (EE)
Amman (NW)
Amsterdam (SE)
Andorra la Vella (EE)
Ankara (WW)
Ashgabat (WW)
Asmara (NW)
Astana (WW)
Athens (NN)
Baghdad (NW)
Baku (WW)
Bamako (NE)
Bangui (NN)
Banjul (NE)
Beijing (WW)
Beirut (NW)
Belgrade (SE)
Berlin (SE)
Bern (EE)
Bishkek (WW)
Bissau (NE)
Bratislava (SE)
Brazzaville (NN)
Brussels (SE)
Bucharest (SW)
Budapest (SE)
Bujumbura (NN)
Cairo (NW)
Chișinău (SW)
Colombo (NW)
Conakry (NE)
Copenhagen (SE)
Dakar (NE)
Damascus (NW)
Djibouti (NW)
Doha (NW)
Dublin (SE)
Dushanbe (WW)
Freetown (NE)
Gaborone (NN)
Harare (NN)
Helsinki (SS)
Jerusalem (NW)
Khartoum (NN)
Kiev (SW)
Kigali (NN)
Kinshasa (NN)
Kuwait City (NW)
Lilongwe (NN)
Lisbon (EE)
Ljubljana (SE)
London (SE)
Lusaka (NN)
Luxembourg (SE)
Madrid (EE)
Malé (NW)
Manama (NW)
Maputo (NN)
Maseru (NN)
Mbabane (NN)
Minsk (SS)
Monaco (EE)
Monrovia (NE)
Moscow (SW)
Muscat (NW)
N'Djamena (NN)
Niamey (NE)
Nicosia (NW)
Nouakchott (NE)
Oslo (SE)
Ottawa (EE)
Ouagadougou (NE)
Paris (SE)
Podgorica (EE)
Prague (SE)
Pretoria (NN)
Pristina (any)
Rabat (EE)
Reykjavík (SE)
Riga (SS)
Riyadh (NW)
Rome (EE)
San Marino (EE)
Sana'a (NW)
Sarajevo (EE)
Skopje (any)
Tallinn (SS)
Tashkent (WW)
Tbilisi (WW)
Tehran (WW)
Tirana (NE)
Tripoli (NE)
Tunis (NE)
Ulaanbaatar (WW)
Vaduz (SE)
Valletta (NE)
Vatican City (EE)
Vienna (SE)
Vilnius (SS)
Washington D.C. (EE)
Windhoek (NN)
Yamoussoukro (NE)
Yerevan (WW)
Zagreb (SE)
Sofia
96%
Abu Dhabi (NW)
Algiers (NE)
Amman (NW)
Amsterdam (SE)
Andorra la Vella (EE)
Ankara (NW)
Ashgabat (WW)
Asmara (NW)
Astana (WW)
Athens (NN)
Baghdad (NW)
Baku (WW)
Bamako (NE)
Bangui (NN)
Banjul (NE)
Beijing (WW)
Beirut (NW)
Berlin (SE)
Bern (EE)
Bishkek (WW)
Bissau (NE)
Bratislava (SE)
Brazzaville (NN)
Brussels (SE)
Bucharest (WW)
Bujumbura (NN)
Cairo (NW)
Chișinău (WW)
Colombo (NW)
Conakry (NE)
Copenhagen (SE)
Dakar (NE)
Damascus (NW)
Doha (NW)
Dublin (SE)
Dushanbe (WW)
Freetown (NE)
Gaborone (NN)
Harare (NN)
Helsinki (SS)
Jerusalem (NW)
Khartoum (NN)
Kiev (SW)
Kinshasa (NN)
Kuwait City (NW)
Lisbon (EE)
Ljubljana (EE)
London (SE)
Luanda (NN)
Lusaka (NN)
Luxembourg (SE)
Madrid (EE)
Malé (NW)
Manama (NW)
Maputo (NN)
Mbabane (NN)
Minsk (SW)
Monaco (EE)
Monrovia (NE)
Moscow (SW)
N'Djamena (NN)
Niamey (NE)
Nicosia (NW)
Nouakchott (NE)
Ottawa (EE)
Paris (EE)
Podgorica (NN)
Prague (SE)
Praia (NE)
Pretoria (NN)
Pristina (any)
Rabat (NE)
Reykjavík (SE)
Riga (SS)
Riyadh (NW)
Rome (NE)
San Marino (EE)
Sana'a (NW)
Sarajevo (any)
Skopje (NN)
Sofia (NW)
Tallinn (SS)
Tashkent (WW)
Tbilisi (WW)
Tehran (WW)
Tirana (NN)
Tripoli (NE)
Tunis (NE)
Ulaanbaatar (WW)
Vaduz (EE)
Valletta (NE)
Vatican City (NE)
Vienna (SE)
Vilnius (SS)
Warsaw (SS)
Washington D.C. (EE)
Windhoek (NN)
Yerevan (WW)
Zagreb (EE)
Belgrade
96%
Abu Dhabi (NW)
Abuja (NN)
Algiers (NE)
Amman (NW)
Amsterdam (SE)
Andorra la Vella (EE)
Ankara (WW)
Ashgabat (WW)
Asmara (NW)
Astana (WW)
Athens (NN)
Baghdad (NW)
Baku (WW)
Bamako (NE)
Bangui (NN)
Banjul (NE)
Beijing (WW)
Beirut (NW)
Belgrade (any)
Berlin (SE)
Bern (SE)
Bishkek (WW)
Bissau (NE)
Bratislava (SE)
Brazzaville (NN)
Brussels (SE)
Bucharest (SW)
Bujumbura (NN)
Cairo (NW)
Chișinău (SW)
Conakry (NE)
Copenhagen (SE)
Dakar (NE)
Damascus (NW)
Doha (NW)
Dublin (SE)
Dushanbe (WW)
Freetown (NE)
Gaborone (NN)
Harare (NN)
Helsinki (SS)
Jerusalem (NW)
Khartoum (NN)
Kiev (SW)
Kinshasa (NN)
Kuwait City (NW)
Lisbon (EE)
Ljubljana (SE)
London (SE)
Luanda (NN)
Lusaka (NN)
Luxembourg (SE)
Madrid (EE)
Malé (NW)
Manama (NW)
Maputo (NN)
Maseru (NN)
Mbabane (NN)
Minsk (SS)
Monaco (EE)
Monrovia (NE)
Moscow (SW)
N'Djamena (NN)
Niamey (NE)
Nicosia (NW)
Nouakchott (NE)
Ottawa (EE)
Paris (SE)
Podgorica (any)
Prague (SE)
Praia (NE)
Pretoria (NN)
Rabat (EE)
Reykjavík (SE)
Riga (SS)
Riyadh (NW)
Rome (EE)
San Marino (EE)
Sana'a (NW)
Sarajevo (SE)
Skopje (any)
Sofia (any)
Tallinn (SS)
Tashkent (WW)
Tbilisi (WW)
Tehran (WW)
Tirana (any)
Tripoli (NE)
Tunis (NE)
Ulaanbaatar (WW)
Vaduz (SE)
Valletta (NE)
Vatican City (EE)
Vienna (SE)
Vilnius (SS)
Washington D.C. (EE)
Windhoek (NN)
Yerevan (WW)
Zagreb (SE)
Pristina
96%
Abuja (NN)
Addis Ababa (NW)
Algiers (NE)
Amman (NW)
Amsterdam (SE)
Andorra la Vella (EE)
Ankara (WW)
Ashgabat (WW)
Asmara (NW)
Athens (NW)
Baghdad (WW)
Baku (WW)
Bamako (NE)
Bangui (NN)
Banjul (NE)
Beirut (NW)
Belgrade (SW)
Berlin (SS)
Bern (SE)
Bishkek (WW)
Bissau (NE)
Bratislava (SW)
Brazzaville (NN)
Brussels (SE)
Bucharest (WW)
Budapest (SW)
Cairo (NW)
Chișinău (SW)
Conakry (NE)
Copenhagen (SS)
Dakar (NE)
Damascus (NW)
Djibouti (NW)
Dublin (SE)
Dushanbe (WW)
Helsinki (SW)
Islamabad (WW)
Jerusalem (NW)
Kabul (WW)
Khartoum (NW)
Kiev (SW)
Kinshasa (NN)
Kuwait City (NW)
Libreville (NN)
Lisbon (EE)
Ljubljana (SS)
London (SE)
Luanda (NN)
Luxembourg (SE)
Madrid (EE)
Malabo (NN)
Manama (NW)
Minsk (SW)
Mogadishu (NW)
Monaco (SE)
Moscow (SW)
N'Djamena (NN)
Niamey (NN)
Nicosia (WW)
Nouakchott (NE)
Ottawa (EE)
Ouagadougou (NE)
Paris (SE)
Podgorica (WW)
Prague (SS)
Praia (NE)
Pristina (WW)
Rabat (NE)
Reykjavík (SE)
Riga (SW)
Riyadh (NW)
San Marino (any)
Sana'a (NW)
São Tomé (NN)
Sarajevo (SW)
Skopje (WW)
Sofia (WW)
Stockholm (SS)
Tallinn (SW)
Tashkent (WW)
Tbilisi (WW)
Tehran (WW)
Tirana (WW)
Tripoli (NN)
Tunis (NN)
Ulaanbaatar (WW)
Valletta (NN)
Vatican City (any)
Victoria (NW)
Vienna (SW)
Vilnius (SW)
Warsaw (SW)
Washington D.C. (EE)
Windhoek (NN)
Yaoundé (NN)
Yerevan (WW)
Zagreb (SW)
Rome
95%
Abu Dhabi (NW)
Algiers (NE)
Amman (NW)
Amsterdam (SE)
Andorra la Vella (EE)
Ankara (NW)
Ashgabat (WW)
Astana (WW)
Athens (NN)
Baghdad (NW)
Baku (WW)
Bangui (NN)
Banjul (NE)
Beijing (WW)
Beirut (NW)
Belgrade (NN)
Berlin (SE)
Bern (EE)
Bishkek (WW)
Bissau (NE)
Bratislava (any)
Brazzaville (NN)
Brussels (EE)
Bucharest (NW)
Cairo (NW)
Chișinău (WW)
Colombo (NW)
Conakry (NE)
Copenhagen (SE)
Dakar (NE)
Damascus (NW)
Doha (NW)
Dublin (EE)
Freetown (NE)
Harare (NN)
Helsinki (SS)
Jerusalem (NW)
Khartoum (NN)
Kiev (WW)
Kinshasa (NN)
Kuwait City (NW)
Lisbon (NE)
Ljubljana (NE)
London (EE)
Luanda (NN)
Lusaka (NN)
Luxembourg (EE)
Madrid (NE)
Malé (NW)
Manama (NW)
Minsk (SW)
Monaco (NE)
Moscow (SW)
Muscat (NW)
N'Djamena (NN)
Nicosia (NW)
Nouakchott (NE)
Ottawa (EE)
Paris (EE)
Podgorica (NN)
Prague (SE)
Praia (NE)
Pristina (NN)
Pyongyang (WW)
Rabat (NE)
Reykjavík (SE)
Riga (SS)
Riyadh (NW)
Rome (NE)
San Marino (NE)
Sarajevo (NN)
Skopje (NN)
Sofia (NW)
Tallinn (SS)
Tashkent (WW)
Tbilisi (WW)
Tehran (NW)
Tirana (NN)
Tripoli (NN)
Tunis (NE)
Ulaanbaatar (WW)
Vaduz (EE)
Valletta (NN)
Vatican City (NE)
Vienna (any)
Vilnius (SW)
Warsaw (SS)
Washington D.C. (EE)
Windhoek (NN)
Yaoundé (NN)
Yerevan (WW)
Zagreb (NE)
Budapest
95%
Abu Dhabi (WW)
Abuja (NE)
Accra (NE)
Addis Ababa (NN)
Algiers (EE)
Amman (SW)
Amsterdam (SE)
Andorra la Vella (SE)
Ankara (SS)
Ashgabat (WW)
Asmara (NW)
Astana (SW)
Athens (SE)
Baghdad (WW)
Baku (SW)
Bangui (NE)
Beijing (WW)
Beirut (SW)
Belgrade (SE)
Berlin (SE)
Bern (SE)
Bratislava (SE)
Brussels (SE)
Budapest (SE)
Bujumbura (NN)
Copenhagen (SE)
Damascus (SW)
Dhaka (WW)
Djibouti (NW)
Dodoma (NN)
Doha (WW)
Dublin (SE)
Dushanbe (WW)
Gaborone (NN)
Hanoi (WW)
Harare (NN)
Islamabad (WW)
Jerusalem (SW)
Juba (NN)
Kabul (WW)
Kampala (NN)
Kathmandu (WW)
Khartoum (NN)
Kigali (NN)
Kuwait City (WW)
Lilongwe (NN)
Lisbon (EE)
Ljubljana (SE)
Lomé (NE)
London (SE)
Lusaka (NN)
Luxembourg (SE)
Madrid (EE)
Malabo (NE)
Manama (WW)
Maputo (NN)
Maseru (NN)
Mbabane (NN)
Mogadishu (NW)
Monaco (SE)
Moscow (SS)
Muscat (WW)
Nairobi (NN)
Naypyidaw (WW)
N'Djamena (NE)
New Delhi (WW)
Niamey (NE)
Nicosia (SS)
Oslo (SE)
Ouagadougou (NE)
Paris (SE)
Podgorica (SE)
Porto-Novo (NE)
Prague (SE)
Pretoria (NN)
Pristina (SE)
Rabat (EE)
Reykjavík (SE)
Riyadh (WW)
Rome (SE)
San Marino (SE)
Sana'a (NW)
São Tomé (NE)
Sarajevo (SE)
Skopje (SE)
Sofia (SE)
Tashkent (WW)
Tbilisi (SW)
Tehran (WW)
Thimphu (WW)
Tirana (SE)
Tripoli (EE)
Tunis (EE)
Vaduz (SE)
Valletta (SE)
Vatican City (SE)
Vienna (SE)
Yaoundé (NE)
Yerevan (SW)
Zagreb (SE)
Cairo
95%
Abu Dhabi (NW)
Abuja (NE)
Accra (NE)
Addis Ababa (NN)
Algiers (EE)
Amman (any)
Amsterdam (SE)
Andorra la Vella (EE)
Ashgabat (WW)
Asmara (NN)
Astana (SW)
Athens (SE)
Baghdad (WW)
Baku (SW)
Bangui (NE)
Beijing (WW)
Belgrade (SE)
Berlin (SE)
Bern (SE)
Bishkek (WW)
Bratislava (SE)
Brussels (SE)
Bucharest (SE)
Budapest (SE)
Bujumbura (NN)
Cairo (NE)
Copenhagen (SE)
Damascus (any)
Djibouti (NN)
Dodoma (NN)
Doha (NW)
Dublin (SE)
Dushanbe (WW)
Gaborone (NN)
Harare (NN)
Islamabad (WW)
Jerusalem (any)
Juba (NN)
Kabul (WW)
Kampala (NN)
Kathmandu (WW)
Khartoum (NN)
Kigali (NN)
Kuwait City (NW)
Libreville (NE)
Lilongwe (NN)
Lisbon (EE)
Ljubljana (SE)
Lomé (NE)
London (SE)
Lusaka (NN)
Luxembourg (SE)
Madrid (EE)
Malabo (NE)
Malé (NW)
Manama (NW)
Maputo (NN)
Maseru (NN)
Mbabane (NN)
Mogadishu (NN)
Monaco (SE)
Moroni (NN)
Moscow (SS)
Muscat (NW)
Nairobi (NN)
N'Djamena (NE)
New Delhi (WW)
Nicosia (any)
Oslo (SE)
Paris (SE)
Podgorica (SE)
Porto-Novo (NE)
Prague (SE)
Pretoria (NN)
Pristina (SE)
Pyongyang (WW)
Rabat (EE)
Reykjavík (SE)
Riyadh (NW)
Rome (SE)
San Marino (SE)
Sana'a (NW)
São Tomé (NE)
Sarajevo (SE)
Seoul (WW)
Skopje (SE)
Sofia (SE)
Stockholm (SE)
Tashkent (WW)
Tbilisi (SW)
Tehran (WW)
Thimphu (WW)
Tirana (SE)
Tripoli (EE)
Tunis (EE)
Vaduz (SE)
Valletta (EE)
Vatican City (SE)
Vienna (SE)
Warsaw (SE)
Yamoussoukro (NE)
Yaoundé (NE)
Yerevan (SW)
Zagreb (SE)
Beirut
95%
Abuja (NN)
Algiers (NE)
Amman (NW)
Amsterdam (SE)
Andorra la Vella (EE)
Ankara (WW)
Ashgabat (WW)
Asmara (NW)
Athens (NW)
Baghdad (NW)
Baku (WW)
Bamako (NE)
Bangui (NN)
Banjul (NE)
Beirut (NW)
Belgrade (WW)
Berlin (SS)
Bern (SE)
Bishkek (WW)
Bissau (NE)
Bratislava (SW)
Brazzaville (NN)
Brussels (SE)
Bucharest (WW)
Budapest (SW)
Cairo (NW)
Chișinău (WW)
Copenhagen (SS)
Dakar (NE)
Damascus (NW)
Djibouti (NW)
Dublin (SE)
Dushanbe (WW)
Helsinki (SW)
Jerusalem (NW)
Khartoum (NW)
Kiev (SW)
Kinshasa (NN)
Kuwait City (NW)
Libreville (NN)
Lisbon (EE)
Ljubljana (SW)
London (SE)
Luanda (NN)
Luxembourg (SE)
Madrid (EE)
Malabo (NN)
Malé (NW)
Manama (NW)
Minsk (SW)
Mogadishu (NW)
Monaco (EE)
Moscow (SW)
N'Djamena (NN)
Niamey (NN)
Nicosia (NW)
Nouakchott (NE)
Ottawa (EE)
Ouagadougou (NN)
Paris (SE)
Podgorica (WW)
Prague (SS)
Praia (NE)
Pristina (WW)
Rabat (NE)
Reykjavík (SE)
Riga (SW)
Riyadh (NW)
Rome (any)
Sana'a (NW)
São Tomé (NN)
Sarajevo (WW)
Skopje (WW)
Sofia (WW)
Stockholm (SS)
Tallinn (SW)
Tashkent (WW)
Tbilisi (WW)
Tehran (WW)
Tirana (NW)
Tripoli (NN)
Tunis (NN)
Ulaanbaatar (WW)
Vaduz (SE)
Valletta (NN)
Vatican City (any)
Victoria (NW)
Vienna (SW)
Vilnius (SW)
Warsaw (SW)
Washington D.C. (EE)
Windhoek (NN)
Yaoundé (NN)
Yerevan (WW)
Zagreb (SW)
San Marino
95%
Abu Dhabi (NW)
Algiers (NE)
Amman (NW)
Amsterdam (SE)
Andorra la Vella (EE)
Ankara (NW)
Ashgabat (WW)
Asmara (NN)
Astana (WW)
Athens (NN)
Baghdad (NW)
Baku (WW)
Bamako (NE)
Bangui (NN)
Banjul (NE)
Beijing (WW)
Beirut (NW)
Belgrade (EE)
Berlin (SE)
Bern (EE)
Bishkek (WW)
Bissau (NE)
Bratislava (SE)
Brussels (SE)
Budapest (SE)
Bujumbura (NN)
Cairo (NN)
Chișinău (SW)
Colombo (NW)
Conakry (NE)
Copenhagen (SE)
Dakar (NE)
Damascus (NW)
Djibouti (NW)
Dodoma (NN)
Doha (NW)
Dublin (SE)
Dushanbe (WW)
Freetown (NE)
Gaborone (NN)
Harare (NN)
Jerusalem (NW)
Juba (NN)
Kabul (WW)
Kampala (NN)
Khartoum (NN)
Kiev (SW)
Kigali (NN)
Kuwait City (NW)
Lilongwe (NN)
Lisbon (EE)
Ljubljana (EE)
London (EE)
Lusaka (NN)
Luxembourg (EE)
Madrid (EE)
Malé (NW)
Manama (NW)
Maputo (NN)
Mbabane (NN)
Minsk (SS)
Monaco (EE)
Monrovia (NE)
Moscow (SW)
Muscat (NW)
N'Djamena (NN)
Nicosia (NW)
Nouakchott (NE)
Oslo (SE)
Ottawa (EE)
Ouagadougou (NE)
Paris (EE)
Podgorica (EE)
Prague (SE)
Pretoria (NN)
Pristina (NE)
Pyongyang (WW)
Rabat (EE)
Reykjavík (SE)
Riyadh (NW)
Rome (EE)
San Marino (EE)
Sana'a (NW)
Sarajevo (EE)
Seoul (WW)
Skopje (NE)
Sofia (NE)
Tashkent (WW)
Tbilisi (WW)
Tehran (NW)
Tirana (NE)
Tripoli (NE)
Tunis (NE)
Ulaanbaatar (WW)
Vaduz (EE)
Valletta (NE)
Vatican City (EE)
Vienna (SE)
Warsaw (SE)
Washington D.C. (EE)
Windhoek (NN)
Yamoussoukro (NE)
Yerevan (WW)
Zagreb (EE)
Bucharest
95%
Abuja (NN)
Accra (NN)
Addis Ababa (NW)
Algiers (NN)
Amman (NW)
Amsterdam (WW)
Andorra la Vella (NN)
Ankara (NW)
Asmara (NW)
Astana (WW)
Athens (NW)
Baku (WW)
Bamako (NN)
Beirut (NW)
Belgrade (NW)
Berlin (WW)
Bern (NW)
Bishkek (WW)
Bratislava (WW)
Bridgetown (NE)
Brussels (WW)
Bucharest (WW)
Budapest (WW)
Cairo (NW)
Caracas (NE)
Castries (NE)
Chișinău (WW)
Copenhagen (SW)
Damascus (NW)
Djibouti (NW)
Dublin (SE)
Georgetown (NE)
Helsinki (SW)
Jerusalem (NW)
Khartoum (NW)
Kiev (WW)
Kingstown (NE)
Libreville (NN)
Lisbon (NE)
Ljubljana (NW)
Lomé (NN)
Luxembourg (NW)
Madrid (NN)
Malabo (NN)
Minsk (WW)
Mogadishu (NW)
Monaco (NW)
Moscow (WW)
Niamey (NN)
Nicosia (NW)
Nouakchott (NN)
Oslo (SW)
Ottawa (EE)
Ouagadougou (NN)
Paramaribo (NE)
Paris (NW)
Podgorica (NW)
Port-of-Spain (NE)
Porto-Novo (NN)
Prague (WW)
Pristina (NW)
Rabat (NN)
Reykjavík (SE)
Riga (WW)
Riyadh (NW)
Rome (NW)
Roseau (NE)
Saint George's (NE)
San Marino (NW)
Sana'a (NW)
São Tomé (NN)
Sarajevo (NW)
Skopje (NW)
Sofia (NW)
Stockholm (SW)
Tallinn (SW)
Tbilisi (WW)
Tirana (NW)
Tripoli (NW)
Tunis (NW)
Ulaanbaatar (WW)
Vaduz (NW)
Valletta (NW)
Vatican City (NW)
Vienna (WW)
Vilnius (WW)
Warsaw (WW)
Yamoussoukro (NN)
Yerevan (WW)
Zagreb (NW)
London
95%
Abuja (NN)
Addis Ababa (NW)
Algiers (NE)
Amman (NW)
Amsterdam (SE)
Andorra la Vella (EE)
Ankara (WW)
Ashgabat (WW)
Asmara (NW)
Athens (NW)
Baghdad (WW)
Baku (WW)
Bamako (NE)
Bangui (NN)
Banjul (NE)
Beirut (NW)
Belgrade (SW)
Berlin (SS)
Bern (SE)
Bishkek (WW)
Bissau (NE)
Bratislava (SW)
Brazzaville (NN)
Brussels (SE)
Bucharest (WW)
Budapest (SW)
Cairo (NW)
Chișinău (SW)
Conakry (NE)
Copenhagen (SS)
Dakar (NE)
Damascus (NW)
Djibouti (NW)
Dublin (SE)
Dushanbe (WW)
Helsinki (SW)
Islamabad (WW)
Jerusalem (NW)
Kabul (WW)
Khartoum (NW)
Kiev (SW)
Kinshasa (NN)
Kuwait City (NW)
Libreville (NN)
Lisbon (EE)
Ljubljana (SS)
London (SE)
Luanda (NN)
Luxembourg (SE)
Madrid (EE)
Malabo (NN)
Manama (NW)
Minsk (SW)
Mogadishu (NW)
Monaco (SE)
Moscow (SW)
N'Djamena (NN)
Niamey (NN)
Nicosia (WW)
Nouakchott (NE)
Ottawa (EE)
Ouagadougou (NE)
Paris (SE)
Podgorica (WW)
Prague (SS)
Praia (NE)
Pristina (WW)
Rabat (NE)
Reykjavík (SE)
Riga (SW)
Riyadh (NW)
Rome (any)
San Marino (any)
Sana'a (NW)
São Tomé (NN)
Sarajevo (SW)
Skopje (WW)
Sofia (WW)
Stockholm (SS)
Tallinn (SW)
Tashkent (WW)
Tbilisi (WW)
Tehran (WW)
Tirana (WW)
Tripoli (NN)
Tunis (NN)
Ulaanbaatar (WW)
Valletta (NN)
Victoria (NW)
Vienna (SW)
Vilnius (SW)
Warsaw (SW)
Washington D.C. (EE)
Windhoek (NN)
Yaoundé (NN)
Yerevan (WW)
Zagreb (SW)
Vatican City
95%
Abu Dhabi (NW)
Abuja (NE)
Accra (NE)
Addis Ababa (NN)
Algiers (EE)
Amsterdam (SE)
Andorra la Vella (EE)
Ashgabat (WW)
Asmara (NN)
Astana (SW)
Athens (SE)
Baghdad (WW)
Baku (SW)
Bangui (NE)
Beijing (WW)
Beirut (any)
Belgrade (SE)
Berlin (SE)
Bern (SE)
Bishkek (WW)
Bratislava (SE)
Brussels (SE)
Bucharest (SE)
Budapest (SE)
Bujumbura (NN)
Cairo (NE)
Copenhagen (SE)
Damascus (any)
Dhaka (WW)
Djibouti (NN)
Dodoma (NN)
Doha (NW)
Dushanbe (WW)
Gaborone (NN)
Hanoi (WW)
Harare (NN)
Islamabad (WW)
Jerusalem (any)
Juba (NN)
Kabul (WW)
Kampala (NN)
Kathmandu (WW)
Khartoum (NN)
Kigali (NN)
Kuwait City (WW)
Libreville (NE)
Lilongwe (NN)
Ljubljana (SE)
Lomé (NE)
London (SE)
Lusaka (NN)
Luxembourg (SE)
Madrid (EE)
Malabo (NE)
Malé (NW)
Manama (NW)
Maputo (NN)
Maseru (NN)
Mbabane (NN)
Mogadishu (NN)
Monaco (SE)
Moroni (NN)
Moscow (SS)
Muscat (NW)
Nairobi (NN)
N'Djamena (NE)
New Delhi (WW)
Nicosia (SE)
Oslo (SE)
Paris (SE)
Podgorica (SE)
Porto-Novo (NE)
Prague (SE)
Pretoria (NN)
Pristina (SE)
Pyongyang (WW)
Rabat (EE)
Reykjavík (SE)
Riyadh (NW)
Rome (SE)
San Marino (SE)
Sana'a (NW)
São Tomé (NE)
Sarajevo (SE)
Skopje (SE)
Sofia (SE)
Stockholm (SE)
Tashkent (WW)
Tbilisi (SW)
Tehran (WW)
Thimphu (WW)
Tirana (SE)
Tripoli (EE)
Tunis (EE)
Vaduz (SE)
Valletta (EE)
Vatican City (SE)
Vienna (SE)
Warsaw (SE)
Yaoundé (NE)
Yerevan (SW)
Zagreb (SE)
Amman
95%
Abuja (NN)
Addis Ababa (NW)
Algiers (NE)
Amman (NW)
Andorra la Vella (EE)
Ankara (WW)
Ashgabat (WW)
Asmara (NW)
Astana (WW)
Athens (NW)
Baghdad (WW)
Baku (WW)
Bamako (NE)
Beirut (NW)
Belgrade (WW)
Berlin (SW)
Bern (SS)
Bishkek (WW)
Bratislava (SW)
Brazzaville (NN)
Bucharest (WW)
Budapest (SW)
Cairo (NW)
Chișinău (WW)
Copenhagen (SS)
Dakar (NE)
Damascus (NW)
Djibouti (NW)
Dublin (SE)
Dushanbe (WW)
Helsinki (SW)
Jerusalem (NW)
Khartoum (NW)
Kiev (SW)
Kinshasa (NN)
Kuwait City (NW)
Libreville (NN)
Lisbon (EE)
Ljubljana (SW)
Lomé (NN)
London (SE)
Luanda (NN)
Madrid (EE)
Malabo (NN)
Minsk (SW)
Mogadishu (NW)
Moscow (SW)
N'Djamena (NN)
Niamey (NN)
Nicosia (NW)
Nouakchott (NE)
Oslo (SS)
Ottawa (EE)
Ouagadougou (NN)
Paris (SE)
Podgorica (WW)
Porto-Novo (NN)
Prague (SW)
Praia (NE)
Pristina (WW)
Rabat (NE)
Reykjavík (SE)
Riga (SW)
Rome (NW)
San Marino (WW)
Sana'a (NW)
São Tomé (NN)
Sarajevo (WW)
Skopje (WW)
Sofia (WW)
Stockholm (SW)
Tallinn (SW)
Tashkent (WW)
Tbilisi (WW)
Tehran (WW)
Tirana (WW)
Tripoli (NW)
Tunis (NN)
Ulaanbaatar (WW)
Vaduz (SW)
Valletta (NW)
Vatican City (NW)
Victoria (NW)
Vienna (SW)
Vilnius (SW)
Warsaw (SW)
Washington D.C. (EE)
Windhoek (NN)
Yaoundé (NN)
Yerevan (WW)
Zagreb (WW)
Monaco
93%
Abu Dhabi (NW)
Algiers (NE)
Amman (NW)
Amsterdam (SE)
Andorra la Vella (NE)
Ankara (NW)
Ashgabat (WW)
Astana (WW)
Athens (NW)
Baghdad (NW)
Baku (WW)
Bangui (NN)
Banjul (NE)
Beijing (WW)
Beirut (NW)
Belgrade (NW)
Berlin (SE)
Bern (EE)
Bishkek (WW)
Bissau (NE)
Brazzaville (NN)
Brussels (EE)
Bucharest (NW)
Budapest (any)
Cairo (NW)
Chișinău (WW)
Colombo (NW)
Dakar (NE)
Damascus (NW)
Doha (NW)
Dublin (EE)
Helsinki (SS)
Jerusalem (NW)
Khartoum (NN)
Kiev (WW)
Kinshasa (NN)
Kuwait City (NW)
Libreville (NN)
Lisbon (NE)
Ljubljana (NE)
London (EE)
Luanda (NN)
Lusaka (NN)
Luxembourg (EE)
Madrid (NE)
Malabo (NN)
Malé (NW)
Manama (NW)
Minsk (SW)
Monaco (NE)
Moscow (SW)
Muscat (NW)
N'Djamena (NN)
Nicosia (NW)
Nouakchott (NE)
Ottawa (EE)
Paris (EE)
Podgorica (NN)
Prague (SE)
Praia (NE)
Pristina (NW)
Rabat (NE)
Reykjavík (SE)
Riga (SW)
Riyadh (NW)
Rome (NE)
San Marino (NE)
Sarajevo (NN)
Skopje (NW)
Sofia (NW)
Stockholm (SS)
Tallinn (SS)
Tbilisi (WW)
Tehran (NW)
Tirana (NN)
Tripoli (NN)
Tunis (NE)
Ulaanbaatar (WW)
Vaduz (EE)
Valletta (NN)
Vatican City (NE)
Vienna (any)
Vilnius (SW)
Warsaw (SW)
Washington D.C. (EE)
Windhoek (NN)
Yaoundé (NN)
Yerevan (WW)
Zagreb (NN)
Bratislava
93%
Abuja (NN)
Accra (NN)
Addis Ababa (NW)
Algiers (EE)
Amman (WW)
Andorra la Vella (SE)
Ankara (WW)
Ashgabat (WW)
Asmara (NW)
Athens (WW)
Baghdad (WW)
Baku (WW)
Bamako (NE)
Bangui (NN)
Banjul (NE)
Beirut (WW)
Belgrade (SW)
Berlin (SS)
Bishkek (WW)
Bissau (NE)
Bratislava (SW)
Brazzaville (NN)
Bucharest (SW)
Budapest (SW)
Cairo (WW)
Chișinău (SW)
Conakry (NE)
Copenhagen (SS)
Dakar (NE)
Damascus (WW)
Djibouti (NW)
Dublin (SE)
Dushanbe (WW)
Freetown (NE)
Helsinki (SS)
Islamabad (WW)
Jerusalem (WW)
Kabul (WW)
Kathmandu (WW)
Khartoum (NW)
Kiev (SW)
Kinshasa (NN)
Kuwait City (WW)
Libreville (NN)
Lisbon (EE)
Ljubljana (SS)
Lomé (NN)
London (SE)
Luanda (NN)
Madrid (EE)
Malabo (NN)
Manama (WW)
Minsk (SW)
Mogadishu (NW)
Monrovia (NE)
Moscow (SW)
N'Djamena (NN)
New Delhi (WW)
Niamey (NN)
Nicosia (WW)
Nouakchott (NE)
Oslo (SS)
Ottawa (EE)
Ouagadougou (NE)
Paris (SE)
Podgorica (SW)
Porto-Novo (NN)
Prague (SS)
Praia (NE)
Pristina (SW)
Rabat (EE)
Reykjavík (SE)
Riga (SW)
Riyadh (WW)
Rome (SS)
San Marino (SS)
Sana'a (NW)
São Tomé (NN)
Sarajevo (SW)
Skopje (SW)
Sofia (SW)
Stockholm (SS)
Tallinn (SW)
Tashkent (WW)
Tbilisi (WW)
Tehran (WW)
Thimphu (WW)
Tirana (SW)
Tripoli (NW)
Ulaanbaatar (WW)
Valletta (WW)
Vatican City (SS)
Victoria (NW)
Vienna (SS)
Vilnius (SW)
Warsaw (SW)
Washington D.C. (EE)
Windhoek (NN)
Yamoussoukro (NE)
Yaoundé (NN)
Yerevan (WW)
Zagreb (SW)
Tunis
93%
Abu Dhabi (NW)
Abuja (NE)
Accra (NE)
Addis Ababa (NN)
Algiers (EE)
Amman (any)
Amsterdam (SE)
Andorra la Vella (EE)
Ashgabat (WW)
Asmara (NN)
Astana (SW)
Athens (SE)
Baghdad (WW)
Baku (SW)
Bangui (NE)
Beijing (WW)
Beirut (any)
Belgrade (SE)
Berlin (SE)
Bern (SE)
Bishkek (WW)
Bratislava (SE)
Brussels (SE)
Bucharest (SE)
Budapest (SE)
Bujumbura (NN)
Cairo (NE)
Copenhagen (SE)
Damascus (any)
Dhaka (WW)
Djibouti (NN)
Dodoma (NN)
Doha (NW)
Dublin (SE)
Dushanbe (WW)
Gaborone (NN)
Hanoi (WW)
Harare (NN)
Islamabad (WW)
Juba (NN)
Kabul (WW)
Kampala (NN)
Kathmandu (WW)
Khartoum (NN)
Kigali (NN)
Kuwait City (WW)
Libreville (NE)
Lilongwe (NN)
Ljubljana (SE)
Lomé (NE)
London (SE)
Lusaka (NN)
Luxembourg (SE)
Madrid (EE)
Malabo (NE)
Malé (NW)
Manama (WW)
Maputo (NN)
Maseru (NN)
Mbabane (NN)
Mogadishu (NN)
Monaco (SE)
Moscow (SS)
Muscat (WW)
Nairobi (NN)
N'Djamena (NE)
New Delhi (WW)
Niamey (NE)
Nicosia (SE)
Oslo (SE)
Paris (SE)
Podgorica (SE)
Porto-Novo (NE)
Prague (SE)
Pretoria (NN)
Pristina (SE)
Pyongyang (WW)
Rabat (EE)
Reykjavík (SE)
Riyadh (NW)
Rome (SE)
San Marino (SE)
Sana'a (NW)
São Tomé (NE)
Sarajevo (SE)
Skopje (SE)
Sofia (SE)
Stockholm (SE)
Tashkent (WW)
Tbilisi (SW)
Tehran (WW)
Thimphu (WW)
Tirana (SE)
Tripoli (EE)
Tunis (EE)
Vaduz (SE)
Valletta (EE)
Vatican City (SE)
Vienna (SE)
Warsaw (SE)
Yaoundé (NE)
Yerevan (SW)
Zagreb (SE)
Jerusalem
93%
Abuja (NN)
Accra (NN)
Addis Ababa (NW)
Amman (WW)
Amsterdam (SS)
Ankara (WW)
Antananarivo (NW)
Ashgabat (WW)
Athens (WW)
Baghdad (WW)
Baku (WW)
Bamako (NN)
Bangui (NW)
Banjul (NE)
Beirut (WW)
Belgrade (SW)
Berlin (SW)
Bern (SS)
Bishkek (WW)
Bissau (NE)
Brasília (NE)
Bratislava (SW)
Brussels (SS)
Bucharest (SW)
Budapest (SW)
Cairo (WW)
Chișinău (SW)
Conakry (NE)
Copenhagen (SS)
Dakar (NE)
Damascus (WW)
Dodoma (NW)
Dushanbe (WW)
Freetown (NE)
Helsinki (SW)
Islamabad (WW)
Jerusalem (WW)
Juba (NW)
Kabul (WW)
Kampala (NW)
Kathmandu (WW)
Khartoum (NW)
Kiev (SW)
Libreville (NN)
Lisbon (EE)
Ljubljana (SW)
Lomé (NN)
Luxembourg (SS)
Madrid (SE)
Malabo (NN)
Minsk (SW)
Mogadishu (NW)
Monaco (SW)
Monrovia (NE)
Moroni (NW)
Moscow (SW)
Nairobi (NW)
Nassau (EE)
N'Djamena (NW)
New Delhi (WW)
Niamey (NN)
Nicosia (WW)
Nouakchott (NE)
Oslo (SS)
Ottawa (EE)
Ouagadougou (NN)
Podgorica (SW)
Porto-Novo (NN)
Prague (SW)
Praia (NE)
Pristina (SW)
Rabat (EE)
Reykjavík (SE)
Riga (SW)
Rome (SW)
San Marino (SW)
São Tomé (NN)
Sarajevo (SW)
Skopje (WW)
Sofia (WW)
Stockholm (SW)
Tallinn (SW)
Tashkent (WW)
Tbilisi (WW)
Tehran (WW)
Thimphu (WW)
Tirana (WW)
Tripoli (NW)
Tunis (WW)
Ulaanbaatar (WW)
Vaduz (SW)
Valletta (WW)
Vatican City (SW)
Victoria (NW)
Vienna (SW)
Vilnius (SW)
Warsaw (SW)
Washington D.C. (EE)
Yamoussoukro (NN)
Yaoundé (NN)
Yerevan (WW)
Zagreb (SW)
Algiers
93%
Abu Dhabi (NW)
Abuja (NE)
Accra (NE)
Addis Ababa (NN)
Algiers (EE)
Amman (any)
Amsterdam (SE)
Andorra la Vella (EE)
Ankara (SE)
Ashgabat (WW)
Asmara (NN)
Astana (SW)
Athens (SE)
Baghdad (WW)
Baku (SW)
Bangui (NE)
Beijing (WW)
Beirut (any)
Belgrade (SE)
Berlin (SE)
Bern (SE)
Bishkek (WW)
Bratislava (SE)
Brussels (SE)
Bucharest (SE)
Budapest (SE)
Cairo (NE)
Chișinău (SE)
Copenhagen (SE)
Djibouti (NN)
Dodoma (NN)
Doha (NW)
Dushanbe (WW)
Gaborone (NN)
Harare (NN)
Islamabad (WW)
Jerusalem (any)
Juba (NN)
Kabul (WW)
Kampala (NN)
Kathmandu (WW)
Khartoum (NN)
Kigali (NN)
Kuwait City (NW)
Libreville (NE)
Lilongwe (NN)
Lisbon (EE)
Ljubljana (SE)
Lomé (NE)
London (SE)
Lusaka (NN)
Luxembourg (SE)
Madrid (EE)
Malabo (NE)
Malé (NW)
Manama (NW)
Maputo (NN)
Maseru (NN)
Mbabane (NN)
Mogadishu (NN)
Monaco (SE)
Moroni (NN)
Moscow (SS)
Muscat (NW)
Nairobi (NN)
N'Djamena (NE)
New Delhi (WW)
Nicosia (SE)
Oslo (SE)
Paris (SE)
Podgorica (SE)
Porto-Novo (NE)
Prague (SE)
Pretoria (NN)
Pristina (SE)
Pyongyang (WW)
Rabat (EE)
Reykjavík (SE)
Riyadh (NW)
Rome (SE)
San Marino (SE)
Sana'a (NN)
São Tomé (NE)
Sarajevo (SE)
Seoul (WW)
Skopje (SE)
Sofia (SE)
Stockholm (SE)
Tashkent (WW)
Tbilisi (SW)
Tehran (WW)
Thimphu (WW)
Tirana (SE)
Tripoli (EE)
Tunis (EE)
Vaduz (SE)
Valletta (EE)
Vatican City (SE)
Vienna (SE)
Warsaw (SE)
Yaoundé (NE)
Yerevan (SW)
Zagreb (SE)
Damascus
93%
Abu Dhabi (NW)
Abuja (NE)
Addis Ababa (NW)
Algiers (EE)
Amman (NW)
Amsterdam (SE)
Andorra la Vella (EE)
Ankara (WW)
Ashgabat (WW)
Asmara (NW)
Astana (WW)
Baghdad (WW)
Baku (WW)
Bamako (NE)
Bangui (NN)
Beijing (WW)
Beirut (NW)
Berlin (SE)
Bern (SE)
Bishkek (WW)
Bissau (NE)
Bratislava (SE)
Brussels (SE)
Bucharest (SS)
Bujumbura (NN)
Cairo (NW)
Chișinău (SW)
Conakry (NE)
Copenhagen (SE)
Damascus (NW)
Djibouti (NW)
Doha (NW)
Dublin (SE)
Dushanbe (WW)
Freetown (NE)
Gaborone (NN)
Harare (NN)
Helsinki (SS)
Islamabad (WW)
Jerusalem (NW)
Juba (NN)
Kabul (WW)
Khartoum (NN)
Kiev (SS)
Kigali (NN)
Kuwait City (NW)
Lisbon (EE)
Ljubljana (SE)
London (SE)
Lusaka (NN)
Luxembourg (SE)
Madrid (EE)
Malé (NW)
Manama (NW)
Maputo (NN)
Maseru (NN)
Mbabane (NN)
Minsk (SS)
Monaco (SE)
Monrovia (NE)
Moscow (SW)
Muscat (NW)
N'Djamena (NN)
Niamey (NE)
Nicosia (WW)
Ottawa (EE)
Ouagadougou (NE)
Paris (SE)
Podgorica (SE)
Prague (SE)
Pretoria (NN)
Rabat (EE)
Reykjavík (SE)
Riga (SS)
Riyadh (NW)
Rome (SE)
San Marino (SE)
Sana'a (NW)
Sarajevo (SE)
Skopje (SE)
Tallinn (SS)
Tashkent (WW)
Tbilisi (WW)
Tehran (WW)
Tirana (SE)
Tripoli (NE)
Tunis (EE)
Ulaanbaatar (WW)
Vaduz (SE)
Valletta (EE)
Vatican City (SE)
Vienna (SE)
Vilnius (SS)
Windhoek (NN)
Yamoussoukro (NE)
Yaoundé (NN)
Yerevan (WW)
Zagreb (SE)
Athens
93%
Abuja (NW)
Accra (NN)
Algiers (WW)
Amman (WW)
Amsterdam (SW)
Andorra la Vella (SW)
Ankara (WW)
Ashgabat (WW)
Athens (WW)
Baghdad (WW)
Baku (WW)
Bamako (NN)
Bangui (NW)
Banjul (NE)
Beirut (WW)
Belgrade (SW)
Berlin (SW)
Bern (SW)
Bishkek (WW)
Bissau (NN)
Brasília (NE)
Bratislava (SW)
Brussels (SW)
Bucharest (WW)
Budapest (SW)
Bujumbura (NW)
Cairo (WW)
Chișinău (SW)
Conakry (NN)
Copenhagen (SW)
Dakar (NE)
Damascus (WW)
Dodoma (NW)
Doha (WW)
Dublin (SS)
Dushanbe (WW)
Freetown (NN)
Havana (EE)
Helsinki (SW)
Islamabad (WW)
Jerusalem (WW)
Juba (NW)
Kabul (WW)
Kampala (NW)
Kiev (SW)
Kigali (NW)
Kuwait City (WW)
Lilongwe (NW)
Ljubljana (SW)
Lomé (NN)
London (SS)
Luxembourg (SW)
Madrid (SS)
Malabo (NW)
Manama (WW)
Minsk (SW)
Monaco (SW)
Monrovia (NN)
Moroni (NW)
Moscow (SW)
Nairobi (NW)
Nassau (EE)
N'Djamena (NW)
New Delhi (WW)
Niamey (NN)
Nicosia (WW)
Nouakchott (NE)
Oslo (SW)
Ouagadougou (NN)
Paris (SW)
Podgorica (WW)
Porto-Novo (NN)
Prague (SW)
Praia (NE)
Pristina (WW)
Riga (SW)
Rome (SW)
San Marino (SW)
São Tomé (NN)
Sarajevo (SW)
Skopje (WW)
Sofia (WW)
Stockholm (SW)
Tallinn (SW)
Tashkent (WW)
Tehran (WW)
Tirana (WW)
Tripoli (WW)
Tunis (WW)
Vaduz (SW)
Valletta (WW)
Vatican City (SW)
Vienna (SW)
Vilnius (SW)
Warsaw (SW)
Washington D.C. (EE)
Yamoussoukro (NN)
Yaoundé (NW)
Yerevan (WW)
Zagreb (SW)
Rabat
92%
Abu Dhabi (NW)
Abuja (NE)
Accra (NE)
Addis Ababa (NN)
Algiers (EE)
Amman (NE)
Amsterdam (SE)
Andorra la Vella (EE)
Ankara (EE)
Antananarivo (NN)
Ashgabat (WW)
Asmara (NN)
Astana (SW)
Athens (EE)
Baghdad (NN)
Baku (WW)
Beijing (WW)
Beirut (NE)
Belgrade (EE)
Berlin (SE)
Bern (EE)
Bishkek (WW)
Bratislava (EE)
Brussels (EE)
Bucharest (EE)
Budapest (EE)
Cairo (NE)
Chișinău (SE)
Colombo (NW)
Copenhagen (SE)
Damascus (NE)
Djibouti (NN)
Dodoma (NN)
Doha (NN)
Dushanbe (WW)
Helsinki (SE)
Islamabad (WW)
Jerusalem (NE)
Kabul (WW)
Kathmandu (WW)
Khartoum (NE)
Kiev (SE)
Kuala Lumpur (NW)
Kuwait City (NN)
Libreville (NE)
Lisbon (EE)
Ljubljana (EE)
Lomé (NE)
London (EE)
Luxembourg (EE)
Madrid (EE)
Malabo (NE)
Malé (NW)
Manama (NN)
Maputo (NN)
Minsk (SE)
Mogadishu (NN)
Monaco (EE)
Moroni (NN)
Muscat (NW)
Nairobi (NN)
N'Djamena (NE)
New Delhi (NW)
Niamey (NE)
Nicosia (NE)
Oslo (SE)
Paris (EE)
Podgorica (EE)
Porto-Novo (NE)
Prague (SE)
Pristina (EE)
Pyongyang (WW)
Rabat (EE)
Riga (SE)
Riyadh (NN)
Rome (EE)
San Marino (EE)
Sana'a (NN)
São Tomé (NE)
Sarajevo (EE)
Seoul (WW)
Singapore (NW)
Skopje (EE)
Sofia (EE)
Stockholm (SE)
Tallinn (SE)
Tashkent (WW)
Tbilisi (any)
Tehran (NW)
Tirana (EE)
Tokyo (WW)
Tripoli (EE)
Tunis (EE)
Ulaanbaatar (WW)
Vaduz (EE)
Valletta (EE)
Vatican City (EE)
Vienna (EE)
Vilnius (SE)
Warsaw (SE)
Yamoussoukro (NE)
Yaoundé (NE)
Zagreb (EE)
Yerevan
92%
Abu Dhabi (SW)
Abuja (EE)
Accra (EE)
Addis Ababa (NW)
Algiers (SE)
Amman (SS)
Andorra la Vella (SE)
Ankara (SS)
Ashgabat (SW)
Asmara (WW)
Astana (SW)
Baghdad (SW)
Baku (SW)
Bamako (EE)
Bangkok (WW)
Bangui (NE)
Banjul (EE)
Beirut (SS)
Bishkek (SW)
Bissau (EE)
Brazzaville (NE)
Bujumbura (NN)
Conakry (EE)
Dakar (EE)
Damascus (SS)
Dhaka (WW)
Djibouti (WW)
Dodoma (NN)
Doha (SW)
Dublin (SE)
Dushanbe (SW)
Freetown (EE)
Gaborone (NN)
Hanoi (WW)
Harare (NN)
Jerusalem (SS)
Juba (NN)
Kampala (NN)
Kigali (NN)
Kinshasa (NE)
Kuwait City (SW)
Libreville (NE)
Lilongwe (NN)
Ljubljana (SE)
Lomé (EE)
London (SE)
Luanda (NE)
Lusaka (NN)
Madrid (SE)
Malabo (NE)
Manama (SW)
Maputo (NN)
Maseru (NN)
Mbabane (NN)
Mogadishu (NW)
Monaco (SE)
Moroni (NN)
Moscow (SS)
Muscat (WW)
Nairobi (NN)
Naypyidaw (WW)
N'Djamena (EE)
Niamey (EE)
Nicosia (SS)
Nouakchott (EE)
Ouagadougou (EE)
Paris (SE)
Phnom Penh (WW)
Podgorica (SE)
Porto-Novo (EE)
Praia (EE)
Pretoria (NN)
Reykjavík (SE)
Riyadh (SW)
Rome (SE)
San Marino (SE)
Sana'a (WW)
São Tomé (NE)
Sarajevo (SE)
Tashkent (SW)
Tbilisi (SS)
Tehran (SW)
Tirana (SE)
Tripoli (SE)
Tunis (SE)
Valletta (SE)
Vatican City (SE)
Victoria (NW)
Vientiane (WW)
Yaoundé (NE)
Yerevan (SW)
Zagreb (SE)
Khartoum
92%
Abu Dhabi (NW)
Algiers (NE)
Amman (NW)
Amsterdam (EE)
Andorra la Vella (NE)
Ankara (NW)
Ashgabat (NW)
Astana (WW)
Athens (NN)
Baghdad (NW)
Baku (NW)
Bangui (NN)
Banjul (NE)
Beirut (NW)
Belgrade (NN)
Berlin (EE)
Bern (NE)
Bissau (NE)
Bratislava (NE)
Brazzaville (NN)
Brussels (EE)
Bucharest (NW)
Budapest (NN)
Bujumbura (NN)
Cairo (NN)
Chișinău (NW)
Colombo (NW)
Copenhagen (SE)
Dakar (NE)
Damascus (NW)
Doha (NW)
Dublin (EE)
Dushanbe (WW)
Harare (NN)
Helsinki (SS)
Jerusalem (NW)
Kiev (WW)
Kigali (NN)
Kinshasa (NN)
Kuwait City (NW)
Lilongwe (NN)
Lisbon (NE)
Ljubljana (NE)
London (EE)
Luanda (NN)
Lusaka (NN)
Luxembourg (EE)
Madrid (NE)
Malé (NW)
Manama (NW)
Minsk (SW)
Monaco (NE)
Moscow (WW)
Muscat (NW)
N'Djamena (NN)
Nicosia (NW)
Nouakchott (NE)
Oslo (SE)
Ottawa (EE)
Paris (EE)
Podgorica (NN)
Prague (NE)
Praia (NE)
Pristina (NN)
Rabat (NE)
Reykjavík (SE)
Riga (SS)
Riyadh (NW)
Rome (NE)
San Marino (NE)
Sarajevo (NN)
Skopje (NN)
Sofia (NN)
Tallinn (SS)
Tashkent (WW)
Tbilisi (NW)
Tehran (NW)
Tirana (NN)
Tripoli (NN)
Tunis (NE)
Ulaanbaatar (WW)
Vaduz (NE)
Valletta (NN)
Vatican City (NE)
Vienna (NE)
Vilnius (SW)
Yaoundé (NN)
Yerevan (NW)
Zagreb (NE)
Warsaw
92%
Abu Dhabi (NW)
Abuja (NE)
Accra (NE)
Addis Ababa (NN)
Algiers (EE)
Amman (NE)
Amsterdam (EE)
Andorra la Vella (EE)
Ankara (EE)
Antananarivo (NN)
Ashgabat (WW)
Asmara (NN)
Astana (SW)
Athens (EE)
Baghdad (NN)
Baku (WW)
Beijing (WW)
Beirut (NE)
Belgrade (EE)
Berlin (SE)
Bern (EE)
Bishkek (WW)
Bratislava (EE)
Brussels (EE)
Bucharest (EE)
Budapest (EE)
Cairo (NE)
Chișinău (SE)
Colombo (NW)
Copenhagen (SE)
Damascus (NE)
Djibouti (NN)
Dodoma (NN)
Doha (NN)
Dublin (EE)
Dushanbe (WW)
Helsinki (SE)
Islamabad (WW)
Jerusalem (NE)
Kabul (WW)
Kathmandu (NW)
Khartoum (NN)
Kiev (SE)
Kuala Lumpur (NW)
Kuwait City (NN)
Libreville (NE)
Lisbon (EE)
Ljubljana (EE)
Lomé (NE)
London (EE)
Luxembourg (EE)
Madrid (EE)
Malabo (NE)
Manama (NN)
Maputo (NN)
Minsk (SE)
Mogadishu (NN)
Monaco (EE)
Monrovia (NE)
Moroni (NN)
Muscat (NW)
Nairobi (NN)
N'Djamena (NE)
New Delhi (NW)
Niamey (NE)
Nicosia (NE)
Oslo (SE)
Ouagadougou (NE)
Paris (EE)
Podgorica (EE)
Porto-Novo (NE)
Prague (EE)
Pristina (EE)
Pyongyang (WW)
Riga (SE)
Riyadh (NN)
Rome (EE)
San Marino (EE)
Sana'a (NN)
São Tomé (NE)
Sarajevo (EE)
Seoul (WW)
Singapore (NW)
Skopje (EE)
Sofia (EE)
Stockholm (SE)
Tallinn (SE)
Tashkent (WW)
Tehran (NW)
Tirana (EE)
Tokyo (WW)
Tripoli (EE)
Tunis (EE)
Ulaanbaatar (WW)
Vaduz (EE)
Valletta (EE)
Vatican City (EE)
Vienna (EE)
Vilnius (SE)
Warsaw (SE)
Yamoussoukro (NE)
Yaoundé (NE)
Yerevan (any)
Zagreb (EE)
Tbilisi
92%
Abuja (NN)
Accra (NN)
Addis Ababa (NW)
Algiers (NW)
Amman (WW)
Amsterdam (SW)
Andorra la Vella (SW)
Ankara (WW)
Ashgabat (WW)
Athens (WW)
Baku (WW)
Bamako (NN)
Banjul (NE)
Beirut (WW)
Belgrade (WW)
Berlin (SW)
Bern (SW)
Bishkek (WW)
Bissau (NN)
Brasília (NE)
Bratislava (SW)
Brussels (SW)
Bucharest (WW)
Budapest (SW)
Cairo (WW)
Chișinău (WW)
Conakry (NN)
Copenhagen (SW)
Dakar (NE)
Damascus (WW)
Dodoma (NW)
Dushanbe (WW)
Freetown (NN)
Helsinki (SW)
Islamabad (WW)
Jerusalem (WW)
Juba (NW)
Kabul (WW)
Kampala (NW)
Kathmandu (WW)
Khartoum (NW)
Kiev (SW)
Kigali (NW)
Lisbon (EE)
Ljubljana (SW)
Lomé (NN)
London (SS)
Luxembourg (SW)
Minsk (SW)
Mogadishu (NW)
Monaco (WW)
Monrovia (NN)
Moroni (NW)
Moscow (SW)
Nairobi (NW)
N'Djamena (NW)
Niamey (NN)
Nicosia (WW)
Nouakchott (NE)
Oslo (SW)
Ottawa (EE)
Ouagadougou (NN)
Paramaribo (NE)
Paris (SW)
Podgorica (WW)
Porto-Novo (NN)
Prague (SW)
Praia (NE)
Pristina (WW)
Rabat (NN)
Reykjavík (SE)
Riga (SW)
Rome (WW)
San Marino (WW)
Sarajevo (WW)
Skopje (WW)
Sofia (WW)
Stockholm (SW)
Tallinn (SW)
Tashkent (WW)
Tbilisi (WW)
Tehran (WW)
Tirana (WW)
Tripoli (NW)
Tunis (WW)
Vaduz (SW)
Valletta (WW)
Vatican City (WW)
Victoria (NW)
Vienna (SW)
Vilnius (SW)
Warsaw (SW)
Washington D.C. (EE)
Yamoussoukro (NN)
Yerevan (WW)
Zagreb (WW)
Madrid
92%
Abuja (NN)
Accra (NN)
Algiers (NN)
Amman (NW)
Andorra la Vella (NE)
Ankara (NW)
Asmara (NW)
Astana (WW)
Athens (NW)
Baghdad (NW)
Baku (WW)
Beijing (WW)
Beirut (NW)
Belgrade (NW)
Berlin (SW)
Bern (NN)
Bishkek (WW)
Bratislava (WW)
Brazzaville (NN)
Brussels (any)
Bucharest (WW)
Budapest (WW)
Cairo (NW)
Chișinău (WW)
Copenhagen (SW)
Damascus (NW)
Djibouti (NW)
Dublin (SE)
Georgetown (NE)
Helsinki (SW)
Jerusalem (NW)
Kiev (WW)
Kinshasa (NN)
Libreville (NN)
Lisbon (NE)
Ljubljana (NW)
Lomé (NN)
London (SE)
Luanda (NN)
Madrid (NE)
Malabo (NN)
Minsk (WW)
Mogadishu (NW)
Monaco (NN)
Moscow (WW)
Niamey (NN)
Nicosia (NW)
Oslo (SS)
Ottawa (EE)
Ouagadougou (NN)
Paramaribo (NE)
Paris (EE)
Podgorica (NW)
Porto-Novo (NN)
Prague (WW)
Praia (NE)
Pristina (NW)
Rabat (NE)
Reykjavík (SE)
Riga (SW)
Riyadh (NW)
Rome (NW)
San Marino (NW)
Sana'a (NW)
São Tomé (NN)
Sarajevo (NW)
Skopje (NW)
Sofia (NW)
Stockholm (SW)
Tallinn (SW)
Tbilisi (WW)
Tehran (NW)
Tirana (NW)
Tripoli (NN)
Tunis (NN)
Ulaanbaatar (WW)
Vaduz (NW)
Valletta (NW)
Vatican City (NW)
Victoria (NW)
Vienna (WW)
Vilnius (SW)
Warsaw (WW)
Yaoundé (NN)
Yerevan (WW)
Zagreb (NW)
Luxembourg
91%
Abuja (WW)
Accra (WW)
Amsterdam (SW)
Asunción (NN)
Bamako (WW)
Banjul (WW)
Belmopan (EE)
Bissau (WW)
Bogotá (NE)
Brasília (NW)
Bridgetown (any)
Brussels (SW)
Buenos Aires (NN)
Caracas (NE)
Castries (any)
Conakry (WW)
Copenhagen (SW)
Dakar (WW)
Dublin (SW)
Freetown (WW)
Georgetown (NW)
Guatemala City (EE)
Havana (SE)
Kingston (EE)
Lima (NE)
Lomé (WW)
London (SW)
Malabo (WW)
Managua (EE)
Mexico City (EE)
Monrovia (WW)
Montevideo (NN)
Nassau (SE)
Niamey (WW)
Nouakchott (WW)
Oslo (SW)
Ouagadougou (WW)
Panama City (EE)
Paramaribo (NW)
Port-au-Prince (SE)
Port-of-Spain (NN)
Porto-Novo (WW)
Praia (WW)
Quito (NE)
Roseau (any)
Saint George's (any)
San José (EE)
San Salvador (EE)
Santo Domingo (SE)
Sucre (NN)
Tegucigalpa (EE)
Washington D.C. (SE)
Yamoussoukro (WW)
Kingstown
91%
Abuja (WW)
Accra (WW)
Amsterdam (SW)
Asunción (NN)
Bamako (WW)
Banjul (WW)
Basseterre (SE)
Belmopan (EE)
Bissau (WW)
Bogotá (NE)
Brasília (NW)
Bridgetown (any)
Buenos Aires (NN)
Caracas (NE)
Conakry (WW)
Copenhagen (SW)
Dakar (WW)
Dublin (SW)
Freetown (WW)
Georgetown (NN)
Guatemala City (EE)
Havana (SE)
Kingston (EE)
Kingstown (any)
Lima (NE)
Lomé (WW)
London (SW)
Malabo (WW)
Managua (EE)
Mexico City (EE)
Monrovia (WW)
Montevideo (NN)
Nassau (SE)
Niamey (WW)
Nouakchott (WW)
Oslo (SW)
Ouagadougou (WW)
Panama City (EE)
Paramaribo (NW)
Port-au-Prince (SE)
Port-of-Spain (NN)
Porto-Novo (WW)
Praia (WW)
Quito (NE)
Roseau (any)
Saint George's (any)
San José (EE)
San Salvador (EE)
Santo Domingo (SE)
Sucre (NN)
Tegucigalpa (EE)
Washington D.C. (SE)
Yamoussoukro (WW)
Castries
91%
Abu Dhabi (SW)
Abuja (EE)
Addis Ababa (NE)
Amman (SE)
Amsterdam (SE)
Andorra la Vella (SE)
Antananarivo (NN)
Ashgabat (SW)
Asmara (EE)
Athens (SE)
Baghdad (SS)
Baku (SS)
Bamako (EE)
Bandar Seri Begawan (WW)
Bangkok (WW)
Bangui (NE)
Banjul (EE)
Beirut (SE)
Belgrade (SE)
Bern (SE)
Bishkek (SW)
Bissau (EE)
Brazzaville (NE)
Brussels (SE)
Bucharest (SE)
Bujumbura (NE)
Cairo (SE)
Colombo (WW)
Conakry (EE)
Dakar (EE)
Djibouti (NN)
Dodoma (NN)
Doha (SW)
Dublin (SE)
Dushanbe (SW)
Freetown (EE)
Hanoi (WW)
Harare (NN)
Islamabad (SW)
Jerusalem (SE)
Juba (NE)
Kabul (SW)
Kampala (NE)
Khartoum (EE)
Kigali (NE)
Kinshasa (NE)
Kuwait City (SS)
Lilongwe (NN)
Ljubljana (SE)
London (SE)
Luanda (NE)
Lusaka (NE)
Luxembourg (SE)
Malé (WW)
Manama (SW)
Mogadishu (NN)
Monaco (SE)
Monrovia (EE)
Moroni (NN)
Muscat (SW)
Nairobi (NE)
Naypyidaw (WW)
N'Djamena (EE)
New Delhi (SW)
Niamey (EE)
Nicosia (SE)
Nouakchott (EE)
Ouagadougou (EE)
Paris (SE)
Phnom Penh (WW)
Podgorica (SE)
Prague (SE)
Praia (EE)
Pristina (SE)
Reykjavík (SE)
Riyadh (SS)
Rome (SE)
San Marino (SE)
Sarajevo (SE)
Skopje (SE)
Sofia (SE)
Tashkent (SW)
Tbilisi (SS)
Tehran (SS)
Tirana (SE)
Tripoli (SE)
Tunis (SE)
Vaduz (SE)
Valletta (SE)
Vatican City (SE)
Victoria (NW)
Vienna (SE)
Vientiane (WW)
Windhoek (NE)
Yamoussoukro (EE)
Yaoundé (EE)
Yerevan (SS)
Zagreb (SE)
Sana'a
91%
Abuja (WW)
Accra (WW)
Asunción (NN)
Bamako (WW)
Banjul (WW)
Basseterre (SE)
Belmopan (EE)
Bissau (WW)
Bogotá (NE)
Brasília (NW)
Bridgetown (NW)
Buenos Aires (NN)
Caracas (NE)
Castries (any)
Conakry (WW)
Copenhagen (SW)
Dakar (WW)
Dublin (SW)
Freetown (WW)
Georgetown (NN)
Guatemala City (EE)
Havana (EE)
Kingston (EE)
Kingstown (any)
Lima (NE)
Lomé (WW)
London (SW)
Malabo (WW)
Managua (EE)
Mexico City (EE)
Montevideo (NN)
Nassau (SE)
Niamey (WW)
Nouakchott (WW)
Oslo (SW)
Ouagadougou (WW)
Panama City (EE)
Paramaribo (NW)
Port-au-Prince (EE)
Port-of-Spain (NN)
Porto-Novo (WW)
Praia (WW)
Quito (NE)
Saint George's (NN)
Saint John's (any)
San José (EE)
San Salvador (EE)
Santo Domingo (EE)
Stockholm (SW)
Sucre (NN)
Tegucigalpa (EE)
Washington D.C. (SE)
Yamoussoukro (WW)
Roseau
91%
Abu Dhabi (SW)
Abuja (EE)
Accra (EE)
Addis Ababa (NE)
Amsterdam (SE)
Andorra la Vella (SE)
Antananarivo (NN)
Ashgabat (SW)
Asmara (SE)
Athens (SE)
Baghdad (SS)
Baku (SS)
Bamako (EE)
Bandar Seri Begawan (WW)
Bangkok (WW)
Bangui (EE)
Banjul (EE)
Bern (SE)
Bishkek (SW)
Bissau (EE)
Brazzaville (NE)
Brussels (SE)
Bucharest (SE)
Bujumbura (NE)
Cairo (SE)
Colombo (WW)
Conakry (EE)
Dakar (EE)
Dodoma (NE)
Doha (SW)
Dublin (SE)
Dushanbe (SW)
Freetown (EE)
Hanoi (WW)
Harare (NN)
Islamabad (SW)
Juba (NE)
Kabul (SW)
Kampala (NE)
Khartoum (EE)
Kigali (NE)
Kinshasa (NE)
Kuala Lumpur (WW)
Kuwait City (SS)
Libreville (EE)
Lilongwe (NN)
Ljubljana (SE)
Lomé (EE)
London (SE)
Lusaka (NE)
Luxembourg (SE)
Malabo (EE)
Malé (WW)
Manama (SW)
Mogadishu (NN)
Monaco (SE)
Monrovia (EE)
Moroni (NN)
Muscat (SW)
Nairobi (NE)
Naypyidaw (WW)
N'Djamena (EE)
Niamey (EE)
Nouakchott (EE)
Ouagadougou (EE)
Paris (SE)
Phnom Penh (WW)
Port Louis (NW)
Porto-Novo (EE)
Praia (EE)
Reykjavík (SE)
Riyadh (SS)
Rome (SE)
San Marino (SE)
Sana'a (SS)
Singapore (WW)
Skopje (SE)
Sofia (SE)
Tashkent (SW)
Tbilisi (SS)
Tehran (SS)
Tripoli (SE)
Tunis (SE)
Vaduz (SE)
Valletta (SE)
Vatican City (SE)
Victoria (NW)
Vientiane (WW)
Windhoek (NE)
Yamoussoukro (EE)
Yaoundé (EE)
Yerevan (SS)
Djibouti
91%
Algiers (NE)
Amman (NW)
Amsterdam (SE)
Andorra la Vella (EE)
Ankara (NW)
Ashgabat (WW)
Astana (WW)
Athens (NW)
Baghdad (NW)
Baku (WW)
Bangui (NN)
Banjul (NE)
Beijing (WW)
Beirut (NW)
Belgrade (WW)
Bern (EE)
Bishkek (WW)
Bissau (NE)
Bratislava (SS)
Brazzaville (NN)
Brussels (SE)
Bucharest (WW)
Budapest (SW)
Cairo (NW)
Chișinău (WW)
Conakry (NE)
Dakar (NE)
Damascus (NW)
Doha (NW)
Dublin (SE)
Gaborone (NN)
Helsinki (SS)
Jerusalem (NW)
Khartoum (NW)
Kiev (SW)
Kinshasa (NN)
Kuwait City (NW)
Libreville (NN)
Lisbon (EE)
Ljubljana (any)
London (SE)
Luanda (NN)
Luxembourg (SE)
Madrid (EE)
Malabo (NN)
Malé (NW)
Manama (NW)
Minsk (SW)
Monaco (EE)
Moscow (SW)
N'Djamena (NN)
Niamey (NN)
Nicosia (NW)
Nouakchott (NE)
Ottawa (EE)
Paris (EE)
Podgorica (NW)
Praia (NE)
Pristina (NW)
Rabat (NE)
Reykjavík (SE)
Riga (SW)
Riyadh (NW)
Rome (NE)
San Marino (NE)
Sana'a (NW)
Sarajevo (NW)
Skopje (NW)
Sofia (NW)
Stockholm (SS)
Tallinn (SS)
Tashkent (WW)
Tbilisi (WW)
Tehran (WW)
Tirana (NW)
Tripoli (NN)
Tunis (NE)
Ulaanbaatar (WW)
Vaduz (EE)
Valletta (NN)
Vatican City (NE)
Victoria (NW)
Vienna (SS)
Vilnius (SW)
Warsaw (SW)
Washington D.C. (EE)
Windhoek (NN)
Yaoundé (NN)
Yerevan (WW)
Zagreb
91%
Abuja (SE)
Accra (EE)
Addis Ababa (WW)
Algiers (SE)
Amman (SW)
Antananarivo (NW)
Ashgabat (SW)
Asmara (SW)
Astana (SW)
Athens (SS)
Baghdad (SW)
Baku (SW)
Bamako (EE)
Banjul (EE)
Beirut (SW)
Belgrade (SS)
Bishkek (SW)
Bissau (EE)
Brazzaville (NN)
Bucharest (SS)
Budapest (SS)
Bujumbura (NW)
Cairo (SW)
Colombo (WW)
Conakry (EE)
Damascus (SW)
Djibouti (WW)
Dodoma (NW)
Dushanbe (SW)
Freetown (EE)
Gaborone (NN)
Harare (NW)
Helsinki (SS)
Jerusalem (SW)
Juba (WW)
Kampala (WW)
Khartoum (SW)
Kigali (NW)
Kinshasa (NN)
Kuwait City (SW)
Libreville (NE)
Lilongwe (NW)
Lisbon (SE)
Lomé (EE)
Luanda (NN)
Lusaka (NW)
Malabo (EE)
Malé (WW)
Manama (SW)
Maputo (NW)
Maseru (NN)
Mbabane (NN)
Minsk (SS)
Mogadishu (WW)
Monrovia (EE)
Moroni (NW)
Nairobi (WW)
N'Djamena (SE)
Niamey (SE)
Nicosia (SW)
Ouagadougou (EE)
Podgorica (SS)
Porto-Novo (EE)
Pretoria (NN)
Pristina (SS)
Rabat (SE)
Riga (SS)
Riyadh (SW)
Sana'a (SW)
São Tomé (EE)
Skopje (SS)
Sofia (SS)
Tallinn (SS)
Tashkent (SW)
Tehran (SW)
Tirana (SS)
Vilnius (SS)
Warsaw (SS)
Windhoek (NN)
Yamoussoukro (EE)
Yaoundé (EE)
Bangui
91%
Abu Dhabi (NN)
Addis Ababa (NN)
Algiers (NE)
Amman (NN)
Amsterdam (EE)
Andorra la Vella (NE)
Ankara (NN)
Ashgabat (NW)
Asmara (NN)
Astana (WW)
Athens (NE)
Baghdad (NN)
Baku (NW)
Bamako (NE)
Bangkok (NW)
Banjul (NE)
Beirut (NN)
Belgrade (NE)
Berlin (EE)
Bern (NE)
Bishkek (NW)
Bissau (NE)
Bratislava (NE)
Brussels (EE)
Bucharest (NE)
Budapest (NE)
Bujumbura (NN)
Cairo (NN)
Chișinău (NE)
Conakry (NE)
Copenhagen (EE)
Dakar (NE)
Damascus (NN)
Dhaka (NW)
Djibouti (NN)
Dodoma (NN)
Doha (NN)
Dublin (EE)
Dushanbe (NW)
Freetown (NE)
Helsinki (SE)
Islamabad (NW)
Jerusalem (NN)
Juba (NN)
Kabul (NW)
Kampala (NN)
Kathmandu (NW)
Khartoum (NN)
Kiev (NE)
Kigali (NN)
Kuwait City (NN)
Lilongwe (NN)
Lisbon (NE)
Ljubljana (NE)
London (EE)
Lusaka (NN)
Luxembourg (EE)
Madrid (NE)
Manama (NN)
Minsk (EE)
Mogadishu (NN)
Monaco (NE)
Monrovia (NE)
Moroni (NN)
Muscat (NW)
Nairobi (NN)
Naypyidaw (NW)
New Delhi (NW)
Nicosia (NN)
Nouakchott (NE)
Oslo (EE)
Ottawa (EE)
Ouagadougou (NE)
Paris (EE)
Phnom Penh (NW)
Podgorica (NE)
Prague (EE)
Praia (NE)
Pristina (NE)
Rabat (NE)
Reykjavík (EE)
Riga (EE)
Riyadh (NN)
Rome (NE)
San Marino (NE)
Sana'a (NN)
Sarajevo (NE)
Skopje (NE)
Sofia (NE)
Stockholm (EE)
Tallinn (SE)
Tashkent (NW)
Tbilisi (NN)
Tehran (NW)
Thimphu (NW)
Tirana (NE)
Tripoli (NE)
Tunis (NE)
Vaduz (NE)
Valletta (NE)
Vatican City (NE)
Vienna (NE)
Vientiane (NW)
Vilnius (EE)
Warsaw (EE)
Yamoussoukro (NE)
Yerevan (NN)
Zagreb (NE)
Moscow
91%
Abu Dhabi (NW)
Algiers (NE)
Amman (NW)
Amsterdam (SE)
Andorra la Vella (NE)
Ankara (NW)
Ashgabat (WW)
Astana (WW)
Athens (NW)
Baghdad (NW)
Baku (WW)
Bangui (NN)
Banjul (NE)
Beijing (WW)
Beirut (NW)
Belgrade (NW)
Berlin (SE)
Bern (EE)
Bishkek (WW)
Bissau (NE)
Bratislava (any)
Brazzaville (NN)
Brussels (EE)
Bucharest (NW)
Budapest (any)
Cairo (NW)
Chișinău (WW)
Colombo (NW)
Dakar (NE)
Damascus (NW)
Doha (NW)
Dublin (EE)
Helsinki (SW)
Jerusalem (NW)
Khartoum (NN)
Kiev (WW)
Kinshasa (NN)
Kuwait City (NW)
Libreville (NN)
Lisbon (NE)
Ljubljana (NE)
London (EE)
Luanda (NN)
Lusaka (NN)
Luxembourg (EE)
Madrid (NE)
Malabo (NN)
Malé (NW)
Manama (NW)
Minsk (SW)
Monaco (NE)
Moscow (SW)
Muscat (NW)
N'Djamena (NN)
Nicosia (NW)
Nouakchott (NE)
Ottawa (EE)
Paris (EE)
Podgorica (NN)
Prague (SE)
Praia (NE)
Pristina (NW)
Rabat (NE)
Reykjavík (SE)
Riga (SW)
Riyadh (NW)
Rome (NE)
San Marino (NE)
Sana'a (NW)
São Tomé (NN)
Sarajevo (NN)
Skopje (NW)
Sofia (NW)
Stockholm (SS)
Tallinn (SW)
Tbilisi (WW)
Tehran (NW)
Tirana (NN)
Tripoli (NN)
Tunis (NN)
Ulaanbaatar (WW)
Vaduz (EE)
Valletta (NN)
Vatican City (NE)
Vilnius (SW)
Warsaw (SW)
Washington D.C. (EE)
Windhoek (NN)
Yaoundé (NN)
Yerevan (WW)
Zagreb (NN)
Vienna
91%
Abu Dhabi (NW)
Algiers (NE)
Amman (NN)
Amsterdam (EE)
Andorra la Vella (NE)
Ankara (NN)
Ashgabat (NW)
Astana (WW)
Athens (NN)
Baghdad (NW)
Baku (NW)
Bangui (NN)
Banjul (NE)
Beirut (NN)
Belgrade (NN)
Berlin (EE)
Bern (NE)
Bishkek (WW)
Bissau (NE)
Bratislava (NE)
Brazzaville (NN)
Brussels (EE)
Bucharest (NN)
Budapest (NE)
Bujumbura (NN)
Cairo (NN)
Chișinău (NN)
Colombo (NW)
Copenhagen (EE)
Dakar (NE)
Damascus (NN)
Dodoma (NN)
Doha (NW)
Dublin (EE)
Dushanbe (NW)
Jerusalem (NN)
Juba (NN)
Kampala (NN)
Khartoum (NN)
Kiev (NW)
Kigali (NN)
Kinshasa (NN)
Kuwait City (NW)
Lilongwe (NN)
Lisbon (NE)
Ljubljana (NE)
London (EE)
Luanda (NN)
Lusaka (NN)
Luxembourg (NE)
Madrid (NE)
Malé (NW)
Manama (NW)
Minsk (any)
Monaco (NE)
Moscow (WW)
Muscat (NW)
Nairobi (NN)
Nicosia (NN)
Nouakchott (NE)
Oslo (SE)
Ottawa (EE)
Paris (EE)
Podgorica (NN)
Prague (NE)
Praia (NE)
Pristina (NN)
Rabat (NE)
Reykjavík (EE)
Riyadh (NW)
Rome (NE)
San Marino (NE)
Sarajevo (NE)
Skopje (NN)
Sofia (NN)
Stockholm (SE)
Tashkent (NW)
Tbilisi (NW)
Tehran (NW)
Tirana (NN)
Tripoli (NN)
Tunis (NE)
Ulaanbaatar (WW)
Vaduz (NE)
Valletta (NN)
Vatican City (NE)
Vienna (NE)
Warsaw (NE)
Yerevan (NW)
Zagreb (NE)
Vilnius
91%
Abuja (NN)
Accra (NE)
Addis Ababa (NW)
Algiers (EE)
Amman (WW)
Amsterdam (SE)
Andorra la Vella (SE)
Ankara (WW)
Ashgabat (WW)
Asmara (NW)
Athens (WW)
Baghdad (WW)
Baku (WW)
Bamako (NE)
Bangui (NN)
Banjul (NE)
Beirut (WW)
Belgrade (SW)
Bern (SE)
Bishkek (WW)
Bissau (NE)
Bratislava (SS)
Brazzaville (NN)
Brussels (SE)
Bucharest (SW)
Budapest (SS)
Cairo (NW)
Chișinău (SW)
Conakry (NE)
Dakar (NE)
Damascus (WW)
Djibouti (NW)
Doha (WW)
Dublin (SE)
Dushanbe (WW)
Freetown (NE)
Helsinki (SS)
Islamabad (WW)
Jerusalem (WW)
Juba (NW)
Kabul (WW)
Kathmandu (WW)
Khartoum (NW)
Kiev (SW)
Kinshasa (NN)
Kuwait City (WW)
Libreville (NN)
Lisbon (EE)
Lomé (NN)
London (SE)
Luanda (NN)
Luxembourg (SE)
Madrid (EE)
Malabo (NN)
Manama (WW)
Minsk (SW)
Mogadishu (NW)
Monaco (SE)
Monrovia (NE)
Moscow (SW)
N'Djamena (NN)
New Delhi (WW)
Niamey (NE)
Nicosia (WW)
Nouakchott (NE)
Ottawa (EE)
Ouagadougou (NE)
Paris (SE)
Podgorica (SW)
Port Louis (NW)
Porto-Novo (NN)
Pristina (SW)
Rabat (EE)
Reykjavík (SE)
Riga (SS)
Riyadh (WW)
Sana'a (NW)
Sarajevo (SS)
Skopje (SW)
Sofia (SW)
Stockholm (SS)
Tallinn (SS)
Tashkent (WW)
Tbilisi (WW)
Tehran (WW)
Thimphu (WW)
Tirana (SW)
Tripoli (NN)
Tunis (EE)
Ulaanbaatar (WW)
Victoria (NW)
Vienna (SS)
Vilnius (SS)
Warsaw (SS)
Washington D.C. (EE)
Windhoek (NN)
Yamoussoukro (NE)
Yaoundé (NN)
Yerevan (WW)
Zagreb (SS)
Valletta
91%
Abu Dhabi (NW)
Abuja (NN)
Algiers (NE)
Amman (NW)
Amsterdam (EE)
Andorra la Vella (NE)
Ankara (NW)
Ashgabat (NW)
Astana (WW)
Athens (NW)
Baghdad (NW)
Baku (NW)
Bangui (NN)
Beirut (NW)
Belgrade (NW)
Bern (NE)
Bratislava (NW)
Brazzaville (NN)
Brussels (EE)
Bucharest (NW)
Budapest (NW)
Cairo (NW)
Chișinău (NW)
Colombo (NW)
Damascus (NW)
Doha (NW)
Dublin (EE)
Helsinki (SW)
Jerusalem (NW)
Kiev (WW)
Kinshasa (NN)
Kuwait City (NW)
Libreville (NN)
Lisbon (NE)
Ljubljana (NN)
London (EE)
Luanda (NN)
Luxembourg (NE)
Madrid (NE)
Malabo (NN)
Malé (NW)
Manama (NW)
Minsk (WW)
Monaco (NE)
Moscow (WW)
Muscat (NW)
N'Djamena (NN)
Nicosia (NW)
Ottawa (EE)
Paris (NE)
Podgorica (NN)
Prague (NN)
Praia (NE)
Pristina (NW)
Pyongyang (WW)
Rabat (NE)
Reykjavík (SE)
Riga (SW)
Riyadh (NW)
Rome (NN)
San Marino (NN)
São Tomé (NN)
Sarajevo (NN)
Skopje (NW)
Sofia (NW)
Stockholm (SS)
Tallinn (SW)
Tbilisi (NW)
Tehran (NW)
Tirana (NN)
Tripoli (NN)
Tunis (NN)
Ulaanbaatar (WW)
Vaduz (NE)
Valletta (NN)
Vatican City (NN)
Vienna (NW)
Vilnius (WW)
Warsaw (WW)
Yaoundé (NN)
Yerevan (NW)
Zagreb (NN)
Berlin
91%
Algiers (WW)
Andorra la Vella (WW)
Basseterre (NW)
Belgrade (WW)
Belmopan (NE)
Bern (WW)
Bogotá (NN)
Bratislava (WW)
Bridgetown (NW)
Bucharest (WW)
Budapest (WW)
Caracas (NN)
Castries (NW)
Chișinău (WW)
Guatemala City (NE)
Havana (NN)
Kiev (WW)
Kingston (NN)
Kingstown (NW)
Lima (NN)
Lisbon (WW)
Ljubljana (WW)
Madrid (WW)
Managua (NN)
Mexico City (NE)
Monaco (WW)
Nassau (NN)
Ottawa (SS)
Panama City (NN)
Paris (WW)
Podgorica (WW)
Port-au-Prince (NN)
Port-of-Spain (NW)
Prague (WW)
Pristina (WW)
Quito (NN)
Rabat (WW)
Reykjavík (SW)
Rome (WW)
Roseau (NW)
Saint George's (NW)
Saint John's (NW)
San José (NN)
San Marino (WW)
San Salvador (NE)
Santo Domingo (NN)
Sarajevo (WW)
Skopje (WW)
Sofia (WW)
Tegucigalpa (NN)
Tirana (WW)
Tripoli (WW)
Tunis (WW)
Vaduz (WW)
Valletta (WW)
Vatican City (WW)
Vienna (WW)
Zagreb (WW)
Washington D.C.
91%
Abu Dhabi (NW)
Abuja (NE)
Accra (NE)
Addis Ababa (NN)
Algiers (EE)
Amman (NN)
Amsterdam (SE)
Andorra la Vella (EE)
Ashgabat (WW)
Asmara (NN)
Astana (SW)
Athens (EE)
Baghdad (NW)
Baku (WW)
Bamako (NE)
Beijing (WW)
Beirut (NN)
Belgrade (SE)
Berlin (SE)
Bern (EE)
Bishkek (WW)
Bratislava (SE)
Brussels (SE)
Bucharest (SE)
Budapest (SE)
Bujumbura (NN)
Cairo (NN)
Colombo (NW)
Conakry (NE)
Copenhagen (SE)
Damascus (NW)
Djibouti (NN)
Dodoma (NN)
Doha (NW)
Dublin (SE)
Dushanbe (WW)
Freetown (NE)
Gaborone (NN)
Harare (NN)
Islamabad (WW)
Jerusalem (NN)
Juba (NN)
Kabul (WW)
Kampala (NN)
Khartoum (NN)
Kigali (NN)
Kuwait City (NW)
Lilongwe (NN)
Lisbon (EE)
Ljubljana (SE)
Lomé (NE)
London (SE)
Lusaka (NN)
Luxembourg (SE)
Madrid (EE)
Malé (NW)
Manama (NW)
Maputo (NN)
Maseru (NN)
Mbabane (NN)
Monaco (EE)
Monrovia (NE)
Moscow (SS)
Muscat (NW)
Nairobi (NN)
N'Djamena (NE)
Niamey (NE)
Nicosia (NN)
Oslo (SE)
Ouagadougou (NE)
Paris (EE)
Podgorica (EE)
Porto-Novo (NE)
Prague (SE)
Pretoria (NN)
Pristina (EE)
Pyongyang (WW)
Rabat (EE)
Reykjavík (SE)
Riyadh (NW)
Rome (EE)
San Marino (EE)
Sana'a (NN)
Sarajevo (EE)
Seoul (WW)
Skopje (EE)
Sofia (EE)
Stockholm (SE)
Tashkent (WW)
Tbilisi (WW)
Tehran (WW)
Tirana (EE)
Tripoli (NE)
Tunis (EE)
Ulaanbaatar (WW)
Vaduz (SE)
Valletta (EE)
Vatican City (EE)
Vienna (SE)
Warsaw (SE)
Yamoussoukro (NE)
Yerevan (WW)
Zagreb (SE)
Ankara
91%
Abu Dhabi (NN)
Addis Ababa (NE)
Algiers (EE)
Amman (EE)
Andorra la Vella (EE)
Ankara (EE)
Antananarivo (NN)
Ashgabat (WW)
Asmara (NE)
Astana (SW)
Athens (EE)
Baghdad (EE)
Bangui (NE)
Beijing (WW)
Beirut (EE)
Belgrade (EE)
Berlin (SE)
Bern (EE)
Bishkek (WW)
Bratislava (SE)
Brazzaville (NE)
Bucharest (SE)
Budapest (SE)
Cairo (EE)
Chișinău (SE)
Colombo (NW)
Copenhagen (SE)
Damascus (EE)
Dhaka (WW)
Djibouti (NN)
Doha (NN)
Dushanbe (WW)
Helsinki (SE)
Islamabad (WW)
Jakarta (NW)
Jerusalem (EE)
Juba (NE)
Kabul (WW)
Kathmandu (WW)
Khartoum (NE)
Kiev (SE)
Kinshasa (NE)
Kuwait City (NE)
Libreville (NE)
Lisbon (EE)
Ljubljana (EE)
Luanda (NE)
Luxembourg (SE)
Madrid (EE)
Malabo (NE)
Manama (NN)
Minsk (SE)
Mogadishu (NN)
Monaco (EE)
Moroni (NN)
Moscow (SE)
Muscat (NW)
N'Djamena (NE)
New Delhi (WW)
Nicosia (EE)
Oslo (SE)
Podgorica (EE)
Port Louis (NN)
Prague (SE)
Pristina (EE)
Pyongyang (WW)
Rabat (EE)
Riga (SE)
Riyadh (NN)
Rome (EE)
San Marino (EE)
Sana'a (NN)
São Tomé (NE)
Sarajevo (EE)
Seoul (WW)
Singapore (NW)
Skopje (EE)
Sofia (EE)
Stockholm (SE)
Tallinn (SE)
Tashkent (WW)
Tbilisi (SE)
Thimphu (WW)
Tirana (EE)
Tokyo (WW)
Tripoli (EE)
Tunis (EE)
Vaduz (EE)
Valletta (EE)
Vatican City (EE)
Victoria (NN)
Vienna (SE)
Vilnius (SE)
Warsaw (SE)
Yaoundé (NE)
Yerevan (SE)
Zagreb (EE)
Tehran
91%
Abuja (NN)
Accra (NE)
Addis Ababa (NW)
Algiers (SE)
Amman (WW)
Andorra la Vella (SE)
Ankara (SW)
Ashgabat (WW)
Asmara (NW)
Athens (SW)
Baghdad (WW)
Baku (WW)
Bamako (NE)
Bangui (NN)
Banjul (NE)
Beirut (WW)
Belgrade (SW)
Berlin (SS)
Bissau (NE)
Bratislava (SS)
Brazzaville (NN)
Bucharest (SW)
Budapest (SS)
Cairo (WW)
Chișinău (SW)
Conakry (NE)
Dakar (NE)
Damascus (WW)
Dhaka (WW)
Djibouti (NW)
Doha (WW)
Dublin (SE)
Dushanbe (WW)
Freetown (NE)
Helsinki (SS)
Islamabad (WW)
Jerusalem (WW)
Juba (NW)
Kabul (WW)
Kathmandu (WW)
Khartoum (NW)
Kiev (SW)
Kinshasa (NN)
Kuwait City (WW)
Libreville (NN)
Lisbon (EE)
Ljubljana (SS)
Lomé (NE)
London (SE)
Luanda (NN)
Madrid (SE)
Malabo (NN)
Manama (WW)
Minsk (SW)
Mogadishu (NW)
Monaco (SE)
Monrovia (NE)
Moscow (SW)
N'Djamena (NN)
New Delhi (WW)
Niamey (NE)
Nicosia (WW)
Nouakchott (NE)
Ouagadougou (NE)
Paris (SE)
Podgorica (SW)
Port Louis (NW)
Porto-Novo (NN)
Prague (SS)
Pristina (SW)
Rabat (EE)
Reykjavík (SE)
Riga (SS)
Riyadh (WW)
Sana'a (NW)
São Tomé (NN)
Sarajevo (SS)
Skopje (SW)
Sofia (SW)
Stockholm (SS)
Tallinn (SS)
Tbilisi (WW)
Tehran (WW)
Thimphu (WW)
Tirana (SW)
Tunis (SE)
Valletta (SS)
Victoria (NW)
Vienna (SS)
Vilnius (SS)
Warsaw (SS)
Washington D.C. (EE)
Windhoek (NN)
Yamoussoukro (NE)
Yaoundé (NN)
Yerevan (WW)
Zagreb (SS)
Tripoli
89%
Abu Dhabi (NW)
Abuja (NN)
Algiers (NE)
Amman (NW)
Amsterdam (EE)
Andorra la Vella (NE)
Ankara (NW)
Ashgabat (WW)
Astana (WW)
Athens (NW)
Baghdad (NW)
Baku (WW)
Bangui (NN)
Beijing (WW)
Beirut (NW)
Belgrade (NW)
Bern (NE)
Bishkek (WW)
Bratislava (NW)
Brazzaville (NN)
Brussels (EE)
Bucharest (NW)
Budapest (NW)
Cairo (NW)
Chișinău (WW)
Colombo (NW)
Dakar (NE)
Damascus (NW)
Doha (NW)
Dublin (EE)
Helsinki (SW)
Jerusalem (NW)
Kiev (WW)
Kinshasa (NN)
Kuwait City (NW)
Libreville (NN)
Lisbon (NE)
Ljubljana (NN)
London (EE)
Luanda (NN)
Luxembourg (EE)
Madrid (NE)
Malabo (NN)
Malé (NW)
Manama (NW)
Minsk (SW)
Monaco (NE)
Moscow (WW)
Muscat (NW)
N'Djamena (NN)
Nicosia (NW)
Nouakchott (NE)
Ottawa (EE)
Paris (EE)
Podgorica (NW)
Praia (NE)
Pristina (NW)
Rabat (NE)
Reykjavík (SE)
Riga (SW)
Riyadh (NW)
Rome (NN)
San Marino (NN)
Sana'a (NW)
São Tomé (NN)
Sarajevo (NW)
Skopje (NW)
Sofia (NW)
Stockholm (SS)
Tallinn (SW)
Tbilisi (WW)
Tehran (NW)
Tirana (NW)
Tripoli (NN)
Tunis (NN)
Ulaanbaatar (WW)
Vaduz (NE)
Valletta (NN)
Vatican City (NN)
Vienna (NW)
Vilnius (SW)
Warsaw (SW)
Washington D.C. (EE)
Yaoundé (NN)
Yerevan (NW)
Zagreb (NN)
Prague
89%
Algiers (NE)
Amman (NN)
Amsterdam (EE)
Andorra la Vella (NE)
Ankara (NN)
Ashgabat (NW)
Astana (WW)
Athens (NN)
Baghdad (NW)
Baku (NW)
Bangkok (NW)
Bangui (NN)
Banjul (NE)
Beirut (NN)
Belgrade (NN)
Berlin (NE)
Bern (NE)
Bishkek (NW)
Bratislava (NE)
Brazzaville (NN)
Brussels (NE)
Bucharest (NN)
Budapest (NN)
Bujumbura (NN)
Cairo (NN)
Chișinău (NN)
Colombo (NW)
Copenhagen (EE)
Dakar (NE)
Damascus (NN)
Dodoma (NN)
Dublin (EE)
Dushanbe (NW)
Helsinki (SS)
Jerusalem (NN)
Juba (NN)
Kabul (NW)
Kampala (NN)
Khartoum (NN)
Kiev (NW)
Kigali (NN)
Kinshasa (NN)
Kuwait City (NW)
Lilongwe (NN)
Lisbon (NE)
Ljubljana (NE)
London (EE)
Luanda (NN)
Luxembourg (NE)
Madrid (NE)
Malé (NW)
Minsk (NW)
Monaco (NE)
Moscow (WW)
Muscat (NW)
N'Djamena (NN)
New Delhi (NW)
Nicosia (NN)
Nouakchott (NE)
Oslo (SE)
Paris (NE)
Podgorica (NN)
Prague (NE)
Praia (NE)
Pristina (NN)
Rabat (NE)
Reykjavík (EE)
Rome (NE)
San Marino (NE)
Sarajevo (NN)
Skopje (NN)
Sofia (NN)
Stockholm (SE)
Tallinn (SS)
Tashkent (NW)
Tbilisi (NW)
Tehran (NW)
Tirana (NN)
Tripoli (NN)
Tunis (NE)
Vaduz (NE)
Valletta (NN)
Vatican City (NE)
Vienna (NE)
Vilnius (NN)
Warsaw (NN)
Yerevan (NW)
Zagreb (NE)
Riga
89%
Abu Dhabi (NW)
Abuja (NE)
Addis Ababa (NN)
Algiers (EE)
Amman (EE)
Amsterdam (SE)
Andorra la Vella (EE)
Ankara (SE)
Antananarivo (NN)
Ashgabat (WW)
Asmara (NN)
Astana (SW)
Athens (EE)
Baku (SW)
Bangui (NE)
Beijing (WW)
Beirut (EE)
Belgrade (SE)
Berlin (SE)
Bern (SE)
Bishkek (WW)
Bratislava (SE)
Brazzaville (NE)
Brussels (SE)
Bucharest (SE)
Budapest (SE)
Cairo (EE)
Chișinău (SE)
Colombo (NW)
Copenhagen (SE)
Damascus (EE)
Djibouti (NN)
Doha (NW)
Dushanbe (WW)
Helsinki (SE)
Islamabad (WW)
Jerusalem (EE)
Juba (NE)
Kabul (WW)
Kampala (NN)
Kathmandu (WW)
Khartoum (NE)
Kiev (SE)
Kinshasa (NE)
Kuwait City (NW)
Libreville (NE)
Lisbon (EE)
Ljubljana (SE)
Luanda (NE)
Luxembourg (SE)
Malabo (NE)
Malé (NW)
Manama (NW)
Minsk (SE)
Mogadishu (NN)
Monaco (EE)
Moroni (NN)
Muscat (NW)
Nairobi (NN)
N'Djamena (NE)
New Delhi (WW)
Nicosia (EE)
Oslo (SE)
Paris (SE)
Podgorica (SE)
Prague (SE)
Pristina (SE)
Pyongyang (WW)
Rabat (EE)
Reykjavík (SE)
Riga (SE)
Riyadh (NN)
Rome (EE)
San Marino (SE)
Sana'a (NN)
São Tomé (NE)
Sarajevo (SE)
Seoul (WW)
Skopje (SE)
Sofia (SE)
Stockholm (SE)
Taipei (WW)
Tallinn (SE)
Tashkent (WW)
Tbilisi (SS)
Tehran (WW)
Thimphu (WW)
Tirana (EE)
Tripoli (EE)
Tunis (EE)
Vaduz (SE)
Valletta (EE)
Vatican City (EE)
Vienna (SE)
Vilnius (SE)
Warsaw (SE)
Yaoundé (NE)
Yerevan (SS)
Zagreb (SE)
Baghdad
89%
Abu Dhabi (NN)
Abuja (NE)
Accra (NE)
Addis Ababa (NN)
Algiers (EE)
Amman (NE)
Amsterdam (EE)
Andorra la Vella (EE)
Ankara (EE)
Antananarivo (NN)
Ashgabat (WW)
Asmara (NN)
Astana (SW)
Athens (EE)
Baghdad (NE)
Bangui (NE)
Beijing (WW)
Beirut (NE)
Belgrade (EE)
Berlin (SE)
Bern (EE)
Bishkek (WW)
Bratislava (EE)
Brazzaville (NE)
Brussels (EE)
Bucharest (EE)
Budapest (EE)
Cairo (NE)
Chișinău (SE)
Colombo (NW)
Copenhagen (SE)
Damascus (NE)
Djibouti (NN)
Doha (NN)
Dushanbe (WW)
Helsinki (SE)
Islamabad (WW)
Jakarta (NW)
Jerusalem (NE)
Kabul (WW)
Kathmandu (NW)
Khartoum (NE)
Kiev (SE)
Kinshasa (NE)
Kuala Lumpur (NW)
Kuwait City (NN)
Libreville (NE)
Lisbon (EE)
Ljubljana (EE)
Lomé (NE)
London (EE)
Luxembourg (EE)
Madrid (EE)
Malabo (NE)
Manama (NN)
Minsk (SE)
Mogadishu (NN)
Monaco (EE)
Moroni (NN)
Moscow (SE)
Muscat (NW)
N'Djamena (NE)
New Delhi (NW)
Nicosia (EE)
Oslo (SE)
Paris (EE)
Podgorica (EE)
Port Louis (NN)
Porto-Novo (NE)
Prague (EE)
Pristina (EE)
Pyongyang (WW)
Rabat (EE)
Riga (SE)
Riyadh (NN)
Rome (EE)
San Marino (EE)
Sana'a (NN)
São Tomé (NE)
Sarajevo (EE)
Seoul (WW)
Singapore (NW)
Skopje (EE)
Sofia (EE)
Stockholm (SE)
Tallinn (SE)
Tashkent (WW)
Tbilisi (EE)
Tehran (NN)
Thimphu (WW)
Tirana (EE)
Tokyo (WW)
Tripoli (EE)
Tunis (EE)
Vaduz (EE)
Valletta (EE)
Vatican City (EE)
Victoria (NN)
Vienna (EE)
Vilnius (SE)
Warsaw (SE)
Yaoundé (NE)
Yerevan (EE)
Zagreb (EE)
Baku
89%
Abuja (NN)
Algiers (NE)
Amman (NW)
Amsterdam (SE)
Andorra la Vella (NE)
Ankara (NW)
Asmara (NW)
Astana (WW)
Athens (NW)
Baghdad (NW)
Baku (WW)
Beijing (WW)
Beirut (NW)
Belgrade (WW)
Berlin (SW)
Bern (any)
Bishkek (WW)
Bratislava (WW)
Brazzaville (NN)
Brussels (SE)
Bucharest (WW)
Budapest (WW)
Cairo (NW)
Chișinău (WW)
Copenhagen (SS)
Damascus (NW)
Djibouti (NW)
Dublin (SE)
Helsinki (SW)
Jerusalem (NW)
Kiev (WW)
Kinshasa (NN)
Kuwait City (NW)
Libreville (NN)
Lisbon (NE)
Ljubljana (WW)
Lomé (NN)
London (SE)
Luanda (NN)
Luxembourg (SE)
Madrid (NE)
Malabo (NN)
Malé (NW)
Minsk (SW)
Monaco (NE)
Moscow (SW)
N'Djamena (NN)
Niamey (NN)
Nicosia (NW)
Nouakchott (NE)
Oslo (SS)
Ottawa (EE)
Ouagadougou (NN)
Paramaribo (NE)
Paris (EE)
Podgorica (NW)
Porto-Novo (NN)
Prague (SW)
Praia (NE)
Pristina (NW)
Rabat (NE)
Reykjavík (SE)
Riga (SW)
Riyadh (NW)
Rome (NN)
San Marino (NW)
Sana'a (NW)
São Tomé (NN)
Sarajevo (NW)
Skopje (NW)
Sofia (NW)
Stockholm (SW)
Tallinn (SW)
Tashkent (WW)
Tbilisi (WW)
Tehran (WW)
Tirana (NW)
Tripoli (NN)
Tunis (NN)
Ulaanbaatar (WW)
Valletta (NN)
Vatican City (NN)
Victoria (NW)
Vienna (WW)
Vilnius (SW)
Warsaw (SW)
Washington D.C. (EE)
Windhoek (NN)
Yaoundé (NN)
Yerevan (WW)
Zagreb (WW)
Vaduz
89%
Abu Dhabi (WW)
Addis Ababa (NE)
Amman (SE)
Amsterdam (SE)
Ankara (SE)
Antananarivo (NN)
Ashgabat (SW)
Asmara (NE)
Astana (SW)
Athens (SE)
Baku (SS)
Bangui (NE)
Beirut (SE)
Belgrade (SE)
Berlin (SE)
Bern (SE)
Bishkek (SW)
Bratislava (SE)
Brazzaville (NE)
Brussels (SE)
Bucharest (SE)
Budapest (SE)
Bujumbura (NE)
Cairo (EE)
Chișinău (SE)
Copenhagen (SE)
Dakar (EE)
Damascus (SE)
Dhaka (WW)
Djibouti (NN)
Dodoma (NN)
Doha (WW)
Dublin (SE)
Dushanbe (SW)
Hanoi (WW)
Islamabad (WW)
Jerusalem (SE)
Juba (NE)
Kabul (SW)
Kampala (NE)
Kathmandu (WW)
Khartoum (NE)
Kiev (SE)
Kigali (NE)
Kinshasa (NE)
Kuwait City (SS)
Ljubljana (SE)
London (SE)
Luanda (NE)
Luxembourg (SE)
Malé (NW)
Manama (SW)
Manila (WW)
Minsk (SE)
Mogadishu (NN)
Moroni (NN)
Muscat (WW)
Nairobi (NN)
Naypyidaw (WW)
N'Djamena (NE)
New Delhi (WW)
Nicosia (SE)
Nouakchott (EE)
Oslo (SE)
Podgorica (SE)
Prague (SE)
Praia (EE)
Pristina (SE)
Reykjavík (SE)
Rome (SE)
San Marino (SE)
Sana'a (NN)
Sarajevo (SE)
Skopje (SE)
Sofia (SE)
Taipei (WW)
Tashkent (SW)
Tehran (SS)
Thimphu (WW)
Tirana (SE)
Tripoli (EE)
Tunis (EE)
Vaduz (SE)
Valletta (EE)
Vatican City (SE)
Victoria (NN)
Vienna (SE)
Vientiane (WW)
Vilnius (SE)
Warsaw (SE)
Zagreb (SE)
Riyadh
89%
Abu Dhabi (NW)
Algiers (NE)
Amman (NN)
Amsterdam (EE)
Andorra la Vella (EE)
Ankara (NN)
Ashgabat (NW)
Asmara (NN)
Astana (WW)
Athens (NE)
Baghdad (NW)
Baku (NW)
Bamako (NE)
Banjul (NE)
Beijing (WW)
Beirut (NN)
Belgrade (EE)
Berlin (SE)
Bern (EE)
Bishkek (WW)
Bissau (NE)
Bratislava (EE)
Brussels (EE)
Bucharest (NE)
Budapest (EE)
Bujumbura (NN)
Cairo (NN)
Colombo (NW)
Conakry (NE)
Copenhagen (SE)
Dakar (NE)
Damascus (NW)
Dodoma (NN)
Doha (NW)
Dublin (EE)
Dushanbe (WW)
Freetown (NE)
Gaborone (NN)
Harare (NN)
Islamabad (WW)
Jerusalem (NN)
Juba (NN)
Kabul (WW)
Kampala (NN)
Khartoum (NN)
Kiev (SS)
Kigali (NN)
Kuwait City (NW)
Lilongwe (NN)
Lisbon (EE)
Ljubljana (EE)
London (EE)
Lusaka (NN)
Luxembourg (EE)
Madrid (EE)
Malé (NW)
Manama (NW)
Monaco (EE)
Monrovia (NE)
Moscow (SW)
Muscat (NW)
Nairobi (NN)
Nicosia (NN)
Nouakchott (NE)
Oslo (SE)
Ottawa (EE)
Ouagadougou (NE)
Paris (EE)
Podgorica (NE)
Prague (EE)
Praia (NE)
Pristina (NE)
Pyongyang (WW)
Rabat (NE)
Reykjavík (SE)
Riyadh (NW)
Rome (NE)
San Marino (EE)
Sana'a (NN)
Sarajevo (NE)
Seoul (WW)
Skopje (NE)
Sofia (NE)
Stockholm (SE)
Tashkent (WW)
Tbilisi (NW)
Tehran (NW)
Tirana (NE)
Tripoli (NE)
Tunis (NE)
Ulaanbaatar (WW)
Vaduz (EE)
Valletta (NE)
Vatican City (NE)
Vienna (EE)
Warsaw (SE)
Washington D.C. (EE)
Windhoek (NN)
Yamoussoukro (NE)
Yerevan (NW)
Zagreb (EE)
Chișinău
89%
Abu Dhabi (NW)
Abuja (NN)
Algiers (NN)
Amman (NW)
Amsterdam (NE)
Andorra la Vella (NE)
Ankara (NW)
Ashgabat (NW)
Astana (WW)
Athens (NW)
Baghdad (NW)
Baku (NW)
Bangui (NN)
Beirut (NW)
Belgrade (NW)
Berlin (NN)
Bern (NN)
Bratislava (NN)
Brazzaville (NN)
Bridgetown (NE)
Brussels (NE)
Bucharest (NW)
Budapest (NW)
Cairo (NW)
Castries (NE)
Chișinău (NW)
Colombo (NW)
Damascus (NW)
Doha (NW)
Dublin (EE)
Helsinki (SW)
Jerusalem (NW)
Kiev (NW)
Kingstown (NE)
Kinshasa (NN)
Kuwait City (NW)
Libreville (NN)
Lisbon (NE)
Ljubljana (NN)
London (NE)
Luanda (NN)
Luxembourg (NE)
Madrid (NE)
Malabo (NN)
Malé (NW)
Manama (NW)
Minsk (WW)
Monaco (NN)
Moscow (WW)
Muscat (NW)
N'Djamena (NN)
Nicosia (NW)
Paris (NE)
Podgorica (NN)
Porto-Novo (NN)
Prague (NN)
Pristina (NW)
Rabat (NE)
Reykjavík (SE)
Riga (WW)
Riyadh (NW)
Rome (NN)
Roseau (NE)
Saint George's (NE)
San Marino (NN)
São Tomé (NN)
Sarajevo (NN)
Skopje (NW)
Sofia (NW)
Stockholm (SW)
Tallinn (SW)
Tbilisi (NW)
Tehran (NW)
Tirana (NN)
Tripoli (NN)
Tunis (NN)
Ulaanbaatar (WW)
Vaduz (NN)
Valletta (NN)
Vatican City (NN)
Vienna (NN)
Vilnius (WW)
Warsaw (NW)
Yaoundé (NN)
Yerevan (NW)
Zagreb (NN)
Copenhagen
89%
Abuja (NN)
Accra (NN)
Addis Ababa (NW)
Algiers (NN)
Amman (NW)
Andorra la Vella (NE)
Ankara (WW)
Asmara (NW)
Astana (WW)
Athens (NW)
Baghdad (NW)
Baku (WW)
Beirut (NW)
Belgrade (WW)
Berlin (SW)
Bishkek (WW)
Bratislava (WW)
Brazzaville (NN)
Brussels (SE)
Bucharest (WW)
Budapest (WW)
Cairo (NW)
Chișinău (WW)
Copenhagen (SS)
Damascus (NW)
Djibouti (NW)
Dublin (SE)
Georgetown (NE)
Helsinki (SW)
Jerusalem (NW)
Kiev (WW)
Kinshasa (NN)
Kuwait City (NW)
Libreville (NN)
Lisbon (NE)
Ljubljana (WW)
Lomé (NN)
London (SE)
Luanda (NN)
Madrid (NE)
Malabo (NN)
Malé (NW)
Minsk (SW)
Mogadishu (NW)
Monaco (NN)
Moscow (SW)
N'Djamena (NN)
Niamey (NN)
Nicosia (NW)
Nouakchott (NE)
Oslo (SS)
Ottawa (EE)
Ouagadougou (NN)
Paramaribo (NE)
Paris (SE)
Podgorica (NW)
Porto-Novo (NN)
Prague (SW)
Praia (NE)
Pristina (NW)
Rabat (NE)
Reykjavík (SE)
Riga (SW)
Riyadh (NW)
Rome (NW)
San Marino (NW)
Sana'a (NW)
São Tomé (NN)
Sarajevo (WW)
Skopje (NW)
Sofia (WW)
Stockholm (SW)
Tallinn (SW)
Tashkent (WW)
Tbilisi (WW)
Tehran (WW)
Tirana (NW)
Tripoli (NN)
Tunis (NN)
Ulaanbaatar (WW)
Vaduz (any)
Valletta (NW)
Vatican City (NW)
Victoria (NW)
Vienna (WW)
Vilnius (SW)
Warsaw (SW)
Washington D.C. (EE)
Windhoek (NN)
Yaoundé (NN)
Yerevan (WW)
Zagreb (WW)
Bern
89%
Accra (WW)
Amsterdam (SW)
Bamako (WW)
Banjul (WW)
Basseterre (SW)
Belmopan (EE)
Bissau (WW)
Bogotá (NE)
Brasília (NW)
Bridgetown (WW)
Castries (SW)
Conakry (WW)
Dakar (WW)
Dublin (SW)
Freetown (WW)
Georgetown (NW)
Guatemala City (EE)
Havana (SE)
Kingston (SE)
Kingstown (SW)
Lima (NE)
Lomé (WW)
London (SW)
Managua (EE)
Mexico City (EE)
Monrovia (WW)
Nassau (SE)
Niamey (WW)
Nouakchott (WW)
Ouagadougou (WW)
Panama City (EE)
Paramaribo (WW)
Port-au-Prince (SE)
Port-of-Spain (WW)
Porto-Novo (WW)
Praia (WW)
Quito (NE)
Roseau (SW)
Saint George's (WW)
Saint John's (SW)
San José (EE)
San Salvador (EE)
Santiago (NN)
Sucre (NN)
Tegucigalpa (EE)
Yamoussoukro (WW)
Caracas
89%
Asunción (NW)
Basseterre (SW)
Bogotá (SS)
Brasília (WW)
Bridgetown (SW)
Buenos Aires (NW)
Caracas (SW)
Castries (SW)
Georgetown (SW)
Guatemala City (SE)
Kingston (SS)
Kingstown (SW)
Montevideo (NW)
Ottawa (SS)
Paramaribo (SW)
Port-au-Prince (SS)
Port-of-Spain (SW)
Roseau (SW)
Saint George's (SW)
Saint John's (SW)
San Salvador (SE)
Santiago (NN)
Santo Domingo (SS)
Sucre (NW)
Lima
89%
Abuja (NN)
Algiers (NE)
Amman (NW)
Amsterdam (SE)
Andorra la Vella (EE)
Ankara (NW)
Ashgabat (WW)
Astana (WW)
Athens (NW)
Baghdad (NW)
Baku (WW)
Bangui (NN)
Banjul (NE)
Beijing (WW)
Beirut (NW)
Belgrade (WW)
Bern (EE)
Bishkek (WW)
Bissau (NE)
Bratislava (SW)
Brazzaville (NN)
Brussels (SE)
Bucharest (WW)
Budapest (SW)
Cairo (NW)
Chișinău (WW)
Dakar (NE)
Damascus (NW)
Djibouti (NW)
Dublin (SE)
Gaborone (NN)
Helsinki (SW)
Jerusalem (NW)
Khartoum (NW)
Kiev (WW)
Kinshasa (NN)
Kuwait City (NW)
Libreville (NN)
Lisbon (NE)
London (SE)
Luanda (NN)
Luxembourg (SE)
Madrid (NE)
Malabo (NN)
Malé (NW)
Manama (NW)
Minsk (SW)
Monaco (NE)
Moscow (SW)
N'Djamena (NN)
Niamey (NN)
Nicosia (NW)
Nouakchott (NE)
Ottawa (EE)
Paris (EE)
Podgorica (NW)
Praia (NE)
Pristina (NW)
Rabat (NE)
Reykjavík (SE)
Riga (SW)
Riyadh (NW)
Rome (NN)
San Marino (NE)
Sana'a (NW)
São Tomé (NN)
Sarajevo (NW)
Skopje (NW)
Sofia (NW)
Stockholm (SS)
Tallinn (SW)
Tashkent (WW)
Tbilisi (WW)
Tehran (WW)
Tirana (NW)
Tripoli (NN)
Tunis (NN)
Ulaanbaatar (WW)
Vaduz (EE)
Valletta (NN)
Vatican City (NN)
Victoria (NW)
Vienna (SW)
Vilnius (SW)
Warsaw (SW)
Washington D.C. (EE)
Windhoek (NN)
Yaoundé (NN)
Yerevan (WW)
Zagreb (any)
Ljubljana
89%
Abu Dhabi (SW)
Abuja (EE)
Accra (EE)
Algiers (SE)
Andorra la Vella (SE)
Antananarivo (NN)
Ashgabat (SW)
Asmara (SS)
Athens (SE)
Baghdad (SS)
Baku (SS)
Bamako (EE)
Bangkok (WW)
Bangui (EE)
Banjul (EE)
Bern (SE)
Bishkek (SW)
Bissau (EE)
Brazzaville (NE)
Bujumbura (NE)
Colombo (WW)
Conakry (EE)
Dakar (EE)
Djibouti (SW)
Dodoma (NN)
Doha (SW)
Dublin (SE)
Dushanbe (SW)
Freetown (EE)
Gaborone (NN)
Harare (NN)
Islamabad (SW)
Juba (NE)
Kabul (SW)
Kampala (NE)
Khartoum (SE)
Kigali (NE)
Kinshasa (NE)
Kuala Lumpur (WW)
Kuwait City (SW)
Libreville (EE)
Lilongwe (NN)
Lomé (EE)
London (SE)
Luanda (NE)
Lusaka (NE)
Madrid (SE)
Malabo (EE)
Malé (WW)
Manama (SW)
Maputo (NN)
Mbabane (NN)
Mogadishu (NW)
Monaco (SE)
Monrovia (EE)
Moroni (NN)
Muscat (SW)
Nairobi (NN)
N'Djamena (EE)
Niamey (EE)
Nouakchott (EE)
Ouagadougou (EE)
Paris (SE)
Phnom Penh (WW)
Port Louis (NW)
Porto-Novo (EE)
Praia (EE)
Reykjavík (SE)
Riyadh (SW)
Rome (SE)
Sana'a (SW)
São Tomé (EE)
Singapore (WW)
Tashkent (SW)
Tbilisi (SS)
Tehran (SW)
Tripoli (SE)
Tunis (SE)
Valletta (SE)
Vatican City (SE)
Victoria (NW)
Vientiane (WW)
Yamoussoukro (EE)
Yaoundé (EE)
Yerevan (SS)
Addis Ababa
89%
Asunción (NW)
Bamako (WW)
Banjul (WW)
Basseterre (SW)
Belmopan (SE)
Bissau (WW)
Brasília (NW)
Bridgetown (SW)
Caracas (SW)
Castries (SW)
Conakry (WW)
Freetown (WW)
Georgetown (WW)
Guatemala City (SE)
Havana (SE)
Kingstown (SW)
Lima (NN)
Managua (SE)
Mexico City (SE)
Monrovia (WW)
Panama City (SE)
Paramaribo (WW)
Port-au-Prince (SS)
Port-of-Spain (SW)
Quito (NE)
Roseau (SW)
Saint George's (SW)
Saint John's (SW)
San José (SE)
San Salvador (SE)
Santiago (NN)
Santo Domingo (SS)
Sucre (NN)
Tegucigalpa (SE)
Yamoussoukro (WW)
Bogotá
89%
Abu Dhabi (NE)
Addis Ababa (NE)
Algiers (EE)
Amman (EE)
Andorra la Vella (EE)
Ankara (EE)
Ashgabat (EE)
Asmara (NE)
Athens (EE)
Baghdad (EE)
Baku (EE)
Bandar Seri Begawan (NW)
Bangkok (NW)
Beijing (WW)
Beirut (EE)
Bishkek (SS)
Bujumbura (NE)
Cairo (EE)
Chișinău (EE)
Colombo (NN)
Damascus (EE)
Dhaka (NW)
Dili (NW)
Djibouti (NE)
Dodoma (NE)
Doha (NE)
Dushanbe (SE)
Hanoi (NW)
Harare (NE)
Helsinki (SE)
Jakarta (NW)
Jerusalem (EE)
Juba (NE)
Kabul (EE)
Kampala (NE)
Kathmandu (NW)
Kiev (SE)
Kigali (NE)
Kuala Lumpur (NW)
Kuwait City (EE)
Lilongwe (NE)
Lisbon (EE)
Luanda (NE)
Lusaka (NE)
Madrid (EE)
Malé (NN)
Manama (EE)
Mogadishu (NE)
Moscow (SE)
Muscat (NE)
Nairobi (NE)
Naypyidaw (NW)
New Delhi (NW)
Nicosia (EE)
Phnom Penh (NW)
Pyongyang (WW)
Rabat (EE)
Riyadh (EE)
Rome (EE)
Sana'a (NE)
Seoul (WW)
Singapore (NW)
Tallinn (SE)
Tbilisi (EE)
Tehran (EE)
Thimphu (NW)
Tokyo (WW)
Tripoli (EE)
Tunis (EE)
Ulaanbaatar (SW)
Valletta (EE)
Vatican City (EE)
Vientiane (NW)
Yerevan (EE)
Islamabad
88%
Bamako (WW)
Banjul (WW)
Basseterre (WW)
Belmopan (EE)
Bissau (WW)
Bogotá (NN)
Brasília (NW)
Bridgetown (WW)
Caracas (NW)
Castries (WW)
Conakry (WW)
Dakar (WW)
Freetown (WW)
Georgetown (NW)
Guatemala City (EE)
Havana (SE)
Kingstown (WW)
Lima (NN)
Managua (NE)
Mexico City (EE)
Nouakchott (WW)
Ottawa (SS)
Panama City (NN)
Paramaribo (NW)
Port-au-Prince (WW)
Port-of-Spain (NW)
Praia (WW)
Quito (NN)
Reykjavík (SW)
Roseau (WW)
Saint George's (WW)
Saint John's (WW)
San José (NE)
San Salvador (EE)
Santiago (NN)
Santo Domingo (WW)
Tegucigalpa (EE)
Yamoussoukro (WW)
Kingston
88%
Abu Dhabi (SW)
Abuja (SE)
Accra (EE)
Addis Ababa (SW)
Amman (SS)
Ankara (SS)
Antananarivo (NW)
Asmara (SW)
Bangui (SE)
Beirut (SS)
Bishkek (SW)
Brazzaville (EE)
Bujumbura (any)
Cairo (SS)
Damascus (SS)
Djibouti (SW)
Dodoma (NW)
Doha (SW)
Dushanbe (SW)
Gaborone (NN)
Harare (NN)
Islamabad (SW)
Jerusalem (SS)
Juba (SS)
Kabul (SW)
Kampala (SW)
Khartoum (SS)
Kiev (SS)
Kinshasa (EE)
Kuala Lumpur (WW)
Kuwait City (SW)
Libreville (EE)
Lilongwe (NN)
Lisbon (SE)
Lomé (EE)
Luanda (EE)
Lusaka (NN)
Madrid (SE)
Malabo (EE)
Malé (WW)
Manama (SW)
Maputo (NN)
Maseru (NN)
Mbabane (NN)
Mogadishu (WW)
Moroni (NW)
Moscow (SS)
Muscat (SW)
Nairobi (WW)
N'Djamena (SE)
Niamey (SE)
Nicosia (SS)
Ouagadougou (SE)
Port Louis (NW)
Porto-Novo (EE)
Pretoria (NN)
Rabat (SE)
Riyadh (SW)
Sana'a (SW)
São Tomé (EE)
Tashkent (SW)
Victoria (WW)
Windhoek (NE)
Yaoundé (EE)
Kigali
88%
Abu Dhabi (NW)
Addis Ababa (NN)
Algiers (NE)
Amman (NN)
Amsterdam (EE)
Andorra la Vella (EE)
Ankara (NN)
Ashgabat (NW)
Asmara (NN)
Astana (WW)
Athens (NN)
Baghdad (NW)
Baku (NW)
Bamako (NE)
Banjul (NE)
Beijing (WW)
Beirut (NN)
Belgrade (NE)
Berlin (EE)
Bern (EE)
Bishkek (WW)
Bissau (NE)
Bratislava (EE)
Brussels (EE)
Bucharest (NE)
Budapest (EE)
Bujumbura (NN)
Cairo (NN)
Chișinău (NN)
Colombo (NW)
Conakry (NE)
Copenhagen (SE)
Dakar (NE)
Damascus (NN)
Dodoma (NN)
Doha (NW)
Dublin (EE)
Dushanbe (NW)
Freetown (NE)
Harare (NN)
Islamabad (NW)
Jerusalem (NN)
Juba (NN)
Kabul (NW)
Kampala (NN)
Khartoum (NN)
Kigali (NN)
Kuwait City (NW)
Lilongwe (NN)
Lisbon (NE)
Ljubljana (EE)
London (EE)
Lusaka (NN)
Luxembourg (EE)
Madrid (NE)
Malé (NW)
Manama (NW)
Minsk (SE)
Monaco (NE)
Monrovia (NE)
Moscow (SW)
Muscat (NW)
Nairobi (NN)
Nicosia (NN)
Nouakchott (NE)
Oslo (SE)
Ottawa (EE)
Paris (EE)
Podgorica (NE)
Prague (EE)
Praia (NE)
Pristina (NE)
Pyongyang (WW)
Rabat (NE)
Reykjavík (SE)
Riga (SE)
Riyadh (NW)
Rome (NE)
San Marino (NE)
Sarajevo (NE)
Skopje (NE)
Sofia (NE)
Stockholm (SE)
Tashkent (WW)
Tbilisi (NW)
Tehran (NW)
Tirana (NE)
Tripoli (NE)
Tunis (NE)
Ulaanbaatar (WW)
Vaduz (EE)
Valletta (NE)
Vatican City (NE)
Vienna (EE)
Vilnius (SE)
Warsaw (EE)
Washington D.C. (EE)
Yerevan (NW)
Zagreb (NE)
Kiev
88%
Bamako (WW)
Banjul (WW)
Basseterre (SW)
Belmopan (SE)
Bissau (WW)
Bogotá (NW)
Brasília (NW)
Bridgetown (WW)
Caracas (WW)
Castries (WW)
Conakry (WW)
Dakar (WW)
Freetown (WW)
Georgetown (WW)
Guatemala City (SE)
Kingston (SS)
Kingstown (WW)
Lima (NN)
Managua (SE)
Mexico City (SE)
Monrovia (WW)
Nassau (SS)
Nouakchott (WW)
Ottawa (SS)
Paramaribo (WW)
Port-au-Prince (SW)
Port-of-Spain (WW)
Praia (WW)
Quito (NN)
Reykjavík (SW)
Roseau (WW)
Saint George's (WW)
Saint John's (SW)
San José (EE)
San Salvador (SE)
Santo Domingo (SW)
Sucre (NW)
Tegucigalpa (SE)
Washington D.C. (SS)
Panama City
88%
Abu Dhabi (NE)
Addis Ababa (NE)
Algiers (EE)
Amman (EE)
Andorra la Vella (EE)
Ankara (EE)
Ashgabat (EE)
Asmara (NE)
Astana (SS)
Athens (EE)
Baghdad (EE)
Baku (EE)
Bangkok (NW)
Beijing (WW)
Beirut (EE)
Bishkek (SW)
Brazzaville (NE)
Bucharest (EE)
Bujumbura (NE)
Cairo (EE)
Chișinău (EE)
Colombo (NN)
Damascus (EE)
Dhaka (NW)
Dili (NW)
Djibouti (NE)
Dodoma (NE)
Doha (NE)
Hanoi (NW)
Helsinki (SE)
Islamabad (WW)
Jakarta (NW)
Jerusalem (EE)
Juba (NE)
Kampala (NE)
Kathmandu (NW)
Kiev (SE)
Kigali (NE)
Kinshasa (NE)
Kuala Lumpur (NW)
Kuwait City (EE)
Lisbon (EE)
Luanda (NE)
Lusaka (NE)
Madrid (EE)
Malé (NN)
Manama (NE)
Minsk (SE)
Moscow (SE)
Muscat (NE)
Nairobi (NE)
Naypyidaw (NW)
New Delhi (NW)
Nicosia (EE)
Phnom Penh (NW)
Pyongyang (WW)
Rabat (EE)
Riga (SE)
Riyadh (NE)
Rome (EE)
Sana'a (NE)
Seoul (WW)
Singapore (NW)
Stockholm (SE)
Tallinn (SE)
Tashkent (SS)
Tbilisi (EE)
Tehran (EE)
Thimphu (WW)
Tirana (EE)
Tokyo (WW)
Tripoli (EE)
Tunis (EE)
Ulaanbaatar (SW)
Valletta (EE)
Vatican City (EE)
Vientiane (NW)
Yerevan (EE)
Kabul
88%
Abuja (NN)
Accra (NN)
Addis Ababa (NW)
Algiers (NN)
Amman (NW)
Amsterdam (SW)
Andorra la Vella (NN)
Ankara (WW)
Asmara (NW)
Astana (WW)
Athens (NW)
Baghdad (NW)
Baku (WW)
Beirut (NW)
Belgrade (WW)
Berlin (SW)
Bern (NW)
Bishkek (WW)
Bratislava (WW)
Brussels (SW)
Bucharest (WW)
Budapest (WW)
Cairo (NW)
Chișinău (WW)
Copenhagen (SW)
Damascus (NW)
Djibouti (NW)
Dublin (SE)
Georgetown (NE)
Helsinki (SW)
Jerusalem (NW)
Khartoum (NW)
Kiev (WW)
Libreville (NN)
Lisbon (NE)
Ljubljana (WW)
Lomé (NN)
London (SE)
Luanda (NN)
Luxembourg (WW)
Madrid (NE)
Malabo (NN)
Minsk (WW)
Mogadishu (NW)
Monaco (NW)
Moscow (WW)
Niamey (NN)
Nicosia (NW)
Nouakchott (NE)
Oslo (SW)
Ottawa (EE)
Ouagadougou (NN)
Paramaribo (NE)
Podgorica (NW)
Port-of-Spain (NE)
Porto-Novo (NN)
Prague (WW)
Pristina (NW)
Rabat (NE)
Reykjavík (SE)
Riga (SW)
Rome (NW)
San Marino (NW)
Sana'a (NW)
São Tomé (NN)
Sarajevo (NW)
Skopje (NW)
Sofia (NW)
Stockholm (SW)
Tallinn (SW)
Tashkent (WW)
Tbilisi (WW)
Tirana (NW)
Tripoli (NW)
Tunis (NW)
Ulaanbaatar (WW)
Vaduz (WW)
Valletta (NW)
Vatican City (NW)
Victoria (NW)
Vienna (WW)
Vilnius (WW)
Warsaw (WW)
Washington D.C. (EE)
Yamoussoukro (NN)
Yaoundé (NN)
Yerevan (WW)
Zagreb (WW)
Paris
88%
Abuja (WW)
Accra (WW)
Amsterdam (SW)
Asunción (NN)
Bamako (WW)
Banjul (WW)
Basseterre (SE)
Belmopan (EE)
Bissau (WW)
Bogotá (NE)
Brasília (NN)
Brussels (SW)
Buenos Aires (NN)
Caracas (EE)
Castries (any)
Conakry (WW)
Copenhagen (SW)
Dakar (WW)
Dublin (SW)
Freetown (WW)
Georgetown (NN)
Guatemala City (EE)
Havana (SE)
Kingston (EE)
Kingstown (any)
Lima (NE)
Lomé (WW)
London (SW)
Malabo (WW)
Managua (EE)
Mexico City (EE)
Monrovia (WW)
Montevideo (NN)
Nassau (SE)
Niamey (WW)
Nouakchott (WW)
Oslo (SW)
Ottawa (SE)
Ouagadougou (WW)
Panama City (EE)
Paramaribo (NW)
Port-au-Prince (SE)
Port-of-Spain (NE)
Porto-Novo (WW)
Praia (WW)
Quito (NE)
Roseau (SE)
Saint George's (NE)
Saint John's (SE)
San José (EE)
San Salvador (EE)
Santo Domingo (SE)
Sucre (NN)
Tegucigalpa (EE)
Washington D.C. (SE)
Yamoussoukro (WW)
Yaoundé (WW)
Bridgetown
88%
Abu Dhabi (NN)
Addis Ababa (NE)
Algiers (EE)
Amman (EE)
Andorra la Vella (EE)
Ankara (EE)
Asmara (NE)
Astana (SW)
Athens (EE)
Baghdad (EE)
Baku (EE)
Bangui (NE)
Beijing (WW)
Beirut (EE)
Belgrade (EE)
Berlin (SE)
Bishkek (WW)
Bratislava (EE)
Brazzaville (NE)
Bucharest (EE)
Budapest (EE)
Cairo (EE)
Chișinău (SE)
Copenhagen (SE)
Damascus (EE)
Dhaka (NW)
Djibouti (NE)
Doha (NE)
Dushanbe (WW)
Helsinki (SE)
Islamabad (WW)
Jakarta (NW)
Jerusalem (EE)
Juba (NE)
Kabul (WW)
Kathmandu (NW)
Khartoum (NE)
Kiev (SE)
Kinshasa (NE)
Kuala Lumpur (NW)
Kuwait City (NE)
Libreville (NE)
Lisbon (EE)
Ljubljana (EE)
Luanda (NE)
Madrid (EE)
Malabo (NE)
Manama (NE)
Minsk (SE)
Monaco (EE)
Moscow (SE)
Muscat (NN)
New Delhi (NW)
Nicosia (EE)
Oslo (SE)
Podgorica (EE)
Port Louis (NN)
Prague (EE)
Pristina (EE)
Pyongyang (WW)
Rabat (EE)
Riga (SE)
Riyadh (NE)
Rome (EE)
San Marino (EE)
Sana'a (NE)
São Tomé (NE)
Sarajevo (EE)
Seoul (WW)
Singapore (NW)
Skopje (EE)
Sofia (EE)
Stockholm (SE)
Tallinn (SE)
Tashkent (WW)
Tbilisi (EE)
Tehran (EE)
Thimphu (WW)
Tirana (EE)
Tokyo (WW)
Tripoli (EE)
Tunis (EE)
Valletta (EE)
Vatican City (EE)
Victoria (NN)
Vienna (EE)
Vilnius (SE)
Warsaw (SE)
Yaoundé (NE)
Yerevan (EE)
Zagreb (EE)
Ashgabat
88%
Abu Dhabi (NE)
Addis Ababa (NE)
Algiers (EE)
Amman (EE)
Andorra la Vella (EE)
Ankara (EE)
Ashgabat (EE)
Asmara (NE)
Astana (SS)
Athens (EE)
Baghdad (EE)
Baku (EE)
Bandar Seri Begawan (NW)
Bangkok (NW)
Bangui (NE)
Beijing (WW)
Beirut (EE)
Belgrade (EE)
Bishkek (SW)
Brazzaville (NE)
Bucharest (EE)
Bujumbura (NE)
Cairo (EE)
Chișinău (EE)
Colombo (NN)
Damascus (EE)
Dhaka (NW)
Dili (NW)
Djibouti (NE)
Doha (NE)
Helsinki (SE)
Islamabad (NW)
Jakarta (NW)
Jerusalem (EE)
Juba (NE)
Kabul (NN)
Kampala (NE)
Kathmandu (NW)
Khartoum (NE)
Kiev (SE)
Kigali (NE)
Kinshasa (NE)
Kuala Lumpur (NW)
Kuwait City (NE)
Lisbon (EE)
Luanda (NE)
Lusaka (NE)
Madrid (EE)
Malé (NN)
Manama (NE)
Minsk (SE)
Monaco (EE)
Moscow (SE)
Muscat (NE)
Nairobi (NE)
Naypyidaw (NW)
New Delhi (NW)
Nicosia (EE)
Phnom Penh (NW)
Podgorica (EE)
Pristina (EE)
Pyongyang (WW)
Rabat (EE)
Riga (SE)
Riyadh (NE)
Rome (EE)
San Marino (EE)
Sana'a (NE)
Sarajevo (EE)
Seoul (WW)
Singapore (NW)
Skopje (EE)
Sofia (EE)
Tallinn (SE)
Tashkent (SS)
Tbilisi (EE)
Tehran (EE)
Thimphu (NW)
Tirana (EE)
Tokyo (WW)
Tripoli (EE)
Tunis (EE)
Ulaanbaatar (WW)
Valletta (EE)
Vatican City (EE)
Vientiane (NW)
Vilnius (SE)
Warsaw (EE)
Yerevan (EE)
Dushanbe
88%
Abuja (WW)
Asunción (NN)
Bamako (WW)
Banjul (WW)
Basseterre (any)
Belmopan (EE)
Bissau (WW)
Bogotá (NE)
Brasília (NW)
Bridgetown (NW)
Buenos Aires (NN)
Caracas (NE)
Castries (NN)
Conakry (WW)
Dakar (WW)
Dublin (SW)
Georgetown (NN)
Guatemala City (EE)
Havana (EE)
Kingston (EE)
Kingstown (NN)
Lima (NE)
Managua (EE)
Mexico City (EE)
Montevideo (NN)
Nassau (SE)
Niamey (WW)
Nouakchott (WW)
Oslo (SW)
Ouagadougou (WW)
Panama City (NE)
Paramaribo (NW)
Port-au-Prince (EE)
Port-of-Spain (NN)
Porto-Novo (WW)
Praia (WW)
Quito (NE)
Roseau (any)
Saint George's (NN)
San José (EE)
San Salvador (EE)
Santiago (NN)
Santo Domingo (EE)
Stockholm (SW)
Sucre (NN)
Tegucigalpa (EE)
Washington D.C. (SE)
Saint John's
88%
Bamako (WW)
Banjul (WW)
Basseterre (WW)
Belmopan (EE)
Bissau (WW)
Bogotá (NN)
Bridgetown (NW)
Caracas (NW)
Castries (NW)
Conakry (WW)
Dakar (WW)
Freetown (WW)
Georgetown (NW)
Guatemala City (EE)
Havana (SE)
Kingston (EE)
Kingstown (NW)
Lima (NN)
Managua (NE)
Mexico City (EE)
Nassau (SE)
Niamey (WW)
Nouakchott (WW)
Ouagadougou (WW)
Panama City (NE)
Paramaribo (NW)
Port-of-Spain (NW)
Praia (WW)
Quito (NN)
Reykjavík (SW)
Roseau (WW)
Saint George's (NW)
Saint John's (WW)
San José (NE)
San Salvador (EE)
Santiago (NN)
Santo Domingo (any)
Tegucigalpa (EE)
Port-au-Prince
88%
Abu Dhabi (WW)
Addis Ababa (NE)
Amman (SE)
Amsterdam (SE)
Ankara (SE)
Antananarivo (NN)
Ashgabat (SW)
Asmara (NE)
Astana (SW)
Athens (SE)
Baghdad (SE)
Beirut (SE)
Belgrade (SE)
Berlin (SE)
Bishkek (SW)
Bratislava (SE)
Brazzaville (NE)
Brussels (SE)
Bucharest (SE)
Budapest (SE)
Bujumbura (NE)
Cairo (EE)
Chișinău (SE)
Colombo (NW)
Copenhagen (SE)
Dakar (EE)
Damascus (SE)
Dhaka (WW)
Djibouti (NE)
Dodoma (NE)
Dushanbe (SW)
Hanoi (WW)
Islamabad (SW)
Jerusalem (SE)
Juba (NE)
Kabul (SW)
Kampala (NE)
Kathmandu (WW)
Khartoum (NE)
Kiev (SE)
Kigali (NE)
Kinshasa (NE)
Kuwait City (SE)
Luanda (NE)
Malé (NW)
Manama (any)
Manila (WW)
Minsk (SE)
Mogadishu (NN)
Muscat (WW)
Nairobi (NE)
Naypyidaw (WW)
New Delhi (WW)
Nicosia (SE)
Nouakchott (EE)
Oslo (SE)
Podgorica (SE)
Port Louis (NN)
Prague (SE)
Praia (EE)
Pristina (SE)
Rabat (EE)
Reykjavík (SE)
Riyadh (EE)
Sana'a (NE)
Sarajevo (SE)
Skopje (SE)
Sofia (SE)
Taipei (WW)
Tashkent (SW)
Thimphu (WW)
Tirana (SE)
Tripoli (EE)
Valletta (EE)
Victoria (NN)
Vienna (SE)
Vientiane (WW)
Vilnius (SE)
Warsaw (SE)
Zagreb (SE)
Doha
88%
Asunción (NW)
Basseterre (SW)
Belmopan (SE)
Bogotá (SW)
Brasília (NW)
Bridgetown (SW)
Caracas (SW)
Castries (SW)
Conakry (WW)
Freetown (WW)
Georgetown (WW)
Guatemala City (SE)
Kingston (SS)
Kingstown (SW)
Lima (NN)
Managua (SE)
Mexico City (SE)
Monrovia (WW)
Nassau (SS)
Ottawa (SS)
Paramaribo (WW)
Port-au-Prince (SS)
Port-of-Spain (SW)
Roseau (SW)
Saint George's (SW)
Saint John's (SW)
San José (SE)
San Salvador (SE)
Santiago (NN)
Santo Domingo (SW)
Sucre (NW)
Tegucigalpa (SE)
Washington D.C. (SS)
Quito
88%
Abu Dhabi (SW)
Abuja (EE)
Addis Ababa (NN)
Amsterdam (SE)
Andorra la Vella (SE)
Antananarivo (NN)
Ashgabat (SW)
Astana (SW)
Athens (SE)
Baghdad (SS)
Baku (SS)
Bamako (EE)
Bangkok (WW)
Bangui (NE)
Banjul (EE)
Belgrade (SE)
Bern (SE)
Bishkek (SW)
Bissau (EE)
Brazzaville (NE)
Brussels (SE)
Bujumbura (NE)
Cairo (SE)
Conakry (EE)
Dakar (EE)
Dhaka (WW)
Djibouti (NW)
Dodoma (NN)
Doha (SW)
Dublin (SE)
Dushanbe (SW)
Freetown (EE)
Hanoi (WW)
Harare (NN)
Islamabad (SW)
Juba (NE)
Kabul (SW)
Kampala (NE)
Khartoum (EE)
Kigali (NE)
Kinshasa (NE)
Kuwait City (SW)
Libreville (NE)
Lilongwe (NN)
London (SE)
Luanda (NE)
Lusaka (NN)
Luxembourg (SE)
Malabo (EE)
Malé (WW)
Manama (SW)
Maputo (NN)
Mogadishu (NW)
Monaco (SE)
Moroni (NN)
Muscat (SW)
Nairobi (NN)
Naypyidaw (WW)
N'Djamena (EE)
Niamey (EE)
Nouakchott (EE)
Ouagadougou (EE)
Paris (SE)
Phnom Penh (WW)
Podgorica (SE)
Praia (EE)
Pristina (SE)
Reykjavík (SE)
Riyadh (SW)
Rome (SE)
San Marino (SE)
Sana'a (WW)
São Tomé (NE)
Sarajevo (SE)
Skopje (SE)
Sofia (SE)
Tashkent (SW)
Tbilisi (SS)
Tehran (SW)
Tirana (SE)
Tripoli (SE)
Tunis (SE)
Vaduz (SE)
Valletta (SE)
Vatican City (SE)
Victoria (NW)
Vientiane (WW)
Yaoundé (NE)
Yerevan (SS)
Asmara
88%
Algiers (WW)
Basseterre (NW)
Belmopan (NE)
Bogotá (NN)
Brasília (NW)
Bridgetown (NW)
Caracas (NW)
Castries (NW)
Georgetown (NW)
Guatemala City (NE)
Havana (NE)
Kingston (NN)
Kingstown (NW)
Lima (NN)
Managua (NE)
Mexico City (EE)
Nouakchott (WW)
Ottawa (SS)
Panama City (NN)
Paramaribo (NW)
Port-au-Prince (NW)
Port-of-Spain (NW)
Quito (NN)
Rabat (WW)
Reykjavík (SW)
Roseau (NW)
Saint George's (NW)
Saint John's (NW)
San José (NE)
San Salvador (NE)
Santiago (NN)
Santo Domingo (NW)
Tegucigalpa (NE)
Washington D.C. (SS)
Nassau
88%
Abu Dhabi (SW)
Abuja (SE)
Accra (SE)
Addis Ababa (SW)
Antananarivo (NW)
Ashgabat (SW)
Asmara (SW)
Baghdad (SW)
Baku (SW)
Bamako (SE)
Bangui (SS)
Belgrade (SS)
Bishkek (SW)
Bissau (SE)
Bratislava (SS)
Budapest (SS)
Bujumbura (WW)
Colombo (WW)
Conakry (SE)
Djibouti (SW)
Dodoma (WW)
Doha (SW)
Dushanbe (SW)
Freetown (SE)
Gaborone (NW)
Harare (NW)
Helsinki (SS)
Juba (SW)
Kabul (SW)
Kampala (WW)
Khartoum (SW)
Kigali (WW)
Kinshasa (any)
Kuwait City (SW)
Libreville (SE)
Lilongwe (NW)
Lomé (SE)
Luanda (NE)
Lusaka (NW)
Malabo (SE)
Malé (WW)
Manama (SW)
Maputo (NW)
Maseru (NW)
Mbabane (NW)
Mogadishu (WW)
Monrovia (EE)
Moroni (WW)
Nairobi (WW)
Niamey (SE)
Nouakchott (SE)
Ouagadougou (SE)
Paramaribo (EE)
Podgorica (SS)
Porto-Novo (SE)
Pretoria (NW)
Pristina (SS)
Riga (SS)
Riyadh (SW)
Sana'a (SW)
São Tomé (SE)
Sarajevo (SS)
Skopje (SS)
Sofia (SS)
Stockholm (SS)
Tallinn (SS)
Tashkent (SW)
Tehran (SW)
Tirana (SS)
Victoria (WW)
Vienna (SS)
Vilnius (SS)
Warsaw (SS)
Windhoek (NN)
Yamoussoukro (SE)
Yaoundé (SE)
Zagreb (SS)
Brazzaville
87%
Abu Dhabi (NW)
Abuja (NN)
Accra (NN)
Algiers (NN)
Amman (NW)
Amsterdam (NE)
Andorra la Vella (NN)
Ankara (NW)
Ashgabat (NW)
Astana (WW)
Athens (NN)
Baghdad (NW)
Baku (NW)
Bangui (NN)
Basseterre (NE)
Beirut (NW)
Belgrade (NN)
Berlin (NN)
Bern (NN)
Bratislava (NN)
Brazzaville (NN)
Bridgetown (NE)
Brussels (NN)
Bucharest (NW)
Budapest (NN)
Cairo (NW)
Castries (NE)
Chișinău (NW)
Copenhagen (NN)
Damascus (NW)
Doha (NW)
Dublin (NE)
Helsinki (WW)
Jerusalem (NW)
Kiev (NW)
Kingstown (NE)
Kinshasa (NN)
Kuwait City (NW)
Libreville (NN)
Lisbon (NE)
Ljubljana (NN)
Lomé (NN)
London (NE)
Luanda (NN)
Luxembourg (NN)
Madrid (NE)
Malabo (NN)
Manama (NW)
Minsk (NW)
Monaco (NN)
Moscow (WW)
Muscat (NW)
N'Djamena (NN)
Niamey (NN)
Nicosia (NW)
Paris (NE)
Podgorica (NN)
Port-of-Spain (NE)
Porto-Novo (NN)
Prague (NN)
Pristina (NN)
Rabat (NE)
Reykjavík (EE)
Riga (NW)
Riyadh (NW)
Rome (NN)
Roseau (NE)
Saint George's (NE)
Saint John's (NE)
San Marino (NN)
São Tomé (NN)
Sarajevo (NN)
Skopje (NN)
Sofia (NW)
Stockholm (WW)
Tallinn (WW)
Tbilisi (NW)
Tehran (NW)
Tirana (NN)
Tripoli (NN)
Tunis (NN)
Vaduz (NN)
Valletta (NN)
Vatican City (NN)
Vienna (NN)
Vilnius (NW)
Warsaw (NW)
Yaoundé (NN)
Yerevan (NW)
Zagreb (NN)
Oslo
87%
Abuja (WW)
Accra (WW)
Amsterdam (SW)
Asunción (NN)
Bamako (WW)
Banjul (WW)
Belmopan (EE)
Bissau (WW)
Bogotá (NE)
Brasília (NW)
Bridgetown (SW)
Brussels (SW)
Buenos Aires (NN)
Caracas (EE)
Castries (any)
Conakry (WW)
Copenhagen (SW)
Dakar (WW)
Dublin (SW)
Freetown (WW)
Georgetown (NW)
Guatemala City (EE)
Havana (SE)
Kingston (EE)
Kingstown (any)
Libreville (WW)
Lima (NE)
Lomé (WW)
London (SW)
Malabo (WW)
Managua (EE)
Monrovia (WW)
Montevideo (NN)
Nassau (SE)
Niamey (WW)
Nouakchott (WW)
Oslo (SW)
Ouagadougou (WW)
Panama City (EE)
Paramaribo (NW)
Port-au-Prince (SE)
Port-of-Spain (any)
Porto-Novo (WW)
Praia (WW)
Quito (NE)
Roseau (SS)
San José (EE)
San Salvador (EE)
Santo Domingo (SE)
São Tomé (WW)
Sucre (NN)
Tegucigalpa (EE)
Washington D.C. (SE)
Yamoussoukro (WW)
Saint George's
87%
Abuja (SE)
Accra (SE)
Addis Ababa (SW)
Amman (SS)
Ankara (SS)
Antananarivo (WW)
Asmara (SS)
Bamako (SE)
Bangui (SE)
Beirut (SS)
Bishkek (SW)
Brazzaville (SE)
Bujumbura (SS)
Cairo (SS)
Chișinău (SS)
Damascus (SS)
Djibouti (SW)
Dodoma (SW)
Dushanbe (SW)
Gaborone (NN)
Harare (NW)
Islamabad (SW)
Jerusalem (SS)
Juba (SS)
Kabul (SW)
Kampala (SS)
Kathmandu (SW)
Khartoum (SS)
Kiev (SS)
Kigali (SS)
Kinshasa (SE)
Libreville (SE)
Lilongwe (WW)
Lomé (SE)
Luanda (SE)
Malabo (SE)
Maputo (NN)
Maseru (NN)
Mbabane (NN)
Mogadishu (SW)
Moroni (WW)
Moscow (SS)
Muscat (SW)
Nairobi (SW)
N'Djamena (SE)
New Delhi (SW)
Niamey (SE)
Nicosia (SS)
Nouakchott (SE)
Ouagadougou (SE)
Port Louis (WW)
Porto-Novo (SE)
Pretoria (NN)
Sana'a (SW)
São Tomé (SE)
Victoria (WW)
Windhoek (NE)
Yaoundé (SE)
Lusaka
87%
Abu Dhabi (SW)
Abuja (SE)
Accra (SE)
Addis Ababa (SW)
Antananarivo (NW)
Ashgabat (SW)
Asmara (SW)
Baghdad (SW)
Baku (SW)
Bamako (SE)
Bangui (SS)
Belgrade (SS)
Bishkek (SW)
Bissau (SE)
Bratislava (SS)
Brazzaville (any)
Budapest (SS)
Bujumbura (WW)
Colombo (WW)
Conakry (SE)
Djibouti (SW)
Dodoma (WW)
Doha (SW)
Dushanbe (SW)
Freetown (SE)
Gaborone (NW)
Harare (NW)
Helsinki (SS)
Juba (SW)
Kabul (SW)
Kampala (WW)
Khartoum (SW)
Kigali (WW)
Kuwait City (SW)
Libreville (SE)
Lilongwe (NW)
Lomé (SE)
Luanda (NE)
Lusaka (NW)
Malabo (SE)
Malé (WW)
Manama (SW)
Maputo (NW)
Maseru (NW)
Mbabane (NW)
Mogadishu (WW)
Monrovia (EE)
Moroni (WW)
Nairobi (WW)
Niamey (SE)
Nouakchott (SE)
Ouagadougou (SE)
Paramaribo (EE)
Podgorica (SS)
Porto-Novo (SE)
Pretoria (NW)
Pristina (SS)
Riga (SS)
Riyadh (SW)
Sana'a (SW)
São Tomé (SE)
Sarajevo (SS)
Skopje (SS)
Sofia (SS)
Stockholm (SS)
Tallinn (SS)
Tashkent (SW)
Tehran (SW)
Tirana (SS)
Victoria (WW)
Vienna (SS)
Vilnius (SS)
Warsaw (SS)
Windhoek (NN)
Yamoussoukro (SE)
Yaoundé (SE)
Zagreb (SS)
Kinshasa
87%
Accra (EE)
Addis Ababa (WW)
Amman (SW)
Ashgabat (SW)
Asmara (WW)
Astana (SW)
Baghdad (SW)
Baku (SW)
Bamako (SE)
Bangui (WW)
Banjul (EE)
Beirut (SW)
Berlin (SS)
Bissau (EE)
Bratislava (SS)
Brazzaville (NW)
Bridgetown (EE)
Bujumbura (WW)
Cairo (SW)
Castries (EE)
Colombo (WW)
Conakry (EE)
Copenhagen (SS)
Dakar (SE)
Damascus (SW)
Djibouti (WW)
Dodoma (WW)
Freetown (EE)
Gaborone (NW)
Georgetown (EE)
Harare (NW)
Jerusalem (SW)
Juba (WW)
Kampala (WW)
Khartoum (SW)
Kigali (WW)
Kingstown (EE)
Kinshasa (NW)
Libreville (NN)
Lilongwe (NW)
Ljubljana (SS)
Lomé (EE)
Luanda (NN)
Lusaka (NW)
Malé (WW)
Maputo (NW)
Mbabane (NW)
Mogadishu (WW)
Monrovia (EE)
Nairobi (WW)
N'Djamena (SW)
Niamey (SE)
Nicosia (SW)
Nouakchott (SE)
Oslo (SS)
Ouagadougou (SE)
Paramaribo (EE)
Port-of-Spain (EE)
Porto-Novo (SE)
Prague (SS)
Praia (EE)
Pretoria (NW)
Rabat (SE)
Rome (SS)
Roseau (EE)
Saint George's (EE)
San Marino (SS)
São Tomé (NE)
Stockholm (SS)
Tbilisi (SW)
Tehran (SW)
Tripoli (SS)
Tunis (SS)
Vaduz (SS)
Valletta (SS)
Vatican City (SS)
Vienna (SS)
Windhoek (NN)
Yamoussoukro (EE)
Yaoundé (WW)
Yerevan (SW)
Zagreb (SS)
Malabo
87%
Abu Dhabi (SW)
Abuja (SE)
Accra (EE)
Addis Ababa (SW)
Amman (SS)
Ankara (SS)
Antananarivo (NW)
Asmara (SW)
Bangui (SE)
Beirut (SS)
Bishkek (SW)
Brazzaville (EE)
Cairo (SS)
Djibouti (SW)
Dodoma (NW)
Doha (SW)
Dushanbe (SW)
Gaborone (NN)
Harare (NN)
Islamabad (SW)
Jerusalem (SS)
Juba (SS)
Kabul (SW)
Kampala (SW)
Khartoum (SS)
Kiev (SS)
Kigali (any)
Kinshasa (EE)
Libreville (EE)
Lilongwe (NN)
Lisbon (SE)
Lomé (EE)
Luanda (EE)
Lusaka (NN)
Malabo (EE)
Malé (WW)
Manama (SW)
Maputo (NN)
Maseru (NN)
Mbabane (NN)
Mogadishu (WW)
Moroni (NW)
Moscow (SS)
Muscat (SW)
Nairobi (WW)
N'Djamena (SE)
Niamey (SE)
Nicosia (SS)
Ouagadougou (SE)
Port Louis (NW)
Porto-Novo (EE)
Pretoria (NN)
Rabat (SE)
Riyadh (SW)
Sana'a (SW)
São Tomé (EE)
Tashkent (SW)
Victoria (WW)
Windhoek (NE)
Yaoundé (EE)
Bujumbura
87%
Abuja (NW)
Accra (NN)
Algiers (WW)
Amsterdam (SW)
Andorra la Vella (SW)
Ankara (WW)
Ashgabat (WW)
Athens (WW)
Baghdad (WW)
Baku (WW)
Bamako (NN)
Bangui (NW)
Banjul (NN)
Beirut (WW)
Belgrade (WW)
Berlin (SW)
Bern (SW)
Bishkek (WW)
Bissau (NN)
Bratislava (SW)
Brussels (SW)
Bucharest (WW)
Budapest (SW)
Bujumbura (NW)
Cairo (WW)
Chișinău (WW)
Conakry (NN)
Copenhagen (SW)
Dakar (NN)
Damascus (WW)
Dodoma (NW)
Dublin (SS)
Dushanbe (WW)
Freetown (NN)
Georgetown (NE)
Helsinki (SW)
Islamabad (WW)
Juba (NW)
Kabul (WW)
Kampala (NW)
Kiev (SW)
Kigali (NW)
Lilongwe (NW)
Ljubljana (SW)
Lomé (NN)
London (SW)
Luxembourg (SW)
Madrid (WW)
Minsk (SW)
Mogadishu (NW)
Monaco (WW)
Monrovia (NN)
Moroni (NW)
Moscow (SW)
Nairobi (NW)
N'Djamena (NW)
New Delhi (WW)
Niamey (NN)
Nicosia (WW)
Nouakchott (NN)
Oslo (SW)
Ottawa (EE)
Ouagadougou (NN)
Paramaribo (NE)
Paris (SW)
Podgorica (WW)
Porto-Novo (NN)
Prague (SW)
Praia (NE)
Pristina (WW)
Rabat (NN)
Riga (SW)
Rome (WW)
San Marino (WW)
Sarajevo (WW)
Skopje (WW)
Sofia (WW)
Stockholm (SW)
Tallinn (SW)
Tashkent (WW)
Tbilisi (WW)
Tehran (WW)
Tirana (WW)
Tripoli (WW)
Tunis (WW)
Vaduz (SW)
Valletta (WW)
Vatican City (WW)
Vienna (SW)
Vilnius (SW)
Warsaw (SW)
Washington D.C. (EE)
Yamoussoukro (NN)
Yerevan (WW)
Zagreb (WW)
Lisbon
87%
Accra (NE)
Addis Ababa (WW)
Amman (SW)
Ankara (SW)
Antananarivo (NW)
Asmara (WW)
Astana (SW)
Athens (SW)
Baghdad (SW)
Baku (SW)
Bamako (EE)
Bangui (NW)
Banjul (EE)
Basseterre (EE)
Beirut (SW)
Berlin (SS)
Bissau (EE)
Brazzaville (NW)
Bridgetown (EE)
Bujumbura (NW)
Cairo (SW)
Castries (EE)
Colombo (WW)
Conakry (EE)
Copenhagen (SS)
Dakar (EE)
Damascus (SW)
Djibouti (WW)
Dodoma (NW)
Freetown (EE)
Georgetown (EE)
Harare (NW)
Jerusalem (SW)
Juba (WW)
Kampala (WW)
Khartoum (WW)
Kigali (NW)
Kingstown (EE)
Kinshasa (NW)
Libreville (NN)
Lilongwe (NW)
Lisbon (SE)
Ljubljana (SS)
Lomé (NE)
Luanda (NN)
Lusaka (NW)
Malabo (NN)
Malé (WW)
Monrovia (EE)
Nairobi (WW)
N'Djamena (WW)
Niamey (SE)
Nicosia (SW)
Nouakchott (EE)
Oslo (SS)
Ouagadougou (EE)
Paramaribo (EE)
Podgorica (SS)
Port-of-Spain (EE)
Porto-Novo (NE)
Prague (SS)
Praia (EE)
Pristina (SS)
Rabat (SE)
Rome (SS)
Roseau (EE)
Saint George's (EE)
Saint John's (EE)
San Marino (SS)
Sana'a (WW)
São Tomé (NN)
Sarajevo (SS)
Skopje (SS)
Stockholm (SS)
Tbilisi (SW)
Tirana (SS)
Tripoli (SS)
Tunis (SS)
Vaduz (SS)
Valletta (SS)
Vatican City (SS)
Windhoek (NN)
Yamoussoukro (EE)
Yaoundé (NW)
Yerevan (SW)
Abuja
86%
Bamako (WW)
Banjul (WW)
Basseterre (WW)
Belmopan (EE)
Bissau (WW)
Bogotá (NN)
Bridgetown (NW)
Caracas (NN)
Castries (NW)
Conakry (WW)
Dakar (WW)
Georgetown (NW)
Guatemala City (EE)
Havana (EE)
Kingston (EE)
Kingstown (NW)
Lima (NN)
Managua (EE)
Mexico City (EE)
Nassau (SE)
Niamey (WW)
Nouakchott (WW)
Ouagadougou (WW)
Panama City (NE)
Paramaribo (NW)
Port-au-Prince (any)
Port-of-Spain (NW)
Porto-Novo (WW)
Praia (WW)
Quito (NE)
Reykjavík (SW)
Roseau (WW)
Saint George's (NW)
Saint John's (WW)
San José (NE)
San Salvador (EE)
Santiago (NN)
Sucre (NN)
Tegucigalpa (EE)
Santo Domingo
86%
Abu Dhabi (SW)
Abuja (EE)
Accra (EE)
Addis Ababa (SW)
Algiers (SE)
Amman (SS)
Andorra la Vella (SE)
Ankara (SS)
Antananarivo (NW)
Ashgabat (SW)
Asmara (SW)
Astana (SW)
Baghdad (SW)
Bangkok (WW)
Bangui (EE)
Beirut (SS)
Bishkek (SW)
Bissau (EE)
Brazzaville (NE)
Bujumbura (NN)
Colombo (WW)
Conakry (EE)
Damascus (SS)
Djibouti (SW)
Dodoma (NN)
Doha (SW)
Dushanbe (SW)
Freetown (EE)
Gaborone (NN)
Harare (NN)
Islamabad (SW)
Jerusalem (SS)
Kabul (SW)
Kampala (NN)
Khartoum (SS)
Kigali (NN)
Kinshasa (NE)
Kuala Lumpur (WW)
Kuwait City (SW)
Libreville (EE)
Lilongwe (NN)
Lisbon (SE)
Lomé (EE)
Luanda (NE)
Lusaka (NN)
Madrid (SE)
Malabo (EE)
Malé (WW)
Manama (SW)
Maputo (NN)
Maseru (NN)
Mbabane (NN)
Mogadishu (WW)
Monrovia (EE)
Moroni (NW)
Moscow (SS)
Muscat (SW)
Nairobi (NW)
N'Djamena (SE)
Niamey (EE)
Nicosia (SS)
Ouagadougou (EE)
Port Louis (NW)
Porto-Novo (EE)
Pretoria (NN)
Rabat (SE)
Riyadh (SW)
Sana'a (SW)
São Tomé (EE)
Tashkent (SW)
Tehran (SW)
Tripoli (SE)
Valletta (SE)
Victoria (WW)
Windhoek (NE)
Yamoussoukro (EE)
Yaoundé (EE)
Juba
86%
Abu Dhabi (NW)
Algiers (NE)
Amman (NN)
Amsterdam (EE)
Andorra la Vella (NE)
Ankara (NN)
Ashgabat (NW)
Astana (WW)
Athens (NN)
Baghdad (NW)
Baku (NW)
Bangui (NN)
Banjul (NE)
Beirut (NN)
Belgrade (NE)
Berlin (EE)
Bern (NE)
Bishkek (WW)
Bissau (NE)
Bratislava (NE)
Brussels (EE)
Bucharest (NN)
Budapest (NE)
Bujumbura (NN)
Cairo (NN)
Chișinău (NN)
Colombo (NW)
Conakry (NE)
Copenhagen (EE)
Dakar (NE)
Damascus (NN)
Dodoma (NN)
Doha (NW)
Dublin (EE)
Dushanbe (NW)
Freetown (NE)
Harare (NN)
Jerusalem (NN)
Juba (NN)
Kabul (NW)
Kampala (NN)
Khartoum (NN)
Kiev (NW)
Kigali (NN)
Kuwait City (NW)
Lilongwe (NN)
Lisbon (NE)
Ljubljana (NE)
London (EE)
Lusaka (NN)
Luxembourg (EE)
Madrid (NE)
Malé (NW)
Manama (NW)
Monaco (NE)
Moscow (WW)
Muscat (NW)
Nairobi (NN)
Nicosia (NN)
Nouakchott (NE)
Oslo (SE)
Ottawa (EE)
Paris (EE)
Podgorica (NE)
Prague (NE)
Praia (NE)
Pristina (NN)
Rabat (NE)
Reykjavík (EE)
Riga (SE)
Riyadh (NW)
Rome (NE)
San Marino (NE)
Sarajevo (NE)
Skopje (NN)
Sofia (NN)
Stockholm (SE)
Tashkent (NW)
Tbilisi (NW)
Tehran (NW)
Tirana (NN)
Tripoli (NE)
Tunis (NE)
Ulaanbaatar (WW)
Vaduz (NE)
Valletta (NE)
Vatican City (NE)
Vienna (NE)
Vilnius (any)
Warsaw (NE)
Yerevan (NW)
Zagreb (NE)
Minsk
86%
Abuja (WW)
Accra (WW)
Addis Ababa (WW)
Algiers (SW)
Andorra la Vella (SS)
Ankara (SW)
Asmara (WW)
Asunción (NE)
Athens (SW)
Bamako (SW)
Bangui (WW)
Banjul (SE)
Basseterre (EE)
Belgrade (SW)
Bissau (SE)
Bogotá (EE)
Brasília (NE)
Brazzaville (NW)
Bridgetown (EE)
Bucharest (SW)
Budapest (SW)
Buenos Aires (NE)
Caracas (EE)
Castries (EE)
Chișinău (SW)
Dakar (SE)
Djibouti (WW)
Dublin (SS)
Freetown (any)
Gaborone (NW)
Georgetown (EE)
Juba (WW)
Khartoum (WW)
Kiev (SW)
Kingston (EE)
Kingstown (EE)
Kinshasa (NW)
Libreville (WW)
Lisbon (SS)
Lomé (WW)
Luanda (NW)
Madrid (SS)
Malabo (WW)
Managua (EE)
Maputo (NW)
Maseru (NW)
Mbabane (NW)
Minsk (SW)
Mogadishu (WW)
Monrovia (NW)
Montevideo (NE)
Moscow (SW)
N'Djamena (WW)
Niamey (WW)
Ouagadougou (WW)
Panama City (EE)
Paramaribo (EE)
Podgorica (SW)
Port-au-Prince (EE)
Port-of-Spain (EE)
Porto-Novo (WW)
Praia (SE)
Pretoria (NW)
Pristina (SW)
Quito (EE)
Rabat (SS)
Rome (SW)
Roseau (EE)
Saint George's (EE)
Saint John's (EE)
San José (EE)
Sana'a (WW)
Santiago (NE)
Santo Domingo (EE)
São Tomé (NW)
Sarajevo (SW)
Skopje (SW)
Sofia (SW)
Tegucigalpa (EE)
Tirana (SW)
Tripoli (SW)
Tunis (SW)
Valletta (SW)
Vatican City (SW)
Windhoek (NW)
Yamoussoukro (WW)
Yaoundé (WW)
Zagreb (SW)
Conakry
86%
Abuja (NN)
Accra (NN)
Algiers (NN)
Amman (NW)
Amsterdam (any)
Andorra la Vella (NN)
Ankara (NW)
Asmara (NW)
Astana (WW)
Athens (NW)
Baghdad (NW)
Baku (WW)
Beijing (WW)
Beirut (NW)
Belgrade (NW)
Berlin (WW)
Bern (NW)
Bishkek (WW)
Bratislava (WW)
Brazzaville (NN)
Bridgetown (NE)
Bucharest (NW)
Budapest (WW)
Cairo (NW)
Chișinău (WW)
Copenhagen (SW)
Damascus (NW)
Djibouti (NW)
Doha (NW)
Dublin (EE)
Georgetown (NE)
Helsinki (SW)
Jerusalem (NW)
Kiev (WW)
Kingstown (NE)
Kinshasa (NN)
Libreville (NN)
Lisbon (NE)
Ljubljana (NW)
Lomé (NN)
London (EE)
Luanda (NN)
Luxembourg (any)
Madrid (NE)
Malabo (NN)
Minsk (WW)
Mogadishu (NW)
Monaco (NN)
Moscow (WW)
Niamey (NN)
Nicosia (NW)
Oslo (SS)
Ottawa (EE)
Ouagadougou (NN)
Paramaribo (NE)
Paris (NE)
Podgorica (NW)
Port-of-Spain (NE)
Porto-Novo (NN)
Prague (WW)
Pristina (NW)
Rabat (NE)
Reykjavík (SE)
Riga (SW)
Riyadh (NW)
Rome (NW)
Saint George's (NE)
San Marino (NW)
Sana'a (NW)
São Tomé (NN)
Sarajevo (NW)
Skopje (NW)
Sofia (NW)
Stockholm (SW)
Tallinn (SW)
Tbilisi (WW)
Tirana (NW)
Tripoli (NN)
Tunis (NN)
Ulaanbaatar (WW)
Vaduz (NW)
Valletta (NW)
Vatican City (NW)
Victoria (NW)
Vienna (WW)
Vilnius (WW)
Warsaw (WW)
Yaoundé (NN)
Yerevan (WW)
Zagreb (NW)
Brussels
86%
Abuja (WW)
Accra (NW)
Addis Ababa (WW)
Algiers (SW)
Andorra la Vella (SW)
Asmara (WW)
Asunción (NE)
Athens (SW)
Bamako (WW)
Bangui (WW)
Banjul (any)
Basseterre (EE)
Belgrade (SW)
Belmopan (EE)
Bogotá (EE)
Brasília (NE)
Bratislava (SW)
Brazzaville (NW)
Bridgetown (EE)
Bucharest (SW)
Budapest (SW)
Buenos Aires (NE)
Caracas (EE)
Castries (EE)
Chișinău (SW)
Conakry (NW)
Dakar (SE)
Djibouti (WW)
Freetown (NW)
Gaborone (NW)
Georgetown (EE)
Juba (WW)
Khartoum (WW)
Kiev (SW)
Kingston (EE)
Kingstown (EE)
Kinshasa (NW)
Libreville (NW)
Lisbon (SS)
Ljubljana (SW)
Lomé (WW)
Luanda (NW)
Madrid (SS)
Malabo (WW)
Managua (EE)
Maputo (NW)
Maseru (NW)
Mbabane (NW)
Minsk (SW)
Mogadishu (WW)
Monrovia (NW)
Montevideo (NE)
Moscow (SW)
Muscat (WW)
N'Djamena (WW)
Niamey (WW)
Ouagadougou (WW)
Panama City (EE)
Paramaribo (EE)
Podgorica (SW)
Port-au-Prince (EE)
Port-of-Spain (EE)
Porto-Novo (WW)
Praia (EE)
Pretoria (NW)
Pristina (SW)
Rabat (SS)
Rome (SW)
Roseau (EE)
Saint George's (EE)
Saint John's (EE)
San José (EE)
San Marino (SW)
San Salvador (EE)
Sana'a (WW)
Santiago (NE)
Santo Domingo (EE)
São Tomé (NW)
Sarajevo (SW)
Skopje (SW)
Sofia (SW)
Tegucigalpa (EE)
Tirana (SW)
Tripoli (SW)
Tunis (SW)
Valletta (SW)
Vatican City (SW)
Vienna (SW)
Vilnius (SW)
Warsaw (SW)
Windhoek (NW)
Yamoussoukro (NW)
Yaoundé (WW)
Zagreb (SW)
Bissau
86%
Abu Dhabi (NE)
Addis Ababa (NE)
Algiers (EE)
Amman (EE)
Andorra la Vella (EE)
Ankara (EE)
Ashgabat (EE)
Asmara (NE)
Athens (EE)
Baghdad (EE)
Baku (EE)
Bandar Seri Begawan (NW)
Bangkok (NW)
Bangui (NE)
Beijing (WW)
Beirut (EE)
Belgrade (EE)
Bern (EE)
Bratislava (EE)
Brazzaville (NE)
Brussels (EE)
Bucharest (EE)
Budapest (EE)
Bujumbura (NE)
Chișinău (EE)
Colombo (NN)
Damascus (EE)
Dhaka (NW)
Dili (NW)
Djibouti (NE)
Dodoma (NE)
Doha (NE)
Dushanbe (NE)
Hanoi (NW)
Helsinki (SE)
Islamabad (NN)
Jerusalem (EE)
Juba (NE)
Kabul (NE)
Kampala (NE)
Kathmandu (NW)
Khartoum (NE)
Kiev (EE)
Kigali (NE)
Kinshasa (NE)
Kuwait City (NE)
Libreville (NE)
Lisbon (EE)
Ljubljana (EE)
London (EE)
Lusaka (NE)
Luxembourg (EE)
Madrid (EE)
Malé (NN)
Manama (NE)
Manila (NW)
Minsk (EE)
Monaco (EE)
Moscow (SE)
Muscat (NE)
Nairobi (NE)
Naypyidaw (NW)
New Delhi (NN)
Nicosia (EE)
Paris (EE)
Phnom Penh (NW)
Podgorica (EE)
Prague (EE)
Pristina (EE)
Pyongyang (WW)
Rabat (EE)
Riga (SE)
Riyadh (NE)
Rome (EE)
San Marino (EE)
Sana'a (NE)
Sarajevo (EE)
Seoul (WW)
Skopje (EE)
Sofia (EE)
Tallinn (SE)
Tashkent (EE)
Tbilisi (EE)
Tehran (EE)
Thimphu (NW)
Tirana (EE)
Tokyo (WW)
Tunis (EE)
Ulaanbaatar (WW)
Vaduz (EE)
Valletta (EE)
Vatican City (EE)
Vienna (EE)
Vientiane (NW)
Vilnius (EE)
Yerevan (EE)
Zagreb (EE)
Bishkek
86%
Abu Dhabi (NE)
Addis Ababa (NE)
Algiers (EE)
Amman (EE)
Andorra la Vella (EE)
Ankara (EE)
Ashgabat (EE)
Asmara (NE)
Astana (SS)
Athens (EE)
Baghdad (EE)
Baku (EE)
Bandar Seri Begawan (NW)
Bangkok (NW)
Bangui (NE)
Beijing (WW)
Beirut (EE)
Belgrade (EE)
Bern (EE)
Bishkek (WW)
Brazzaville (NE)
Bucharest (EE)
Budapest (EE)
Bujumbura (NE)
Cairo (EE)
Chișinău (EE)
Colombo (NN)
Damascus (EE)
Dhaka (NW)
Dili (NW)
Djibouti (NE)
Doha (NE)
Dushanbe (NN)
Helsinki (SE)
Islamabad (NN)
Jakarta (NW)
Jerusalem (EE)
Juba (NE)
Kabul (NN)
Kampala (NE)
Kathmandu (NW)
Khartoum (NE)
Kiev (EE)
Kigali (NE)
Kinshasa (NE)
Kuala Lumpur (NW)
Kuwait City (NE)
Libreville (NE)
Lisbon (EE)
Ljubljana (EE)
Luanda (NE)
Madrid (EE)
Malé (NN)
Manama (NE)
Minsk (SE)
Monaco (EE)
Moscow (SE)
Muscat (NE)
Naypyidaw (NW)
New Delhi (NW)
Nicosia (EE)
Paris (EE)
Phnom Penh (NW)
Podgorica (EE)
Pristina (EE)
Pyongyang (WW)
Rabat (EE)
Riga (SE)
Riyadh (NE)
Rome (EE)
San Marino (EE)
Sana'a (NE)
São Tomé (NE)
Sarajevo (EE)
Seoul (WW)
Singapore (NW)
Skopje (EE)
Sofia (EE)
Tallinn (SE)
Tbilisi (EE)
Tehran (EE)
Thimphu (NW)
Tirana (EE)
Tokyo (WW)
Tunis (EE)
Ulaanbaatar (WW)
Vaduz (EE)
Valletta (EE)
Vatican City (EE)
Vientiane (NW)
Vilnius (SE)
Warsaw (EE)
Yaoundé (NE)
Yerevan (EE)
Zagreb (EE)
Tashkent
86%
Abu Dhabi (SS)
Accra (EE)
Addis Ababa (SE)
Algiers (SE)
Andorra la Vella (SE)
Antananarivo (NN)
Asmara (SE)
Baku (SS)
Bandar Seri Begawan (WW)
Bangui (EE)
Bern (SE)
Bissau (EE)
Brazzaville (EE)
Brussels (SE)
Bujumbura (EE)
Cairo (SE)
Colombo (WW)
Conakry (EE)
Dodoma (NE)
Doha (SS)
Dublin (SE)
Freetown (EE)
Gaborone (NE)
Harare (NE)
Islamabad (SW)
Jakarta (WW)
Juba (EE)
Kampala (EE)
Khartoum (SE)
Kigali (EE)
Kinshasa (EE)
Kuala Lumpur (WW)
Kuwait City (SS)
Libreville (EE)
Lilongwe (NE)
Lisbon (SE)
Lomé (EE)
London (SE)
Luanda (EE)
Lusaka (NE)
Luxembourg (SE)
Madrid (SE)
Malabo (EE)
Malé (WW)
Manama (SS)
Maputo (NE)
Maseru (NE)
Mbabane (NE)
Monaco (SE)
Monrovia (EE)
Moroni (NN)
Muscat (SW)
Nairobi (EE)
N'Djamena (EE)
New Delhi (SW)
Paris (SE)
Phnom Penh (WW)
Port Louis (NW)
Porto-Novo (EE)
Pretoria (NE)
Riyadh (SS)
Rome (SE)
San Marino (SE)
São Tomé (EE)
Singapore (WW)
Tehran (SS)
Tripoli (SE)
Tunis (SE)
Ulaanbaatar (SW)
Valletta (SE)
Vatican City (SE)
Victoria (NW)
Windhoek (NE)
Yamoussoukro (EE)
Yaoundé (EE)
Mogadishu
86%
Abu Dhabi (EE)
Algiers (EE)
Amman (EE)
Ashgabat (SE)
Baghdad (EE)
Baku (SE)
Bangkok (NW)
Beijing (WW)
Beirut (EE)
Cairo (EE)
Colombo (NN)
Damascus (EE)
Dhaka (NW)
Dili (NW)
Dodoma (NE)
Doha (EE)
Dushanbe (SE)
Hanoi (WW)
Harare (NE)
Helsinki (SE)
Islamabad (SE)
Jakarta (NW)
Jerusalem (EE)
Kabul (SE)
Kathmandu (WW)
Kuala Lumpur (NW)
Kuwait City (EE)
Lilongwe (NE)
Lisbon (EE)
Lusaka (NE)
Malé (NN)
Manama (EE)
Maputo (NE)
Mbabane (NE)
Mogadishu (NE)
Moroni (NE)
Moscow (SE)
Muscat (EE)
Nairobi (NE)
Naypyidaw (NW)
Nicosia (EE)
Phnom Penh (NW)
Pretoria (NE)
Rabat (EE)
Riga (SE)
Riyadh (EE)
Sana'a (NE)
Singapore (NW)
Stockholm (SE)
Taipei (WW)
Tallinn (SE)
Tashkent (SE)
Tbilisi (SE)
Tehran (EE)
Thimphu (WW)
Tokyo (WW)
Tripoli (EE)
Tunis (EE)
Ulaanbaatar (SW)
Valletta (EE)
Vientiane (NW)
Yerevan (SE)
New Delhi
84%
Abu Dhabi (WW)
Abuja (WW)
Accra (NW)
Addis Ababa (WW)
Algiers (SW)
Andorra la Vella (SW)
Asmara (WW)
Asunción (NE)
Bamako (NW)
Banjul (NN)
Basseterre (EE)
Belgrade (SW)
Belmopan (EE)
Bern (SW)
Bissau (NN)
Brasília (NE)
Bratislava (SW)
Brazzaville (NW)
Bridgetown (EE)
Bucharest (SW)
Budapest (SW)
Buenos Aires (NE)
Caracas (EE)
Castries (EE)
Chișinău (SW)
Conakry (NN)
Dakar (NE)
Djibouti (WW)
Doha (WW)
Freetown (NN)
Gaborone (NW)
Guatemala City (EE)
Harare (NW)
Havana (EE)
Helsinki (SW)
Khartoum (WW)
Kiev (SW)
Kingston (EE)
Kingstown (EE)
Kinshasa (NW)
Libreville (NW)
Lisbon (SS)
Ljubljana (SW)
Lomé (NW)
London (SS)
Luanda (NW)
Lusaka (NW)
Madrid (SW)
Malabo (NW)
Managua (EE)
Manama (WW)
Maputo (NW)
Maseru (NW)
Mbabane (NW)
Minsk (SW)
Monaco (SW)
Monrovia (NW)
Montevideo (NE)
Moscow (SW)
Muscat (WW)
Nassau (EE)
N'Djamena (WW)
Niamey (WW)
Ouagadougou (WW)
Panama City (EE)
Paris (SW)
Podgorica (SW)
Port-au-Prince (EE)
Port-of-Spain (EE)
Porto-Novo (NW)
Prague (SW)
Praia (NE)
Pretoria (NW)
Pristina (SW)
Rabat (SW)
Riga (SW)
Riyadh (WW)
Rome (SW)
Roseau (EE)
Saint George's (EE)
Saint John's (EE)
San José (EE)
San Marino (SW)
San Salvador (EE)
Sana'a (WW)
Santo Domingo (EE)
São Tomé (NW)
Sarajevo (SW)
Skopje (SW)
Sofia (SW)
Sucre (NE)
Tallinn (SW)
Tegucigalpa (EE)
Tirana (SW)
Tripoli (SW)
Tunis (SW)
Vaduz (SW)
Valletta (SW)
Vatican City (SW)
Vienna (SW)
Vilnius (SW)
Warsaw (SW)
Windhoek (NW)
Yamoussoukro (NW)
Yaoundé (NW)
Zagreb (SW)
Nouakchott
84%
Abu Dhabi (SW)
Abuja (EE)
Addis Ababa (SS)
Algiers (SE)
Andorra la Vella (SE)
Antananarivo (NW)
Asmara (SS)
Baghdad (SS)
Bangui (EE)
Bishkek (SW)
Brazzaville (EE)
Bujumbura (EE)
Djibouti (SW)
Dodoma (NN)
Doha (SW)
Dushanbe (SW)
Gaborone (NE)
Harare (NN)
Islamabad (SW)
Jakarta (WW)
Juba (SE)
Kabul (SW)
Kampala (EE)
Kigali (EE)
Kinshasa (EE)
Kuala Lumpur (WW)
Kuwait City (SS)
Libreville (EE)
Lilongwe (NN)
Lisbon (SE)
Luanda (EE)
Lusaka (NE)
Madrid (SE)
Malabo (EE)
Malé (WW)
Manama (SW)
Maputo (NN)
Maseru (NN)
Mbabane (NN)
Mogadishu (WW)
Monrovia (EE)
Moroni (NW)
Moscow (SS)
Muscat (SW)
N'Djamena (SE)
New Delhi (SW)
Port Louis (NW)
Porto-Novo (EE)
Pretoria (NN)
Rabat (SE)
Riyadh (SS)
Sana'a (SW)
São Tomé (EE)
Singapore (WW)
Tbilisi (SS)
Victoria (WW)
Windhoek (NE)
Yaoundé (EE)
Yerevan (SS)
Nairobi
84%
Abu Dhabi (EE)
Addis Ababa (NE)
Amman (SE)
Ankara (SE)
Asmara (NE)
Astana (SS)
Athens (SE)
Baghdad (SE)
Baku (SE)
Bamako (EE)
Banjul (EE)
Beirut (SE)
Berlin (SE)
Bishkek (SW)
Bissau (EE)
Bratislava (SE)
Bucharest (SE)
Budapest (SE)
Bujumbura (NE)
Cairo (EE)
Chișinău (SE)
Colombo (NW)
Copenhagen (SE)
Dakar (EE)
Damascus (SE)
Dhaka (WW)
Djibouti (NE)
Dodoma (NE)
Doha (EE)
Dushanbe (SW)
Hanoi (WW)
Islamabad (SW)
Jerusalem (EE)
Juba (NE)
Kabul (SW)
Kampala (NE)
Kathmandu (WW)
Khartoum (EE)
Kiev (SE)
Kigali (NE)
Kuwait City (SE)
Luanda (NE)
Lusaka (NE)
Malé (NW)
Manama (EE)
Manila (WW)
Minsk (SE)
Mogadishu (NE)
Moscow (SE)
Nairobi (NE)
Naypyidaw (WW)
New Delhi (WW)
Nicosia (SE)
Nouakchott (EE)
Oslo (SE)
Port Louis (NN)
Prague (SE)
Reykjavík (SE)
Riga (SE)
Riyadh (EE)
Sana'a (NE)
Skopje (SE)
Sofia (SE)
Stockholm (SE)
Taipei (WW)
Tashkent (SW)
Tbilisi (SE)
Tehran (SE)
Thimphu (WW)
Tokyo (WW)
Victoria (NN)
Vienna (SE)
Vientiane (WW)
Vilnius (SE)
Warsaw (SE)
Windhoek (NE)
Yerevan (SE)
Muscat
84%
Abu Dhabi (NW)
Abuja (NN)
Algiers (NE)
Amman (NW)
Amsterdam (NE)
Andorra la Vella (NE)
Ankara (NW)
Ashgabat (NW)
Astana (WW)
Athens (NN)
Baghdad (NW)
Baku (NW)
Bangui (NN)
Basseterre (NE)
Beirut (NW)
Belgrade (NN)
Berlin (NN)
Bern (NE)
Bratislava (NN)
Brazzaville (NN)
Brussels (NE)
Bucharest (NN)
Budapest (NN)
Bujumbura (NN)
Cairo (NN)
Chișinău (NW)
Colombo (NW)
Copenhagen (NE)
Damascus (NW)
Dublin (NE)
Helsinki (WW)
Jerusalem (NW)
Kabul (NW)
Kiev (NW)
Kigali (NN)
Kinshasa (NN)
Libreville (NN)
Lisbon (NE)
Ljubljana (NN)
London (NE)
Luanda (NN)
Luxembourg (NE)
Madrid (NE)
Malabo (NN)
Malé (NW)
Minsk (NW)
Monaco (NE)
Moscow (WW)
Muscat (NW)
N'Djamena (NN)
New Delhi (NW)
Nicosia (NW)
Oslo (EE)
Paris (NE)
Podgorica (NN)
Prague (NN)
Praia (NE)
Pristina (NN)
Rabat (NE)
Reykjavík (EE)
Riga (NW)
Rome (NN)
Roseau (NE)
Saint John's (NE)
San Marino (NN)
São Tomé (NN)
Sarajevo (NN)
Skopje (NN)
Sofia (NN)
Tallinn (WW)
Tbilisi (NW)
Tehran (NW)
Tirana (NN)
Tripoli (NN)
Tunis (NN)
Vaduz (NE)
Valletta (NN)
Vatican City (NN)
Vienna (NN)
Vilnius (NW)
Warsaw (NN)
Yaoundé (NN)
Yerevan (NW)
Zagreb (NN)
Stockholm
84%
Asunción (NW)
Banjul (WW)
Basseterre (WW)
Belmopan (SE)
Bissau (WW)
Bogotá (NW)
Brasília (NW)
Bridgetown (WW)
Caracas (WW)
Castries (WW)
Conakry (WW)
Dakar (WW)
Freetown (WW)
Georgetown (WW)
Guatemala City (SE)
Havana (SS)
Kingston (SW)
Kingstown (WW)
Lima (NN)
Mexico City (SE)
Nassau (SW)
Nouakchott (WW)
Ottawa (SS)
Panama City (NW)
Paramaribo (WW)
Port-au-Prince (SW)
Port-of-Spain (WW)
Praia (WW)
Quito (NW)
Reykjavík (SW)
Roseau (WW)
Saint George's (WW)
Saint John's (WW)
San José (NW)
San Salvador (SE)
Santo Domingo (WW)
Tegucigalpa (any)
Washington D.C. (SS)
Managua
84%
Abuja (WW)
Accra (NW)
Addis Ababa (WW)
Algiers (SS)
Andorra la Vella (SS)
Ankara (SW)
Asmara (WW)
Asunción (NE)
Athens (SW)
Bangui (WW)
Banjul (EE)
Basseterre (EE)
Belgrade (SW)
Bissau (EE)
Bogotá (EE)
Brasília (NE)
Brazzaville (NW)
Bridgetown (EE)
Bucharest (SW)
Buenos Aires (NE)
Caracas (EE)
Castries (EE)
Chișinău (SW)
Conakry (NE)
Dakar (EE)
Djibouti (WW)
Dublin (SS)
Freetown (NE)
Gaborone (NW)
Georgetown (EE)
Harare (NW)
Havana (EE)
Khartoum (WW)
Kiev (SW)
Kingston (EE)
Kingstown (EE)
Kinshasa (NW)
Libreville (NW)
Lomé (NW)
London (SS)
Luanda (NW)
Lusaka (NW)
Madrid (SS)
Malabo (NW)
Maputo (NW)
Maseru (NW)
Mbabane (NW)
Monaco (SW)
Monrovia (NE)
Montevideo (NE)
Moscow (SW)
Muscat (WW)
N'Djamena (WW)
Niamey (WW)
Nouakchott (SE)
Ouagadougou (WW)
Panama City (EE)
Paramaribo (EE)
Podgorica (SW)
Port-au-Prince (EE)
Port-of-Spain (EE)
Porto-Novo (NW)
Praia (EE)
Pretoria (NW)
Pristina (SW)
Rabat (SS)
Rome (SW)
Roseau (EE)
Saint George's (EE)
Saint John's (EE)
San Marino (SW)
Sana'a (WW)
Santo Domingo (EE)
São Tomé (NW)
Sarajevo (SW)
Skopje (SW)
Sofia (SW)
Tirana (SW)
Tripoli (SW)
Tunis (SW)
Valletta (SW)
Vatican City (SW)
Yamoussoukro (NW)
Yaoundé (NW)
Bamako
84%
Abuja (WW)
Asunción (NN)
Bamako (WW)
Banjul (WW)
Belmopan (EE)
Bissau (WW)
Bogotá (NE)
Bridgetown (NW)
Buenos Aires (NN)
Caracas (NE)
Castries (NW)
Conakry (WW)
Dakar (WW)
Dublin (SW)
Georgetown (NW)
Guatemala City (EE)
Havana (EE)
Kingston (EE)
Kingstown (NN)
Lima (NE)
Managua (EE)
Mexico City (EE)
Montevideo (NN)
Nassau (SE)
Niamey (WW)
Nouakchott (WW)
Oslo (SW)
Ouagadougou (WW)
Panama City (NE)
Paramaribo (NW)
Port-au-Prince (EE)
Port-of-Spain (NN)
Porto-Novo (WW)
Praia (WW)
Quito (NE)
Roseau (NW)
Saint George's (NN)
Saint John's (any)
San José (EE)
San Salvador (EE)
Santiago (NN)
Santo Domingo (EE)
Stockholm (SW)
Sucre (NN)
Tegucigalpa (EE)
Washington D.C. (SE)
Basseterre
84%
Abu Dhabi (NW)
Addis Ababa (NE)
Amman (SE)
Amsterdam (SE)
Ankara (SE)
Antananarivo (NN)
Ashgabat (SW)
Asmara (NE)
Astana (SW)
Athens (SE)
Baghdad (SE)
Bangui (NE)
Beirut (SE)
Belgrade (SE)
Berlin (SE)
Bishkek (SW)
Bratislava (SE)
Brazzaville (NE)
Bucharest (SE)
Budapest (SE)
Bujumbura (NE)
Cairo (EE)
Chișinău (SE)
Colombo (NW)
Copenhagen (SE)
Damascus (SE)
Dhaka (WW)
Djibouti (NE)
Dodoma (NE)
Doha (any)
Dushanbe (SW)
Hanoi (WW)
Islamabad (WW)
Jerusalem (EE)
Juba (NE)
Kabul (SW)
Kampala (NE)
Kathmandu (WW)
Khartoum (NE)
Kiev (SE)
Kigali (NE)
Kinshasa (NE)
Kuwait City (SE)
Ljubljana (SE)
Luanda (NE)
Malé (NW)
Minsk (SE)
Mogadishu (NN)
Muscat (WW)
Nairobi (NE)
Naypyidaw (WW)
New Delhi (WW)
Nicosia (SE)
Nouakchott (EE)
Oslo (SE)
Podgorica (SE)
Port Louis (NN)
Prague (SE)
Praia (EE)
Pristina (SE)
Rabat (EE)
Reykjavík (SE)
Riyadh (NE)
Rome (SE)
San Marino (SE)
Sana'a (NE)
Sarajevo (SE)
Seoul (WW)
Skopje (SE)
Sofia (SE)
Taipei (WW)
Tashkent (SW)
Tehran (SS)
Thimphu (WW)
Tirana (SE)
Tripoli (EE)
Tunis (EE)
Valletta (EE)
Vatican City (SE)
Victoria (NN)
Vienna (SE)
Vientiane (WW)
Vilnius (SE)
Warsaw (SE)
Zagreb (SE)
Manama
84%
Abuja (NN)
Accra (NN)
Addis Ababa (NW)
Algiers (NN)
Amman (WW)
Amsterdam (SS)
Ankara (WW)
Ashgabat (WW)
Asmara (NW)
Athens (WW)
Baghdad (WW)
Baku (WW)
Bamako (NN)
Banjul (NE)
Beirut (WW)
Belgrade (WW)
Berlin (SW)
Bern (SW)
Bishkek (WW)
Bissau (NE)
Bratislava (SW)
Brussels (SS)
Bucharest (WW)
Budapest (WW)
Cairo (NW)
Chișinău (WW)
Conakry (NN)
Copenhagen (SW)
Dakar (NE)
Damascus (WW)
Djibouti (NW)
Dublin (SE)
Dushanbe (WW)
Helsinki (SW)
Islamabad (WW)
Jerusalem (WW)
Juba (NW)
Kabul (WW)
Khartoum (NW)
Kiev (WW)
Libreville (NN)
Lisbon (NE)
Ljubljana (WW)
Lomé (NN)
Luxembourg (SW)
Madrid (NE)
Malabo (NN)
Minsk (SW)
Mogadishu (NW)
Monaco (WW)
Moroni (NW)
Moscow (SW)
Nairobi (NW)
N'Djamena (NN)
Niamey (NN)
Nicosia (WW)
Nouakchott (NE)
Oslo (SS)
Ottawa (EE)
Ouagadougou (NN)
Paramaribo (NE)
Paris (SS)
Podgorica (WW)
Porto-Novo (NN)
Prague (SW)
Praia (NE)
Pristina (WW)
Rabat (NE)
Reykjavík (SE)
Riga (SW)
Rome (WW)
San Marino (WW)
Sana'a (NW)
São Tomé (NN)
Sarajevo (WW)
Skopje (WW)
Sofia (WW)
Stockholm (SW)
Tallinn (SW)
Tashkent (WW)
Tbilisi (WW)
Tehran (WW)
Tirana (WW)
Tripoli (NW)
Tunis (NW)
Ulaanbaatar (WW)
Vaduz (SW)
Valletta (NW)
Vatican City (WW)
Victoria (NW)
Vienna (SW)
Vilnius (SW)
Warsaw (SW)
Washington D.C. (EE)
Yamoussoukro (NN)
Yerevan (WW)
Zagreb (WW)
Andorra la Vella
84%
Abu Dhabi (NW)
Addis Ababa (NE)
Amman (EE)
Amsterdam (SE)
Ankara (SE)
Antananarivo (NN)
Ashgabat (SW)
Asmara (NE)
Astana (SW)
Athens (SE)
Baghdad (SE)
Baku (SS)
Bangui (NE)
Beirut (SE)
Belgrade (SE)
Berlin (SE)
Bern (SE)
Bishkek (SW)
Bratislava (SE)
Brazzaville (NE)
Bucharest (SE)
Budapest (SE)
Cairo (EE)
Chișinău (SE)
Colombo (NW)
Copenhagen (SE)
Damascus (SE)
Dhaka (WW)
Djibouti (NN)
Doha (NW)
Dushanbe (SW)
Hanoi (WW)
Helsinki (SE)
Islamabad (WW)
Jerusalem (EE)
Juba (NE)
Kabul (WW)
Kampala (NE)
Kathmandu (WW)
Khartoum (NE)
Kiev (SE)
Kigali (NE)
Kinshasa (NE)
Libreville (NE)
Ljubljana (SE)
Luanda (NE)
Malé (NW)
Manama (NW)
Minsk (SE)
Mogadishu (NN)
Monaco (SE)
Moroni (NN)
Muscat (NW)
Nairobi (NN)
N'Djamena (NE)
New Delhi (WW)
Nicosia (SE)
Oslo (SE)
Podgorica (SE)
Prague (SE)
Pristina (SE)
Pyongyang (WW)
Rabat (EE)
Reykjavík (SE)
Riga (SE)
Riyadh (NN)
Rome (SE)
San Marino (SE)
Sana'a (NN)
São Tomé (NE)
Sarajevo (SE)
Seoul (WW)
Skopje (SE)
Sofia (SE)
Taipei (WW)
Tallinn (SE)
Tashkent (SW)
Tehran (SW)
Thimphu (WW)
Tirana (SE)
Tripoli (EE)
Tunis (EE)
Vaduz (SE)
Valletta (EE)
Vatican City (SE)
Victoria (NN)
Vienna (SE)
Vilnius (SE)
Warsaw (SE)
Yaoundé (NE)
Zagreb (SE)
Kuwait City
84%
Abu Dhabi (SW)
Abuja (SE)
Addis Ababa (SS)
Algiers (SE)
Amman (SS)
Antananarivo (NW)
Asmara (SS)
Bangui (SE)
Bishkek (SW)
Brazzaville (EE)
Bujumbura (SE)
Damascus (SS)
Djibouti (SW)
Doha (SW)
Gaborone (NE)
Harare (NN)
Islamabad (SW)
Jakarta (WW)
Kabul (SW)
Kampala (SE)
Kathmandu (SW)
Kigali (SE)
Kinshasa (EE)
Kuala Lumpur (WW)
Libreville (EE)
Lilongwe (NN)
Lisbon (SE)
Luanda (EE)
Lusaka (NE)
Madrid (SE)
Malabo (EE)
Manama (SW)
Maputo (NN)
Maseru (NN)
Mbabane (NN)
Mogadishu (SW)
Moroni (NW)
Moscow (SS)
Muscat (SW)
Nairobi (SS)
N'Djamena (SE)
New Delhi (SW)
Port Louis (NW)
Porto-Novo (EE)
Pretoria (NN)
Rabat (SE)
Riyadh (SS)
Sana'a (SS)
São Tomé (EE)
Singapore (WW)
Tbilisi (SS)
Victoria (WW)
Windhoek (NE)
Yaoundé (SE)
Yerevan (SS)
Dodoma
84%
Abu Dhabi (NW)
Abuja (NN)
Accra (NN)
Algiers (NN)
Amman (NW)
Andorra la Vella (NN)
Ankara (NW)
Asmara (NW)
Astana (WW)
Athens (NW)
Baghdad (NW)
Baku (WW)
Beijing (WW)
Beirut (NW)
Belgrade (NW)
Berlin (WW)
Bern (NN)
Bratislava (NW)
Brazzaville (NN)
Bridgetown (NE)
Brussels (any)
Bucharest (NW)
Budapest (NW)
Cairo (NW)
Caracas (NE)
Castries (NE)
Chișinău (WW)
Copenhagen (SW)
Damascus (NW)
Djibouti (NW)
Doha (NW)
Dublin (EE)
Georgetown (NE)
Helsinki (SW)
Jerusalem (NW)
Kiev (WW)
Kingstown (NE)
Kinshasa (NN)
Kuwait City (NW)
Libreville (NN)
Lisbon (NE)
Ljubljana (NW)
Lomé (NN)
London (EE)
Luanda (NN)
Luxembourg (NN)
Madrid (NE)
Malabo (NN)
Manama (NW)
Minsk (WW)
Monaco (NN)
Moscow (WW)
Niamey (NN)
Nicosia (NW)
Oslo (SW)
Ottawa (EE)
Ouagadougou (NN)
Paramaribo (NE)
Paris (NE)
Podgorica (NW)
Port-of-Spain (NE)
Porto-Novo (NN)
Prague (WW)
Pristina (NW)
Rabat (NE)
Reykjavík (SE)
Riga (WW)
Riyadh (NW)
Rome (NW)
Saint George's (NE)
San Marino (NW)
Sana'a (NW)
São Tomé (NN)
Sarajevo (NW)
Skopje (NW)
Sofia (NW)
Stockholm (SW)
Tallinn (SW)
Tbilisi (WW)
Tirana (NW)
Tripoli (NN)
Tunis (NN)
Ulaanbaatar (WW)
Vaduz (NW)
Valletta (NW)
Vatican City (NW)
Victoria (NW)
Vienna (NW)
Vilnius (WW)
Warsaw (WW)
Yaoundé (NN)
Yerevan (NW)
Zagreb (NW)
Amsterdam
84%
Accra (SE)
Addis Ababa (WW)
Amman (SW)
Ashgabat (SW)
Asmara (SW)
Baghdad (SW)
Baku (SW)
Bamako (SE)
Bangui (SW)
Banjul (SE)
Beirut (SW)
Berlin (SS)
Bishkek (SW)
Bissau (SE)
Bratislava (SS)
Brazzaville (NW)
Bujumbura (WW)
Colombo (WW)
Conakry (EE)
Copenhagen (SS)
Dakar (SE)
Damascus (SW)
Djibouti (WW)
Dodoma (WW)
Freetown (EE)
Gaborone (NW)
Georgetown (EE)
Harare (NW)
Jerusalem (SW)
Juba (WW)
Kampala (WW)
Khartoum (SW)
Kigali (WW)
Kinshasa (NW)
Kuwait City (SW)
Lilongwe (NW)
Ljubljana (SS)
Lomé (SE)
Luanda (NN)
Lusaka (NW)
Malé (WW)
Maputo (NW)
Maseru (NW)
Mbabane (NW)
Mogadishu (WW)
Monrovia (EE)
Moroni (WW)
Nairobi (WW)
N'Djamena (SW)
Niamey (SE)
Nouakchott (SE)
Oslo (SS)
Ouagadougou (SE)
Paramaribo (EE)
Port-of-Spain (EE)
Porto-Novo (SE)
Prague (SS)
Praia (SE)
Pretoria (NW)
Rome (SS)
Saint George's (EE)
San Marino (SS)
São Tomé (EE)
Stockholm (SS)
Tashkent (SW)
Tbilisi (SW)
Tehran (SW)
Tripoli (SS)
Tunis (SS)
Vaduz (SS)
Valletta (SS)
Vatican City (SS)
Victoria (WW)
Vienna (SS)
Windhoek (NN)
Yamoussoukro (SE)
Yaoundé (SW)
Yerevan (SW)
Zagreb (SS)
Libreville
84%
Addis Ababa (NE)
Amman (SE)
Amsterdam (SE)
Ankara (SE)
Antananarivo (NN)
Ashgabat (SS)
Asmara (NE)
Astana (SW)
Athens (SE)
Baghdad (SE)
Banjul (EE)
Beirut (SE)
Belgrade (SE)
Berlin (SE)
Bishkek (SW)
Bratislava (SE)
Brazzaville (NE)
Bucharest (SE)
Budapest (SE)
Bujumbura (NE)
Cairo (EE)
Chișinău (SE)
Colombo (NW)
Copenhagen (SE)
Dakar (EE)
Damascus (SE)
Dhaka (WW)
Djibouti (NE)
Dodoma (NE)
Doha (EE)
Dushanbe (SW)
Hanoi (WW)
Islamabad (SW)
Jerusalem (SE)
Juba (NE)
Kabul (SW)
Kampala (NE)
Kathmandu (WW)
Khartoum (NE)
Kiev (SE)
Kigali (NE)
Kinshasa (NE)
Kuwait City (SE)
Luanda (NE)
Malé (NW)
Manama (SE)
Manila (WW)
Minsk (SE)
Mogadishu (NN)
Muscat (WW)
Nairobi (NE)
Naypyidaw (WW)
New Delhi (WW)
Nicosia (SE)
Nouakchott (EE)
Oslo (SE)
Podgorica (SE)
Port Louis (NN)
Prague (SE)
Pristina (SE)
Reykjavík (SE)
Riyadh (EE)
Sana'a (NE)
Sarajevo (SE)
Skopje (SE)
Sofia (SE)
Stockholm (SE)
Taipei (WW)
Tashkent (SW)
Tbilisi (SE)
Thimphu (WW)
Tirana (SE)
Victoria (NN)
Vienna (SE)
Vientiane (WW)
Vilnius (SE)
Warsaw (SE)
Windhoek (NE)
Yerevan (SE)
Abu Dhabi
83%
Abuja (WW)
Accra (NN)
Addis Ababa (WW)
Algiers (SS)
Amsterdam (SS)
Andorra la Vella (SS)
Ankara (SW)
Asmara (WW)
Athens (SW)
Bamako (EE)
Bangui (WW)
Banjul (EE)
Basseterre (EE)
Bern (SS)
Bissau (EE)
Brazzaville (NW)
Bridgetown (EE)
Brussels (SS)
Bucharest (SW)
Buenos Aires (NE)
Bujumbura (NW)
Cairo (SW)
Caracas (EE)
Castries (EE)
Chișinău (SW)
Conakry (EE)
Dakar (EE)
Djibouti (WW)
Freetown (EE)
Gaborone (NW)
Georgetown (EE)
Harare (NW)
Juba (WW)
Kampala (WW)
Khartoum (WW)
Kigali (NW)
Kingstown (EE)
Kinshasa (NW)
Libreville (NW)
Lilongwe (NW)
Lomé (NW)
London (SS)
Luanda (NW)
Lusaka (NW)
Luxembourg (SS)
Malabo (NW)
Maputo (NW)
Mbabane (NW)
Monaco (SS)
Monrovia (NE)
Montevideo (NE)
Moscow (SW)
N'Djamena (WW)
Niamey (WW)
Nicosia (SW)
Nouakchott (EE)
Paramaribo (EE)
Paris (SS)
Podgorica (SW)
Port-au-Prince (EE)
Port-of-Spain (EE)
Porto-Novo (NW)
Praia (EE)
Pretoria (NW)
Rome (SW)
Roseau (EE)
Saint George's (EE)
Saint John's (EE)
San Marino (SS)
Sana'a (WW)
Santo Domingo (EE)
São Tomé (NW)
Sarajevo (SW)
Skopje (SW)
Sofia (SW)
Tbilisi (SW)
Tirana (SW)
Tripoli (SW)
Tunis (SW)
Vaduz (SS)
Valletta (SW)
Vatican City (SW)
Yamoussoukro (NE)
Yaoundé (NW)
Ouagadougou
83%
Bamako (WW)
Banjul (WW)
Basseterre (WW)
Belmopan (NE)
Bogotá (NW)
Brasília (NW)
Bridgetown (NW)
Caracas (NW)
Castries (NW)
Dakar (WW)
Georgetown (NW)
Guatemala City (NE)
Kingston (NW)
Kingstown (NW)
Lima (NN)
Managua (NN)
Mexico City (EE)
Nassau (SW)
Nouakchott (WW)
Ottawa (SS)
Panama City (NN)
Paramaribo (NW)
Port-au-Prince (NW)
Port-of-Spain (NW)
Praia (WW)
Quito (NN)
Rabat (WW)
Reykjavík (SW)
Roseau (WW)
Saint George's (NW)
Saint John's (WW)
San José (NN)
San Salvador (NE)
Santo Domingo (WW)
Tegucigalpa (NE)
Washington D.C. (SS)
Havana
83%
Accra (SE)
Amman (SS)
Ankara (SS)
Antananarivo (WW)
Bamako (SE)
Banjul (SE)
Beirut (SS)
Bissau (SE)
Brasília (EE)
Brazzaville (SE)
Bujumbura (SS)
Cairo (SS)
Conakry (SE)
Dakar (SE)
Damascus (SS)
Dodoma (SS)
Freetown (SE)
Gaborone (SE)
Harare (SS)
Jerusalem (SS)
Juba (SS)
Kampala (SS)
Khartoum (SS)
Kigali (SS)
Kinshasa (SE)
Libreville (SE)
Lilongwe (SW)
Lomé (SE)
Luanda (SE)
Lusaka (SS)
Malabo (SE)
Maputo (WW)
Maseru (NN)
Mbabane (WW)
Mogadishu (SW)
Monrovia (SE)
Montevideo (EE)
Moroni (SW)
Nairobi (SS)
New Delhi (SW)
Nicosia (SS)
Nouakchott (SE)
Ouagadougou (SE)
Port Louis (WW)
Porto-Novo (SE)
Praia (SE)
São Tomé (SE)
Victoria (SW)
Windhoek (EE)
Yamoussoukro (SE)
Yaoundé (SE)
Pretoria
83%
Abuja (SE)
Accra (SE)
Addis Ababa (SS)
Amman (SS)
Ankara (SS)
Antananarivo (WW)
Asmara (SS)
Bamako (SE)
Bangui (SE)
Beirut (SS)
Brazzaville (SE)
Cairo (SS)
Damascus (SS)
Dhaka (SW)
Djibouti (SS)
Dodoma (SS)
Gaborone (NE)
Islamabad (SW)
Jerusalem (SS)
Juba (SS)
Kampala (SS)
Kathmandu (SW)
Khartoum (SS)
Kinshasa (SE)
Libreville (SE)
Lilongwe (SW)
Lomé (SE)
Luanda (SE)
Lusaka (SE)
Malabo (SE)
Maputo (NN)
Maseru (NN)
Mbabane (NN)
Mogadishu (SW)
Moroni (SW)
Nairobi (SS)
N'Djamena (SE)
New Delhi (SW)
Niamey (SE)
Nicosia (SS)
Nouakchott (SE)
Ouagadougou (SE)
Port Louis (WW)
Porto-Novo (SE)
Pretoria (NN)
Sana'a (SS)
São Tomé (SE)
Victoria (SW)
Windhoek (EE)
Yaoundé (SE)
Harare
83%
Abuja (EE)
Accra (NE)
Addis Ababa (WW)
Algiers (SE)
Amman (SW)
Ankara (SW)
Antananarivo (NW)
Asmara (WW)
Astana (SW)
Athens (SS)
Baghdad (SW)
Baku (SW)
Bamako (EE)
Bangui (NW)
Banjul (EE)
Beirut (SW)
Belgrade (SS)
Bissau (EE)
Bratislava (SS)
Brazzaville (NN)
Bucharest (SS)
Budapest (SS)
Bujumbura (NW)
Cairo (SW)
Colombo (WW)
Conakry (EE)
Dakar (EE)
Damascus (SW)
Djibouti (WW)
Dodoma (NW)
Freetown (EE)
Harare (NW)
Helsinki (SS)
Jerusalem (SW)
Juba (NW)
Kampala (NW)
Khartoum (WW)
Kigali (NW)
Kinshasa (NN)
Kuwait City (SW)
Libreville (NE)
Lilongwe (NW)
Lisbon (SE)
Lomé (NE)
Luanda (NN)
Lusaka (NW)
Madrid (SE)
Malabo (NE)
Malé (WW)
Mogadishu (WW)
Monrovia (EE)
Moroni (NW)
Nairobi (NW)
Niamey (EE)
Nicosia (SW)
Nouakchott (EE)
Ouagadougou (EE)
Paramaribo (EE)
Podgorica (SS)
Port Louis (NW)
Porto-Novo (NE)
Praia (EE)
Pristina (SS)
Rabat (SE)
Riga (SS)
Riyadh (SW)
Sana'a (WW)
São Tomé (NE)
Sarajevo (SS)
Skopje (SS)
Sofia (SS)
Stockholm (SS)
Tallinn (SS)
Tbilisi (SW)
Tehran (SW)
Tirana (SS)
Vienna (SS)
Warsaw (SS)
Windhoek (NN)
Yamoussoukro (EE)
Yaoundé (NE)
Yerevan (SW)
Zagreb (SS)
N'Djamena
83%
Abuja (WW)
Accra (WW)
Addis Ababa (WW)
Algiers (SW)
Ankara (SW)
Asmara (WW)
Asunción (NE)
Athens (SW)
Bamako (SW)
Bangui (WW)
Banjul (SE)
Belgrade (SW)
Bissau (SE)
Bogotá (EE)
Brasília (NE)
Brazzaville (NW)
Bridgetown (EE)
Bucharest (SW)
Budapest (SW)
Buenos Aires (NE)
Caracas (EE)
Castries (EE)
Chișinău (SW)
Conakry (any)
Dakar (SE)
Djibouti (WW)
Dublin (SS)
Gaborone (NW)
Georgetown (EE)
Juba (WW)
Khartoum (WW)
Kiev (SW)
Kingston (EE)
Kingstown (EE)
Kinshasa (NW)
Libreville (WW)
Lisbon (SS)
Lomé (WW)
Luanda (NW)
Madrid (SS)
Malabo (WW)
Managua (EE)
Maputo (NW)
Maseru (NW)
Mbabane (NW)
Minsk (SW)
Mogadishu (WW)
Monrovia (NW)
Montevideo (NE)
Moscow (SW)
N'Djamena (WW)
Niamey (WW)
Ouagadougou (WW)
Panama City (EE)
Paramaribo (EE)
Podgorica (SW)
Port-au-Prince (EE)
Port-of-Spain (EE)
Porto-Novo (WW)
Praia (SE)
Pretoria (NW)
Pristina (SW)
Quito (EE)
Rabat (SS)
Roseau (EE)
Saint George's (EE)
San José (EE)
Sana'a (WW)
Santiago (NE)
São Tomé (WW)
Sarajevo (SW)
Skopje (SW)
Sofia (SW)
Tirana (SW)
Tripoli (SW)
Tunis (SW)
Valletta (SW)
Windhoek (NW)
Yamoussoukro (WW)
Yaoundé (WW)
Freetown
83%
Abu Dhabi (SW)
Abuja (EE)
Accra (EE)
Addis Ababa (SW)
Algiers (SE)
Amman (SS)
Ankara (SS)
Antananarivo (NW)
Asmara (SW)
Baghdad (SS)
Bangui (EE)
Beirut (SS)
Bishkek (SW)
Brazzaville (EE)
Bujumbura (NE)
Colombo (WW)
Damascus (SS)
Djibouti (SW)
Dodoma (NW)
Doha (SW)
Dushanbe (SW)
Gaborone (NN)
Harare (NN)
Islamabad (SW)
Jerusalem (SS)
Kabul (SW)
Kigali (NE)
Kinshasa (EE)
Kuala Lumpur (WW)
Kuwait City (SW)
Libreville (EE)
Lilongwe (NN)
Lisbon (SE)
Lomé (EE)
Luanda (NE)
Lusaka (NN)
Madrid (SE)
Malabo (EE)
Malé (WW)
Manama (SW)
Maputo (NN)
Maseru (NN)
Mbabane (NN)
Mogadishu (WW)
Monrovia (EE)
Moroni (NW)
Moscow (SS)
Muscat (SW)
Nairobi (WW)
N'Djamena (SE)
Niamey (SE)
Nicosia (SS)
Ouagadougou (EE)
Port Louis (NW)
Porto-Novo (EE)
Pretoria (NN)
Rabat (SE)
Riyadh (SW)
Sana'a (SW)
São Tomé (EE)
Singapore (WW)
Tashkent (SW)
Victoria (WW)
Windhoek (NE)
Yamoussoukro (EE)
Yaoundé (EE)
Kampala
83%
Abu Dhabi (SW)
Accra (SE)
Addis Ababa (SW)
Antananarivo (WW)
Ashgabat (SW)
Asmara (SW)
Baghdad (SW)
Bamako (SE)
Bangui (SS)
Banjul (SE)
Belgrade (SS)
Berlin (SS)
Bissau (SE)
Brasília (EE)
Bratislava (SS)
Brazzaville (SW)
Budapest (SS)
Bujumbura (WW)
Conakry (SE)
Dakar (SE)
Dodoma (WW)
Doha (SW)
Dushanbe (SW)
Freetown (SE)
Gaborone (NW)
Harare (NW)
Helsinki (SS)
Islamabad (SW)
Juba (SW)
Kabul (SW)
Kampala (SW)
Khartoum (SW)
Kigali (WW)
Kinshasa (SW)
Kuwait City (SW)
Lilongwe (WW)
Ljubljana (SS)
Lomé (SE)
Lusaka (NW)
Manama (SW)
Maputo (NW)
Maseru (NW)
Mbabane (NW)
Mogadishu (WW)
Monrovia (SE)
Moroni (WW)
Muscat (SW)
Nairobi (WW)
N'Djamena (SS)
Niamey (SE)
Nouakchott (SE)
Ouagadougou (SE)
Podgorica (SS)
Porto-Novo (SE)
Prague (SS)
Pretoria (NW)
Pristina (SS)
Riga (SS)
Riyadh (SW)
Sana'a (SW)
São Tomé (SE)
Sarajevo (SS)
Skopje (SS)
Stockholm (SS)
Tallinn (SS)
Tashkent (SW)
Tehran (SW)
Tirana (SS)
Valletta (SS)
Victoria (WW)
Vienna (SS)
Vilnius (SS)
Warsaw (SS)
Windhoek (NN)
Yamoussoukro (SE)
Zagreb (SS)
Luanda
83%
Abu Dhabi (WW)
Abuja (WW)
Accra (NW)
Addis Ababa (WW)
Algiers (SW)
Andorra la Vella (SW)
Asmara (WW)
Asunción (NE)
Bamako (WW)
Banjul (any)
Basseterre (EE)
Belgrade (SW)
Belmopan (EE)
Bissau (NW)
Brasília (NE)
Bratislava (SW)
Bridgetown (EE)
Bucharest (SW)
Budapest (SW)
Buenos Aires (NE)
Caracas (EE)
Castries (EE)
Chișinău (SW)
Conakry (NW)
Djibouti (WW)
Doha (WW)
Freetown (NW)
Gaborone (NW)
Guatemala City (EE)
Havana (EE)
Khartoum (WW)
Kiev (SW)
Kingston (EE)
Kingstown (EE)
Libreville (NW)
Lisbon (SS)
Ljubljana (SW)
Lomé (NW)
Luanda (NW)
Madrid (SW)
Malabo (NW)
Managua (EE)
Maputo (NW)
Maseru (NW)
Mbabane (NW)
Minsk (SW)
Monaco (SW)
Monrovia (NW)
Montevideo (NE)
Moscow (SW)
Muscat (WW)
N'Djamena (WW)
Niamey (WW)
Nouakchott (SW)
Ouagadougou (WW)
Panama City (EE)
Podgorica (SW)
Port-au-Prince (EE)
Port-of-Spain (EE)
Porto-Novo (NW)
Prague (SW)
Praia (EE)
Pretoria (NW)
Pristina (SW)
Rabat (SW)
Riga (SW)
Riyadh (WW)
Rome (SW)
Roseau (EE)
Saint George's (EE)
Saint John's (EE)
San José (EE)
San Marino (SW)
San Salvador (EE)
Sana'a (WW)
Santiago (NE)
Santo Domingo (EE)
São Tomé (NW)
Sarajevo (SW)
Skopje (SW)
Sofia (SW)
Sucre (NE)
Tallinn (SW)
Tegucigalpa (EE)
Tirana (SW)
Tripoli (SW)
Tunis (SW)
Valletta (SW)
Vatican City (SW)
Vienna (SW)
Vilnius (SW)
Warsaw (SW)
Windhoek (NW)
Yamoussoukro (NW)
Yaoundé (WW)
Zagreb (SW)
Dakar
83%
Abuja (WW)
Accra (WW)
Addis Ababa (WW)
Algiers (SW)
Ankara (SW)
Athens (SW)
Bamako (SW)
Bangui (WW)
Banjul (SE)
Belgrade (SW)
Bissau (SE)
Bogotá (EE)
Brazzaville (WW)
Bridgetown (EE)
Bucharest (SW)
Buenos Aires (NE)
Caracas (EE)
Castries (EE)
Chișinău (SW)
Conakry (SE)
Dakar (SE)
Djibouti (WW)
Dublin (SS)
Freetown (SE)
Gaborone (NW)
Georgetown (EE)
Juba (WW)
Kampala (WW)
Kiev (SW)
Kingstown (EE)
Kinshasa (WW)
Libreville (WW)
Lisbon (SS)
Lomé (WW)
Luanda (NW)
Madrid (SS)
Malabo (WW)
Maputo (NW)
Maseru (NW)
Mbabane (NW)
Mogadishu (WW)
Montevideo (NE)
Moscow (SW)
Nairobi (WW)
N'Djamena (WW)
Niamey (SW)
Nicosia (SW)
Nouakchott (SE)
Ouagadougou (SW)
Panama City (EE)
Paramaribo (EE)
Podgorica (SW)
Port-of-Spain (EE)
Porto-Novo (WW)
Praia (SE)
Pretoria (NW)
Pristina (SW)
Quito (EE)
Rabat (SS)
Saint George's (EE)
Sana'a (WW)
São Tomé (WW)
Skopje (SW)
Sofia (SW)
Tbilisi (SW)
Tirana (SW)
Tripoli (SW)
Tunis (SW)
Valletta (SW)
Victoria (WW)
Windhoek (NW)
Yamoussoukro (WW)
Yaoundé (WW)
Monrovia
83%
Abuja (SS)
Accra (SE)
Addis Ababa (WW)
Amman (SW)
Ashgabat (SW)
Asmara (SW)
Baghdad (SW)
Baku (SW)
Bamako (SE)
Bangui (WW)
Banjul (SE)
Beirut (SW)
Berlin (SS)
Bern (SS)
Bissau (SE)
Brazzaville (NW)
Bujumbura (WW)
Cairo (SW)
Conakry (SE)
Copenhagen (SS)
Dakar (SE)
Damascus (SW)
Dodoma (WW)
Freetown (EE)
Gaborone (NW)
Georgetown (EE)
Harare (NW)
Jerusalem (SW)
Juba (WW)
Kampala (WW)
Khartoum (SW)
Kigali (WW)
Kinshasa (NW)
Kuwait City (SW)
Libreville (WW)
Lilongwe (NW)
Ljubljana (SS)
Lomé (SE)
Luanda (NW)
Lusaka (NW)
Malabo (SW)
Malé (WW)
Maputo (NW)
Maseru (NW)
Mbabane (NW)
Mogadishu (WW)
Monaco (SS)
Monrovia (EE)
Nairobi (WW)
N'Djamena (SW)
Nicosia (SW)
Nouakchott (SE)
Oslo (SS)
Ouagadougou (SE)
Paramaribo (EE)
Port-of-Spain (EE)
Porto-Novo (SE)
Prague (SS)
Praia (SE)
Pretoria (NW)
Rome (SS)
Saint George's (EE)
San Marino (SS)
Stockholm (SS)
Tashkent (SW)
Tbilisi (SW)
Tehran (SW)
Tripoli (SS)
Tunis (SS)
Vaduz (SS)
Vatican City (SS)
Victoria (WW)
Vienna (SS)
Windhoek (NW)
Yamoussoukro (SE)
Yaoundé (SW)
Yerevan (SW)
São Tomé
83%
Abuja (SE)
Accra (EE)
Addis Ababa (WW)
Amman (SW)
Ashgabat (SW)
Asmara (SW)
Astana (SW)
Athens (SS)
Baghdad (SW)
Baku (SW)
Bamako (SE)
Bangui (WW)
Banjul (EE)
Beirut (SW)
Berlin (SS)
Bissau (EE)
Bratislava (SS)
Brazzaville (NW)
Bridgetown (EE)
Budapest (SS)
Bujumbura (WW)
Cairo (SW)
Colombo (WW)
Conakry (EE)
Copenhagen (SS)
Dakar (EE)
Damascus (SW)
Djibouti (WW)
Dodoma (NW)
Freetown (EE)
Gaborone (NW)
Georgetown (EE)
Harare (NW)
Jerusalem (SW)
Juba (WW)
Kampala (WW)
Khartoum (SW)
Kigali (WW)
Kinshasa (NW)
Kuwait City (SW)
Libreville (NE)
Lilongwe (NW)
Ljubljana (SS)
Lomé (EE)
Luanda (NN)
Lusaka (NW)
Malabo (EE)
Malé (WW)
Mbabane (NW)
Mogadishu (WW)
Monrovia (EE)
Moroni (NW)
Nairobi (WW)
N'Djamena (SW)
Niamey (SE)
Nouakchott (SE)
Ouagadougou (SE)
Paramaribo (EE)
Porto-Novo (EE)
Prague (SS)
Pretoria (NW)
Rabat (SE)
Rome (SS)
San Marino (SS)
Sana'a (WW)
São Tomé (NE)
Sarajevo (SS)
Stockholm (SS)
Tashkent (SW)
Tbilisi (SW)
Tehran (SW)
Tripoli (SS)
Valletta (SS)
Vatican City (SS)
Vienna (SS)
Warsaw (SS)
Windhoek (NN)
Yamoussoukro (EE)
Yerevan (SW)
Zagreb (SS)
Yaoundé
83%
Asunción (NW)
Banjul (WW)
Basseterre (WW)
Belmopan (SE)
Bissau (WW)
Bogotá (NW)
Brasília (NW)
Bridgetown (WW)
Caracas (WW)
Castries (WW)
Conakry (WW)
Dakar (WW)
Georgetown (WW)
Guatemala City (EE)
Havana (SW)
Kingston (WW)
Kingstown (WW)
Lima (NN)
Managua (any)
Mexico City (SE)
Nassau (SW)
Nouakchott (WW)
Ottawa (SS)
Panama City (NW)
Paramaribo (WW)
Port-au-Prince (WW)
Port-of-Spain (WW)
Praia (WW)
Quito (NW)
Reykjavík (SW)
Roseau (WW)
Saint George's (WW)
Saint John's (WW)
San José (NW)
San Salvador (any)
Santo Domingo (WW)
Washington D.C. (SS)
Tegucigalpa
83%
Abuja (WW)
Accra (WW)
Amsterdam (SW)
Asunción (NN)
Bamako (WW)
Banjul (WW)
Belmopan (EE)
Bissau (WW)
Bogotá (NE)
Brasília (NW)
Bridgetown (SW)
Brussels (SW)
Buenos Aires (NN)
Caracas (EE)
Castries (SS)
Conakry (WW)
Dakar (WW)
Dublin (SW)
Freetown (WW)
Georgetown (NW)
Guatemala City (EE)
Havana (SE)
Kingston (SE)
Kingstown (SS)
Libreville (WW)
Lima (NE)
Lomé (WW)
London (SW)
Malabo (WW)
Managua (EE)
Monrovia (WW)
Montevideo (NN)
Nassau (SE)
Niamey (WW)
Nouakchott (WW)
Oslo (SW)
Ouagadougou (WW)
Panama City (EE)
Paramaribo (NW)
Paris (SW)
Port-au-Prince (SE)
Porto-Novo (WW)
Praia (WW)
Quito (NE)
Roseau (SS)
Saint George's (any)
San José (EE)
San Salvador (EE)
Santo Domingo (SE)
São Tomé (WW)
Sucre (NN)
Tegucigalpa (EE)
Washington D.C. (SE)
Yamoussoukro (WW)
Port-of-Spain
83%
Abu Dhabi (EE)
Amman (EE)
Asmara (EE)
Astana (SE)
Bandar Seri Begawan (NW)
Bangkok (NE)
Beijing (SW)
Bishkek (SE)
Cairo (EE)
Canberra (NW)
Colombo (NE)
Dhaka (EE)
Dili (NW)
Djibouti (EE)
Doha (EE)
Islamabad (SE)
Jakarta (NN)
Jerusalem (EE)
Kabul (SE)
Kathmandu (EE)
Khartoum (EE)
Kuala Lumpur (NN)
Kuwait City (EE)
Malé (NE)
Manama (EE)
Manila (NW)
Muscat (EE)
Naypyidaw (EE)
New Delhi (EE)
Ngerulmud (NW)
Phnom Penh (NN)
Port Louis (NE)
Port Moresby (NW)
Pyongyang (SW)
Riyadh (EE)
Sana'a (EE)
Seoul (SW)
Singapore (NN)
Taipei (WW)
Thimphu (SE)
Tokyo (SW)
Ulaanbaatar (SS)
Vientiane (NE)
Hanoi
82%
Abu Dhabi (WW)
Abuja (WW)
Accra (NW)
Addis Ababa (WW)
Algiers (SW)
Andorra la Vella (SW)
Asmara (WW)
Asunción (NE)
Bamako (WW)
Bangui (WW)
Basseterre (EE)
Belgrade (SW)
Belmopan (EE)
Bissau (any)
Bogotá (EE)
Brasília (NE)
Bratislava (SW)
Bridgetown (EE)
Bucharest (SW)
Budapest (SW)
Buenos Aires (NE)
Caracas (EE)
Castries (EE)
Chișinău (SW)
Conakry (NW)
Dakar (any)
Djibouti (WW)
Freetown (NW)
Gaborone (NW)
Georgetown (EE)
Guatemala City (EE)
Havana (EE)
Khartoum (WW)
Kiev (SW)
Kingston (EE)
Kingstown (EE)
Libreville (NW)
Lisbon (SS)
Ljubljana (SW)
Lomé (NW)
Luanda (NW)
Madrid (SW)
Malabo (WW)
Managua (EE)
Maputo (NW)
Maseru (NW)
Mbabane (NW)
Minsk (SW)
Monrovia (NW)
Montevideo (NE)
Moscow (SW)
Muscat (WW)
N'Djamena (WW)
Niamey (WW)
Nouakchott (SS)
Ouagadougou (WW)
Panama City (EE)
Podgorica (SW)
Port-au-Prince (EE)
Port-of-Spain (EE)
Porto-Novo (WW)
Praia (EE)
Pretoria (NW)
Pristina (SW)
Rabat (SW)
Riga (SW)
Rome (SW)
Roseau (EE)
Saint George's (EE)
Saint John's (EE)
San José (EE)
San Marino (SW)
San Salvador (EE)
Sana'a (WW)
Santiago (NE)
Santo Domingo (EE)
São Tomé (NW)
Sarajevo (SW)
Skopje (SW)
Sofia (SW)
Tegucigalpa (EE)
Tirana (SW)
Tripoli (SW)
Tunis (SW)
Valletta (SW)
Vatican City (SW)
Vienna (SW)
Vilnius (SW)
Warsaw (SW)
Windhoek (NW)
Yamoussoukro (NW)
Yaoundé (WW)
Zagreb (SW)
Banjul
82%
Abuja (WW)
Accra (WW)
Addis Ababa (WW)
Algiers (SW)
Andorra la Vella (SW)
Asmara (WW)
Asunción (NE)
Bamako (WW)
Banjul (WW)
Basseterre (EE)
Belgrade (SW)
Belmopan (EE)
Berlin (SW)
Bern (SW)
Bissau (WW)
Brasília (NE)
Bratislava (SW)
Bridgetown (EE)
Budapest (SW)
Caracas (EE)
Castries (EE)
Chișinău (SW)
Conakry (NW)
Dakar (WW)
Djibouti (WW)
Doha (WW)
Freetown (NW)
Gaborone (NW)
Georgetown (EE)
Guatemala City (EE)
Havana (EE)
Helsinki (SW)
Khartoum (WW)
Kiev (SW)
Kingston (EE)
Kingstown (EE)
Libreville (NW)
Lisbon (SW)
Ljubljana (SW)
Lomé (WW)
Luxembourg (SW)
Madrid (SW)
Malabo (WW)
Managua (EE)
Manama (WW)
Maputo (NW)
Maseru (NW)
Mbabane (NW)
Mexico City (EE)
Minsk (SW)
Monaco (SW)
Monrovia (NW)
Moscow (SW)
N'Djamena (WW)
Niamey (WW)
Nouakchott (SW)
Ouagadougou (WW)
Panama City (EE)
Paramaribo (EE)
Podgorica (SW)
Port-au-Prince (EE)
Port-of-Spain (EE)
Porto-Novo (WW)
Prague (SW)
Pretoria (NW)
Pristina (SW)
Rabat (SW)
Reykjavík (SS)
Riga (SW)
Riyadh (WW)
Rome (SW)
Roseau (EE)
Saint George's (EE)
Saint John's (EE)
San José (EE)
San Marino (SW)
San Salvador (EE)
Sana'a (WW)
Santiago (NE)
Santo Domingo (EE)
São Tomé (NW)
Sarajevo (SW)
Stockholm (SW)
Sucre (NE)
Tallinn (SW)
Tegucigalpa (EE)
Tirana (SW)
Tunis (SW)
Vaduz (SW)
Vatican City (SW)
Vienna (SW)
Vilnius (SW)
Warsaw (SW)
Windhoek (NW)
Yamoussoukro (NW)
Zagreb (SW)
Praia
82%
Asunción (NW)
Banjul (WW)
Basseterre (WW)
Bissau (WW)
Bogotá (NW)
Brasília (NW)
Bridgetown (WW)
Caracas (WW)
Castries (WW)
Dakar (WW)
Georgetown (WW)
Guatemala City (NE)
Havana (SW)
Kingston (WW)
Kingstown (WW)
Lima (NN)
Managua (NW)
Mexico City (EE)
Nassau (SW)
Nouakchott (WW)
Ottawa (SS)
Panama City (NW)
Paramaribo (WW)
Port-au-Prince (WW)
Port-of-Spain (WW)
Praia (WW)
Quito (NW)
Reykjavík (SW)
Roseau (WW)
Saint George's (WW)
Saint John's (WW)
San José (NW)
San Salvador (NN)
Santo Domingo (WW)
Tegucigalpa (NW)
Washington D.C. (SW)
Belmopan
82%
Abuja (SW)
Accra (any)
Addis Ababa (WW)
Algiers (SS)
Amman (SW)
Amsterdam (SS)
Andorra la Vella (SS)
Ankara (SW)
Baku (SW)
Bamako (SE)
Bangui (WW)
Banjul (SE)
Beirut (SW)
Bern (SS)
Bissau (EE)
Brazzaville (NW)
Bridgetown (EE)
Brussels (SS)
Buenos Aires (NE)
Bujumbura (WW)
Cairo (SW)
Caracas (EE)
Castries (EE)
Conakry (EE)
Dakar (SE)
Damascus (SW)
Djibouti (WW)
Freetown (EE)
Gaborone (NW)
Georgetown (EE)
Harare (NW)
Jerusalem (SW)
Juba (WW)
Kampala (WW)
Khartoum (WW)
Kigali (WW)
Kingstown (EE)
Kinshasa (NW)
Libreville (NW)
Luanda (NW)
Lusaka (NW)
Luxembourg (SS)
Malabo (WW)
Maputo (NW)
Maseru (NW)
Mbabane (NW)
Mogadishu (WW)
Monaco (SS)
Monrovia (EE)
Montevideo (NE)
N'Djamena (SW)
Niamey (SS)
Nicosia (SW)
Nouakchott (SE)
Oslo (SS)
Ouagadougou (SE)
Paramaribo (EE)
Paris (SS)
Port-of-Spain (EE)
Porto-Novo (any)
Praia (EE)
Pretoria (NW)
Roseau (EE)
Saint George's (EE)
São Tomé (NW)
Tbilisi (SW)
Tripoli (SW)
Tunis (SS)
Vaduz (SS)
Valletta (SS)
Windhoek (NW)
Yamoussoukro (EE)
Yaoundé (WW)
Yerevan (SW)
Lomé
82%
Abuja (SW)
Addis Ababa (WW)
Algiers (SS)
Amman (SW)
Amsterdam (SS)
Andorra la Vella (SS)
Ankara (SW)
Baku (SW)
Bamako (SE)
Bangui (WW)
Banjul (SE)
Beirut (SW)
Bern (SS)
Bissau (SE)
Brazzaville (NW)
Bridgetown (EE)
Brussels (SS)
Buenos Aires (NE)
Bujumbura (WW)
Cairo (SW)
Caracas (EE)
Castries (EE)
Conakry (EE)
Dakar (SE)
Damascus (SW)
Djibouti (WW)
Freetown (EE)
Gaborone (NW)
Georgetown (EE)
Harare (NW)
Jerusalem (SW)
Juba (WW)
Kampala (WW)
Khartoum (WW)
Kigali (WW)
Kingstown (EE)
Kinshasa (NW)
Libreville (NW)
Lomé (any)
London (SS)
Luanda (NW)
Lusaka (NW)
Luxembourg (SS)
Malabo (WW)
Maputo (NW)
Maseru (NW)
Mbabane (NW)
Mogadishu (WW)
Monrovia (EE)
Montevideo (NE)
N'Djamena (SW)
Niamey (SS)
Nicosia (SW)
Nouakchott (SE)
Oslo (SS)
Paramaribo (EE)
Paris (SS)
Port-of-Spain (EE)
Porto-Novo (WW)
Praia (EE)
Pretoria (NW)
Roseau (EE)
Saint George's (EE)
São Tomé (NW)
Tbilisi (SW)
Tripoli (SW)
Tunis (SS)
Valletta (SW)
Windhoek (NW)
Yamoussoukro (EE)
Yaoundé (WW)
Yerevan (SW)
Accra
82%
Asunción (NW)
Banjul (WW)
Basseterre (WW)
Belmopan (SW)
Bogotá (NW)
Brasília (NW)
Bridgetown (WW)
Caracas (WW)
Castries (WW)
Dakar (WW)
Georgetown (WW)
Havana (SW)
Kingston (WW)
Kingstown (WW)
Lima (NW)
Managua (NW)
Mexico City (SE)
Nassau (SW)
Nouakchott (WW)
Ottawa (SS)
Panama City (NW)
Paramaribo (WW)
Port-au-Prince (WW)
Port-of-Spain (WW)
Praia (WW)
Quito (NW)
Reykjavík (SW)
Roseau (WW)
Saint George's (WW)
Saint John's (WW)
San José (NW)
San Salvador (any)
Santo Domingo (WW)
Sucre (NW)
Tegucigalpa (WW)
Washington D.C. (SW)
Guatemala City
80%
Algiers (NE)
Amman (NN)
Amsterdam (NE)
Andorra la Vella (NE)
Ankara (NN)
Ashgabat (NW)
Astana (WW)
Athens (NN)
Baghdad (NW)
Baku (NW)
Bangkok (NW)
Bangui (NN)
Beirut (NN)
Belgrade (NN)
Berlin (NE)
Bern (NE)
Bishkek (NW)
Bratislava (NN)
Brazzaville (NN)
Brussels (NE)
Bucharest (NN)
Budapest (NN)
Bujumbura (NN)
Cairo (NN)
Chișinău (NN)
Colombo (NW)
Copenhagen (NE)
Dakar (NE)
Damascus (NN)
Dhaka (NW)
Dodoma (NN)
Dublin (EE)
Dushanbe (NW)
Helsinki (any)
Islamabad (NW)
Jerusalem (NN)
Juba (NN)
Kabul (NW)
Kampala (NN)
Kathmandu (NW)
Khartoum (NN)
Kiev (NN)
Kigali (NN)
Kinshasa (NN)
Kuwait City (NW)
Lisbon (NE)
Ljubljana (NE)
London (NE)
Luanda (NN)
Luxembourg (NE)
Madrid (NE)
Minsk (NN)
Monaco (NE)
Moscow (NW)
Nairobi (NN)
Naypyidaw (NW)
N'Djamena (NN)
New Delhi (NW)
Nicosia (NN)
Nouakchott (NE)
Oslo (EE)
Paris (NE)
Podgorica (NN)
Prague (NE)
Praia (NE)
Pristina (NN)
Rabat (NE)
Reykjavík (EE)
Riga (NN)
Rome (NE)
San Marino (NE)
Sarajevo (NN)
Skopje (NN)
Sofia (NN)
Stockholm (EE)
Tashkent (NW)
Tbilisi (NW)
Tehran (NW)
Thimphu (NW)
Tirana (NN)
Tripoli (NN)
Tunis (NE)
Vaduz (NE)
Valletta (NN)
Vatican City (NE)
Vienna (NE)
Vientiane (NW)
Vilnius (NN)
Warsaw (NN)
Yerevan (NW)
Zagreb (NN)
Tallinn
80%
Apia (NW)
Ashgabat (EE)
Baku (EE)
Bandar Seri Begawan (NE)
Beijing (EE)
Bishkek (EE)
Canberra (NN)
Dushanbe (EE)
Funafuti (NW)
Hanoi (NE)
Islamabad (EE)
Jakarta (NE)
Kabul (EE)
Kathmandu (EE)
Kuala Lumpur (NE)
Majuro (NW)
Manila (NE)
Muscat (EE)
New Delhi (EE)
Ngerulmud (NN)
Nukuʻalofa (NW)
Palikir (NW)
Phnom Penh (NE)
Port Moresby (NN)
Pyongyang (EE)
Seoul (EE)
Singapore (NE)
South Tarawa (NW)
Taipei (NE)
Tashkent (EE)
Tbilisi (EE)
Tehran (EE)
Ulaanbaatar (SE)
Yaren (NW)
Yerevan (EE)
Tokyo
80%
Abu Dhabi (SE)
Abuja (EE)
Addis Ababa (EE)
Amman (SE)
Ankara (SE)
Antananarivo (NE)
Asmara (EE)
Athens (SE)
Baghdad (SE)
Bandar Seri Begawan (WW)
Bangkok (WW)
Bangui (EE)
Beijing (SW)
Beirut (SE)
Belgrade (SE)
Berlin (SE)
Bern (SE)
Bishkek (SS)
Bratislava (SE)
Brazzaville (EE)
Bucharest (SE)
Budapest (SE)
Bujumbura (EE)
Chișinău (SE)
Colombo (SW)
Copenhagen (SE)
Damascus (SE)
Dhaka (SW)
Djibouti (EE)
Doha (SE)
Hanoi (SW)
Jakarta (WW)
Jerusalem (SE)
Juba (EE)
Kampala (EE)
Kathmandu (SW)
Kiev (SE)
Kigali (EE)
Kinshasa (EE)
Kuala Lumpur (WW)
Kuwait City (SE)
Libreville (EE)
Ljubljana (SE)
Malabo (EE)
Manama (SE)
Maputo (NE)
Maseru (NE)
Mbabane (NE)
Minsk (SE)
Mogadishu (EE)
Moroni (NE)
Muscat (SE)
Nairobi (EE)
Naypyidaw (SW)
N'Djamena (EE)
New Delhi (SS)
Ngerulmud (WW)
Niamey (EE)
Nicosia (SE)
Phnom Penh (WW)
Podgorica (SE)
Port Louis (NE)
Porto-Novo (EE)
Prague (SE)
Pristina (SE)
Pyongyang (SW)
Riga (SE)
Riyadh (SE)
San Marino (SE)
Sana'a (EE)
São Tomé (EE)
Sarajevo (SE)
Singapore (WW)
Skopje (SE)
Sofia (SE)
Stockholm (SE)
Thimphu (SW)
Tirana (SE)
Vaduz (SE)
Victoria (NE)
Vienna (SE)
Vientiane (SW)
Vilnius (SE)
Warsaw (SE)
Yaoundé (EE)
Yerevan (SE)
Zagreb (SE)
Malé
80%
Asunción (NW)
Banjul (WW)
Basseterre (WW)
Belmopan (SS)
Bissau (WW)
Bogotá (NW)
Brasília (NW)
Bridgetown (WW)
Caracas (WW)
Castries (WW)
Dakar (WW)
Georgetown (WW)
Guatemala City (any)
Havana (SW)
Kingston (WW)
Kingstown (WW)
Lima (NW)
Managua (NW)
Mexico City (SE)
Nassau (SW)
Nouakchott (WW)
Ottawa (SS)
Panama City (NW)
Paramaribo (WW)
Port-au-Prince (WW)
Port-of-Spain (WW)
Praia (WW)
Quito (NW)
Reykjavík (SW)
Roseau (WW)
Saint George's (WW)
Saint John's (WW)
San José (NW)
Santo Domingo (WW)
Sucre (NW)
Tegucigalpa (any)
Washington D.C. (SW)
San Salvador
80%
Abuja (SW)
Accra (EE)
Addis Ababa (WW)
Algiers (SS)
Amman (SW)
Amsterdam (SS)
Ankara (SW)
Astana (SW)
Baku (SW)
Bamako (SE)
Bangui (WW)
Banjul (EE)
Basseterre (EE)
Beirut (SW)
Bern (SS)
Bissau (EE)
Brazzaville (NW)
Bridgetown (EE)
Brussels (SS)
Buenos Aires (NE)
Bujumbura (WW)
Cairo (SW)
Caracas (EE)
Castries (EE)
Conakry (EE)
Copenhagen (SS)
Dakar (SE)
Damascus (SW)
Djibouti (WW)
Dodoma (WW)
Freetown (EE)
Gaborone (NW)
Georgetown (EE)
Harare (NW)
Jerusalem (SW)
Juba (WW)
Kampala (WW)
Khartoum (WW)
Kigali (WW)
Kingstown (EE)
Kinshasa (NW)
Libreville (NW)
Lomé (any)
Luanda (NW)
Lusaka (NW)
Luxembourg (SS)
Malabo (NW)
Malé (WW)
Maputo (NW)
Mbabane (NW)
Mogadishu (WW)
Monaco (SS)
Monrovia (EE)
Montevideo (NE)
Nairobi (WW)
N'Djamena (SW)
Nicosia (SW)
Nouakchott (SE)
Oslo (SS)
Ouagadougou (SE)
Paramaribo (EE)
Port-of-Spain (EE)
Praia (EE)
Pretoria (NW)
Roseau (EE)
Saint George's (EE)
Saint John's (EE)
Santo Domingo (EE)
São Tomé (NW)
Tbilisi (SW)
Tripoli (SS)
Tunis (SS)
Vaduz (SS)
Valletta (SS)
Windhoek (NW)
Yamoussoukro (EE)
Yaoundé (WW)
Yerevan (SW)
Porto-Novo
80%
Algiers (NE)
Amman (NN)
Amsterdam (NE)
Andorra la Vella (NE)
Ankara (NN)
Ashgabat (NW)
Astana (WW)
Athens (NN)
Baghdad (NW)
Baku (NW)
Bangkok (NW)
Bangui (NN)
Beirut (NN)
Belgrade (NN)
Berlin (NE)
Bern (NE)
Bishkek (NW)
Bratislava (NN)
Brazzaville (NN)
Brussels (NE)
Bucharest (NN)
Budapest (NN)
Bujumbura (NN)
Cairo (NN)
Chișinău (NN)
Colombo (NW)
Copenhagen (NE)
Damascus (NN)
Dhaka (NW)
Dodoma (NN)
Dublin (EE)
Dushanbe (NW)
Islamabad (NW)
Jerusalem (NN)
Juba (NN)
Kabul (NW)
Kampala (NN)
Kathmandu (NW)
Khartoum (NN)
Kiev (NN)
Kigali (NN)
Kinshasa (NN)
Kuwait City (NW)
Lisbon (NE)
Ljubljana (NE)
London (NE)
Luanda (NN)
Luxembourg (NE)
Madrid (NE)
Minsk (NN)
Monaco (NE)
Moscow (NW)
Nairobi (NN)
Naypyidaw (NW)
N'Djamena (NN)
New Delhi (NW)
Nicosia (NN)
Nouakchott (NE)
Oslo (EE)
Paris (NE)
Podgorica (NN)
Prague (NE)
Praia (NE)
Pristina (NN)
Rabat (NE)
Reykjavík (EE)
Riga (NN)
Rome (NE)
San Marino (NE)
Sarajevo (NN)
Skopje (NN)
Sofia (NN)
Stockholm (EE)
Tallinn (any)
Tashkent (NW)
Tbilisi (NW)
Tehran (NW)
Thimphu (NW)
Tirana (NN)
Tripoli (NN)
Tunis (NN)
Vaduz (NE)
Valletta (NN)
Vatican City (NE)
Vienna (NE)
Vientiane (NW)
Vilnius (NN)
Warsaw (NN)
Yerevan (NW)
Zagreb (NN)
Helsinki
80%
Addis Ababa (EE)
Asmara (EE)
Bandar Seri Begawan (NW)
Beijing (SW)
Bishkek (SE)
Canberra (NW)
Colombo (EE)
Dhaka (SE)
Dili (NW)
Djibouti (EE)
Dushanbe (SE)
Hanoi (SW)
Helsinki (SE)
Islamabad (SE)
Jakarta (NN)
Juba (EE)
Kabul (SE)
Kathmandu (SE)
Khartoum (EE)
Kuala Lumpur (NN)
Majuro (WW)
Malé (EE)
Manila (WW)
Moscow (SE)
Naypyidaw (SE)
New Delhi (SE)
Ngerulmud (WW)
Palikir (WW)
Phnom Penh (NW)
Port Louis (NE)
Pyongyang (SW)
Riga (SE)
Sana'a (EE)
Seoul (SW)
Singapore (NN)
Taipei (SW)
Tallinn (SE)
Tashkent (SE)
Thimphu (SE)
Ulaanbaatar (SS)
Vientiane (SW)
Bangkok
79%
Amman (EE)
Amsterdam (EE)
Ankara (EE)
Ashgabat (EE)
Astana (EE)
Athens (EE)
Baghdad (EE)
Baku (EE)
Bandar Seri Begawan (NN)
Bangkok (NE)
Beirut (EE)
Belgrade (EE)
Bishkek (EE)
Bratislava (EE)
Brussels (EE)
Bucharest (EE)
Budapest (EE)
Cairo (EE)
Chișinău (EE)
Colombo (NE)
Damascus (EE)
Dhaka (NE)
Dili (NN)
Dushanbe (EE)
Hanoi (NE)
Honiara (NW)
Islamabad (EE)
Jerusalem (EE)
Kabul (EE)
Kathmandu (NE)
Kiev (EE)
Ljubljana (EE)
Luxembourg (EE)
Malé (NE)
Manila (NN)
Naypyidaw (NE)
New Delhi (EE)
Nicosia (EE)
Palikir (NW)
Phnom Penh (NN)
Podgorica (EE)
Prague (EE)
Pristina (EE)
Pyongyang (WW)
Sarajevo (EE)
Seoul (WW)
Skopje (EE)
Sofia (EE)
South Tarawa (NW)
Taipei (NN)
Tashkent (EE)
Tbilisi (EE)
Tehran (EE)
Thimphu (NE)
Tirana (EE)
Tokyo (WW)
Ulaanbaatar (SE)
Vaduz (EE)
Victoria (NE)
Vienna (EE)
Vientiane (NE)
Yaren (NW)
Yerevan (EE)
Zagreb (EE)
Beijing
79%
Accra (NN)
Addis Ababa (NW)
Algiers (NN)
Amsterdam (WW)
Andorra la Vella (NW)
Ankara (NW)
Asmara (NW)
Astana (WW)
Athens (NW)
Bamako (NN)
Basseterre (NE)
Beirut (NW)
Belgrade (NW)
Berlin (WW)
Bern (NW)
Bratislava (WW)
Bridgetown (NE)
Brussels (WW)
Bucharest (NW)
Budapest (WW)
Cairo (NW)
Caracas (NE)
Castries (NE)
Chișinău (WW)
Conakry (NN)
Copenhagen (WW)
Djibouti (NW)
Freetown (NN)
Georgetown (NE)
Helsinki (WW)
Jerusalem (NW)
Khartoum (NW)
Kiev (WW)
Kingstown (NE)
Lisbon (NN)
Ljubljana (NW)
Lomé (NN)
London (NW)
Luxembourg (NW)
Madrid (NN)
Minsk (WW)
Mogadishu (NW)
Monaco (NW)
Monrovia (NN)
Moscow (WW)
Niamey (NN)
Nicosia (NW)
Oslo (SW)
Ottawa (EE)
Ouagadougou (NN)
Paramaribo (NE)
Paris (NW)
Podgorica (NW)
Port-of-Spain (NE)
Porto-Novo (NN)
Prague (WW)
Pristina (NW)
Rabat (NN)
Reykjavík (SE)
Riga (WW)
Riyadh (NW)
Rome (NW)
Roseau (NE)
Saint George's (NE)
Saint John's (NE)
San Marino (NW)
Sana'a (NW)
Sarajevo (NW)
Skopje (NW)
Sofia (NW)
Stockholm (SW)
Tallinn (WW)
Tbilisi (WW)
Tirana (NW)
Tripoli (NW)
Tunis (NW)
Ulaanbaatar (WW)
Vaduz (NW)
Valletta (NW)
Vatican City (NW)
Vienna (WW)
Vilnius (WW)
Warsaw (WW)
Yamoussoukro (NN)
Zagreb (NW)
Dublin
78%
Algiers (WW)
Amsterdam (WW)
Andorra la Vella (WW)
Athens (WW)
Basseterre (NN)
Belgrade (WW)
Belmopan (NN)
Berlin (WW)
Bern (WW)
Bogotá (NN)
Bratislava (WW)
Bridgetown (NW)
Brussels (WW)
Bucharest (WW)
Budapest (WW)
Caracas (NN)
Castries (NN)
Chișinău (WW)
Dublin (WW)
Guatemala City (NN)
Havana (NN)
Kiev (WW)
Kingston (NN)
Kingstown (NN)
Lima (NN)
Lisbon (WW)
Ljubljana (WW)
London (WW)
Luxembourg (WW)
Madrid (WW)
Managua (NN)
Mexico City (NE)
Minsk (WW)
Monaco (WW)
Moscow (WW)
Nassau (NN)
Panama City (NN)
Paris (WW)
Podgorica (WW)
Port-au-Prince (NN)
Prague (WW)
Pristina (WW)
Quito (NN)
Reykjavík (SW)
Rome (WW)
Roseau (NN)
Saint George's (NN)
Saint John's (NN)
San Marino (WW)
San Salvador (NN)
Santo Domingo (NN)
Sarajevo (WW)
Skopje (WW)
Sofia (WW)
Sucre (NN)
Tegucigalpa (NN)
Tirana (WW)
Tunis (WW)
Vaduz (WW)
Valletta (WW)
Vatican City (WW)
Vienna (WW)
Vilnius (WW)
Warsaw (WW)
Washington D.C. (NN)
Zagreb (WW)
Ottawa
78%
Abu Dhabi (EE)
Algiers (EE)
Amman (EE)
Antananarivo (NE)
Ashgabat (SE)
Astana (SE)
Baghdad (EE)
Baku (SE)
Bandar Seri Begawan (NW)
Bangkok (NW)
Beijing (SW)
Beirut (EE)
Bishkek (SE)
Cairo (EE)
Colombo (NN)
Damascus (EE)
Dhaka (NW)
Dili (NW)
Dodoma (NE)
Doha (EE)
Dushanbe (SE)
Hanoi (WW)
Harare (NE)
Helsinki (SE)
Islamabad (SE)
Jerusalem (EE)
Kabul (SE)
Kuala Lumpur (NW)
Kuwait City (EE)
Lilongwe (NE)
Lusaka (NE)
Madrid (EE)
Malé (NE)
Manama (EE)
Manila (WW)
Moroni (NE)
Moscow (SE)
Muscat (EE)
Naypyidaw (NW)
New Delhi (EE)
Nicosia (EE)
Phnom Penh (NW)
Pyongyang (WW)
Riyadh (EE)
Singapore (NW)
Taipei (WW)
Tallinn (SE)
Tashkent (SE)
Tbilisi (SE)
Tehran (EE)
Thimphu (WW)
Tokyo (WW)
Tripoli (EE)
Tunis (EE)
Ulaanbaatar (SW)
Valletta (EE)
Victoria (NE)
Vientiane (NW)
Yerevan (EE)
Kathmandu
78%
Abuja (NW)
Accra (NN)
Addis Ababa (WW)
Algiers (SS)
Amsterdam (SS)
Ankara (SW)
Antananarivo (NW)
Asmara (WW)
Athens (SW)
Bamako (EE)
Bangui (NW)
Banjul (EE)
Basseterre (EE)
Belgrade (SW)
Bern (SS)
Bissau (EE)
Brazzaville (NW)
Bridgetown (EE)
Brussels (SS)
Bujumbura (NW)
Cairo (SW)
Caracas (EE)
Castries (EE)
Conakry (EE)
Dakar (EE)
Djibouti (WW)
Freetown (EE)
Georgetown (EE)
Harare (NW)
Jerusalem (SW)
Juba (WW)
Kampala (NW)
Khartoum (WW)
Kigali (NW)
Kingstown (EE)
Kinshasa (NW)
Libreville (NW)
Lilongwe (NW)
Ljubljana (SS)
Lomé (NN)
Luanda (NW)
Lusaka (NW)
Luxembourg (SS)
Malabo (NW)
Malé (WW)
Maputo (NW)
Mbabane (NW)
Monaco (SS)
Monrovia (NE)
N'Djamena (WW)
Nicosia (SW)
Nouakchott (EE)
Oslo (SS)
Ouagadougou (EE)
Paramaribo (EE)
Paris (SS)
Podgorica (SW)
Port-au-Prince (EE)
Port-of-Spain (EE)
Porto-Novo (NN)
Praia (EE)
Pristina (SW)
Rome (SS)
Roseau (EE)
Saint George's (EE)
Saint John's (EE)
San Marino (SS)
Sana'a (WW)
Santo Domingo (EE)
São Tomé (NN)
Sarajevo (SW)
Skopje (SW)
Sofia (SW)
Tbilisi (SW)
Tirana (SW)
Tripoli (SW)
Tunis (SS)
Vaduz (SS)
Valletta (SW)
Vatican City (SS)
Yamoussoukro (NE)
Yaoundé (NW)
Yerevan (SW)
Zagreb (SS)
Niamey
78%
Abuja (WW)
Accra (WW)
Addis Ababa (WW)
Algiers (SS)
Andorra la Vella (SS)
Ankara (SW)
Athens (SW)
Bamako (SE)
Bangui (WW)
Banjul (SE)
Beirut (SW)
Bissau (SE)
Bogotá (EE)
Brazzaville (NW)
Bridgetown (EE)
Bucharest (SW)
Buenos Aires (NE)
Caracas (EE)
Castries (EE)
Chișinău (SW)
Conakry (EE)
Dakar (SE)
Djibouti (WW)
Freetown (EE)
Gaborone (NW)
Georgetown (EE)
Juba (WW)
Kampala (WW)
Kingston (EE)
Kingstown (EE)
Kinshasa (NW)
Libreville (NW)
Lomé (WW)
London (SS)
Luanda (NW)
Madrid (SS)
Malabo (WW)
Maputo (NW)
Maseru (NW)
Mbabane (NW)
Mogadishu (WW)
Monrovia (EE)
Montevideo (NE)
Moscow (SW)
N'Djamena (WW)
Niamey (SW)
Nicosia (SW)
Nouakchott (SE)
Ouagadougou (SW)
Paramaribo (EE)
Paris (SS)
Port-of-Spain (EE)
Porto-Novo (WW)
Praia (SE)
Pretoria (NW)
Roseau (EE)
Saint George's (EE)
Sana'a (WW)
São Tomé (NW)
Sofia (SW)
Tbilisi (SW)
Tripoli (SW)
Tunis (SW)
Valletta (SW)
Windhoek (NW)
Yaoundé (WW)
Yerevan (SW)
Yamoussoukro
78%
Abu Dhabi (NW)
Addis Ababa (NW)
Algiers (NW)
Amman (NW)
Amsterdam (NW)
Andorra la Vella (NW)
Ankara (NW)
Asmara (NW)
Athens (NW)
Baghdad (NW)
Banjul (NN)
Beirut (NW)
Belgrade (NW)
Belmopan (NE)
Berlin (NW)
Bern (NW)
Bissau (NN)
Bratislava (NW)
Brussels (NW)
Bucharest (NW)
Budapest (NW)
Cairo (NW)
Chișinău (NW)
Conakry (NN)
Copenhagen (NW)
Dakar (NN)
Damascus (NW)
Djibouti (NW)
Doha (NW)
Dublin (NW)
Freetown (NN)
Guatemala City (NE)
Havana (NE)
Helsinki (WW)
Jerusalem (NW)
Khartoum (NW)
Kiev (NW)
Kingston (NE)
Kuwait City (NW)
Lisbon (NN)
Ljubljana (NW)
London (NW)
Luxembourg (NW)
Madrid (NW)
Managua (NE)
Manama (NW)
Mexico City (NE)
Minsk (WW)
Monaco (NW)
Monrovia (NN)
Moscow (WW)
Muscat (NW)
Nassau (NE)
Nicosia (NW)
Nouakchott (NN)
Oslo (WW)
Ottawa (NE)
Panama City (NE)
Paris (NW)
Podgorica (NW)
Port-au-Prince (NE)
Prague (NW)
Praia (NN)
Pristina (NW)
Rabat (NN)
Riga (WW)
Riyadh (NW)
Rome (NW)
San José (NE)
San Marino (NW)
San Salvador (NE)
Sana'a (NW)
Santo Domingo (NE)
Sarajevo (NW)
Skopje (NW)
Sofia (NW)
Stockholm (WW)
Tallinn (WW)
Tegucigalpa (NE)
Tirana (NW)
Tripoli (NW)
Tunis (NW)
Vaduz (NW)
Valletta (NW)
Vatican City (NW)
Vienna (NW)
Vilnius (WW)
Warsaw (NW)
Washington D.C. (NE)
Zagreb (NW)
Reykjavík
78%
Asunción (NW)
Basseterre (SS)
Brasília (WW)
Bridgetown (SS)
Buenos Aires (NN)
Castries (SS)
Dakar (SW)
Georgetown (SS)
Guatemala City (SE)
Kingstown (SS)
Lima (SE)
Mexico City (SE)
Montevideo (NW)
Nouakchott (SW)
Panama City (SE)
Paramaribo (SS)
Port-of-Spain (SS)
Praia (SW)
Quito (SE)
Roseau (SS)
Saint George's (SS)
Saint John's (SS)
San José (SE)
San Salvador (SE)
Santiago (NN)
Sucre
76%
Abu Dhabi (SE)
Abuja (EE)
Addis Ababa (EE)
Ankara (SE)
Antananarivo (NE)
Baghdad (SE)
Baku (SE)
Bandar Seri Begawan (WW)
Bangkok (WW)
Bangui (EE)
Beijing (SW)
Belgrade (SE)
Berlin (SE)
Bratislava (SE)
Brazzaville (EE)
Bucharest (SE)
Budapest (SE)
Chișinău (SE)
Copenhagen (SE)
Dhaka (SW)
Djibouti (EE)
Doha (SE)
Hanoi (SW)
Helsinki (SE)
Jakarta (NW)
Juba (EE)
Kampala (EE)
Kathmandu (SS)
Kiev (SE)
Kinshasa (EE)
Kuala Lumpur (WW)
Kuwait City (SE)
Libreville (EE)
Malabo (EE)
Malé (NE)
Manama (SE)
Maputo (NE)
Maseru (NE)
Mbabane (NE)
Minsk (SE)
Mogadishu (EE)
Muscat (SE)
Naypyidaw (SW)
N'Djamena (EE)
Ngerulmud (WW)
Phnom Penh (WW)
Port Louis (NE)
Prague (SE)
Pyongyang (SW)
Riga (SE)
Sana'a (EE)
Seoul (SW)
Singapore (WW)
Sofia (SE)
Stockholm (SE)
Tallinn (SE)
Tbilisi (SE)
Tehran (SE)
Thimphu (SW)
Victoria (NE)
Vienna (SE)
Vientiane (SW)
Vilnius (SE)
Warsaw (SE)
Yaoundé (EE)
Yerevan (SE)
Colombo
76%
Asunción (NW)
Banjul (WW)
Basseterre (WW)
Belmopan (SE)
Bissau (WW)
Bogotá (NW)
Brasília (NW)
Bridgetown (WW)
Caracas (WW)
Castries (WW)
Conakry (WW)
Dakar (WW)
Freetown (WW)
Georgetown (WW)
Guatemala City (SE)
Havana (SS)
Kingston (SW)
Kingstown (WW)
Lima (NN)
Managua (SE)
Mexico City (SE)
Nassau (SW)
Nouakchott (WW)
Panama City (WW)
Paramaribo (WW)
Port-au-Prince (SW)
Port-of-Spain (WW)
Praia (WW)
Quito (NW)
Reykjavík (SW)
Roseau (WW)
Saint George's (WW)
Saint John's (WW)
San Salvador (SE)
Santo Domingo (SW)
Sucre (NW)
Tegucigalpa (SE)
Washington D.C. (SS)
San José
76%
Abuja (WW)
Accra (WW)
Amsterdam (SW)
Andorra la Vella (SW)
Asunción (NN)
Bamako (WW)
Basseterre (SE)
Belmopan (EE)
Bern (SW)
Bissau (WW)
Bogotá (EE)
Brasília (NN)
Brazzaville (WW)
Bridgetown (SE)
Brussels (SW)
Buenos Aires (NN)
Caracas (EE)
Castries (SE)
Conakry (WW)
Dublin (SW)
Freetown (WW)
Georgetown (EE)
Guatemala City (EE)
Havana (SE)
Kingston (SE)
Kingstown (SE)
Kinshasa (WW)
Libreville (WW)
Lima (NE)
Lisbon (SW)
Lomé (WW)
London (SW)
Luxembourg (SW)
Madrid (SW)
Malabo (WW)
Managua (EE)
Monrovia (WW)
Montevideo (NN)
Nassau (SE)
N'Djamena (WW)
Niamey (WW)
Ouagadougou (WW)
Panama City (EE)
Paris (SW)
Port-au-Prince (SE)
Port-of-Spain (SE)
Porto-Novo (WW)
Praia (WW)
Quito (EE)
Roseau (SE)
Saint George's (SE)
Saint John's (SE)
San José (EE)
San Salvador (EE)
Santo Domingo (SE)
São Tomé (WW)
Sucre (NN)
Tegucigalpa (EE)
Vaduz (SW)
Yamoussoukro (WW)
Yaoundé (WW)
Paramaribo
76%
Algiers (EE)
Amsterdam (EE)
Andorra la Vella (EE)
Ankara (EE)
Astana (EE)
Athens (EE)
Bandar Seri Begawan (NN)
Bangkok (NN)
Beijing (NW)
Belgrade (EE)
Berlin (EE)
Bern (EE)
Bishkek (EE)
Bratislava (EE)
Brussels (EE)
Bucharest (EE)
Budapest (EE)
Chișinău (EE)
Copenhagen (EE)
Dhaka (NE)
Dublin (EE)
Dushanbe (EE)
Hanoi (NN)
Islamabad (NE)
Jakarta (NN)
Kabul (NE)
Kathmandu (NE)
Kiev (EE)
Kuala Lumpur (NN)
Ljubljana (EE)
London (EE)
Luxembourg (EE)
Majuro (NW)
Manila (NN)
Minsk (EE)
Mogadishu (NE)
Monaco (EE)
Naypyidaw (NN)
New Delhi (NE)
Palikir (NW)
Paris (EE)
Phnom Penh (NN)
Podgorica (EE)
Prague (EE)
Pristina (EE)
Pyongyang (NW)
Rome (EE)
San Marino (EE)
Sarajevo (EE)
Seoul (NW)
Singapore (NN)
Skopje (EE)
Sofia (EE)
Taipei (NW)
Tashkent (EE)
Tbilisi (EE)
Thimphu (NE)
Tirana (EE)
Tokyo (NW)
Tunis (EE)
Vaduz (EE)
Valletta (EE)
Vatican City (EE)
Victoria (NE)
Vienna (EE)
Vientiane (NN)
Vilnius (EE)
Warsaw (EE)
Yaren (NW)
Yerevan (EE)
Zagreb (EE)
Ulaanbaatar
75%
Abuja (WW)
Accra (WW)
Amsterdam (SW)
Asunción (NN)
Bamako (WW)
Banjul (WW)
Basseterre (SE)
Belmopan (EE)
Bern (SW)
Bissau (WW)
Bogotá (EE)
Brasília (NW)
Brussels (SW)
Buenos Aires (NN)
Caracas (SE)
Conakry (WW)
Dublin (SW)
Freetown (WW)
Guatemala City (EE)
Havana (SE)
Kingston (SE)
Kingstown (SE)
Libreville (WW)
Lima (NE)
Lisbon (SW)
Lomé (WW)
London (SW)
Luxembourg (SW)
Malabo (WW)
Managua (EE)
Monrovia (WW)
Montevideo (NN)
Nassau (SE)
Niamey (WW)
Ouagadougou (WW)
Panama City (EE)
Paramaribo (WW)
Paris (SW)
Port-au-Prince (SE)
Port-of-Spain (SE)
Porto-Novo (WW)
Praia (WW)
Quito (EE)
Saint George's (SE)
San José (EE)
San Salvador (EE)
Santo Domingo (SE)
São Tomé (WW)
Sucre (NN)
Tegucigalpa (EE)
Yamoussoukro (WW)
Yaoundé (WW)
Georgetown
74%
Abu Dhabi (EE)
Addis Ababa (EE)
Asmara (EE)
Astana (SE)
Bandar Seri Begawan (NW)
Bangkok (NE)
Beijing (SW)
Bishkek (SE)
Canberra (NW)
Colombo (NE)
Dhaka (SE)
Dili (NW)
Djibouti (EE)
Doha (EE)
Dushanbe (SE)
Hanoi (SW)
Helsinki (SE)
Islamabad (SE)
Jakarta (NN)
Kabul (SE)
Kathmandu (SE)
Khartoum (EE)
Kuala Lumpur (NN)
Majuro (WW)
Malé (NE)
Manama (EE)
Manila (WW)
Moscow (SE)
Muscat (EE)
Naypyidaw (EE)
New Delhi (SE)
Ngerulmud (WW)
Phnom Penh (NN)
Port Louis (NE)
Pyongyang (SW)
Riyadh (EE)
Sana'a (EE)
Seoul (SW)
Singapore (NN)
Taipei (WW)
Tallinn (SE)
Tashkent (SE)
Thimphu (SE)
Ulaanbaatar (SS)
Vientiane
74%
Abu Dhabi (NE)
Abuja (NE)
Amman (NE)
Amsterdam (EE)
Ankara (NE)
Ashgabat (NE)
Asmara (NE)
Athens (EE)
Baghdad (NE)
Baku (NE)
Bandar Seri Begawan (NW)
Bangui (NE)
Beijing (WW)
Beirut (NE)
Belgrade (EE)
Berlin (EE)
Bern (EE)
Bishkek (NN)
Bratislava (EE)
Brussels (EE)
Bucharest (EE)
Budapest (EE)
Cairo (NE)
Chișinău (EE)
Colombo (NN)
Copenhagen (EE)
Damascus (NE)
Dhaka (NW)
Doha (NE)
Dublin (EE)
Dushanbe (NN)
Hanoi (NW)
Helsinki (EE)
Islamabad (NN)
Jerusalem (NE)
Juba (NE)
Kabul (NN)
Kathmandu (NW)
Khartoum (NE)
Kiev (EE)
Kuwait City (NE)
Ljubljana (EE)
London (EE)
Luxembourg (EE)
Malabo (NE)
Malé (NN)
Manama (NE)
Manila (NW)
Minsk (EE)
Monaco (EE)
Moscow (EE)
Muscat (NN)
N'Djamena (NE)
New Delhi (NN)
Ngerulmud (NW)
Nicosia (NE)
Oslo (EE)
Paris (EE)
Porto-Novo (NE)
Prague (EE)
Pristina (EE)
Riga (EE)
Riyadh (NE)
Sarajevo (EE)
Skopje (EE)
Sofia (EE)
Stockholm (EE)
Tallinn (EE)
Tashkent (NN)
Tbilisi (NE)
Tehran (NE)
Thimphu (NW)
Ulaanbaatar (WW)
Vaduz (EE)
Vienna (EE)
Vientiane (NW)
Vilnius (EE)
Warsaw (EE)
Yaoundé (NE)
Yerevan (NE)
Zagreb (EE)
Astana
72%
Apia (WW)
Beijing (SE)
Canberra (NN)
Dili (EE)
Funafuti (WW)
Jakarta (EE)
Majuro (SW)
Ngerulmud (SE)
Nukuʻalofa (NW)
Port Moresby (EE)
Port Vila (NW)
South Tarawa (SW)
Suva (NW)
Taipei (SE)
Wellington (NN)
Yaren (SW)
Honiara
72%
Abu Dhabi (EE)
Antananarivo (NE)
Asmara (EE)
Bandar Seri Begawan (NW)
Bangkok (NW)
Beijing (SW)
Bishkek (SE)
Cairo (EE)
Colombo (NE)
Dhaka (SE)
Dili (NW)
Djibouti (EE)
Doha (EE)
Dushanbe (SE)
Hanoi (WW)
Helsinki (SE)
Islamabad (SE)
Jakarta (NN)
Kabul (SE)
Kathmandu (SE)
Khartoum (EE)
Kuala Lumpur (NN)
Malé (NE)
Manama (EE)
Manila (WW)
Moscow (SE)
Muscat (EE)
New Delhi (SE)
Phnom Penh (NW)
Port Louis (NE)
Pyongyang (SW)
Riyadh (EE)
Sana'a (EE)
Seoul (SW)
Singapore (NN)
Taipei (WW)
Tallinn (SE)
Tashkent (SE)
Thimphu (SE)
Ulaanbaatar (SS)
Vientiane (WW)
Naypyidaw
72%
Addis Ababa (EE)
Asmara (EE)
Bandar Seri Begawan (NW)
Bangkok (SE)
Beijing (SS)
Bishkek (SE)
Canberra (NW)
Colombo (EE)
Dhaka (SE)
Dili (NW)
Djibouti (EE)
Dushanbe (SE)
Hanoi (SS)
Islamabad (SE)
Jakarta (NN)
Kabul (SE)
Kathmandu (SE)
Khartoum (EE)
Kuala Lumpur (NN)
Majuro (WW)
Malé (EE)
Manila (WW)
Mogadishu (EE)
Moscow (SE)
Naypyidaw (SE)
New Delhi (SE)
Ngerulmud (WW)
Palikir (WW)
Pyongyang (SW)
Sana'a (EE)
Seoul (SW)
Singapore (NN)
South Tarawa (WW)
Taipei (SW)
Tashkent (SE)
Thimphu (SE)
Tokyo (SW)
Ulaanbaatar (SS)
Phnom Penh
71%
Asunción (NW)
Basseterre (WW)
Belmopan (WW)
Bogotá (NW)
Bridgetown (WW)
Buenos Aires (NW)
Caracas (WW)
Castries (WW)
Guatemala City (NW)
Havana (WW)
Kingston (WW)
Kingstown (WW)
Managua (NW)
Montevideo (NW)
Nassau (WW)
Ottawa (SW)
Panama City (NW)
Port-au-Prince (WW)
Praia (WW)
Quito (NW)
Reykjavík (SW)
Roseau (WW)
Saint John's (WW)
San José (NW)
San Salvador (NW)
Santo Domingo (WW)
Sucre (NW)
Tegucigalpa (NW)
Washington D.C. (SW)
Mexico City
71%
Accra (SW)
Bamako (SW)
Banjul (SW)
Bissau (SW)
Brasília (SS)
Buenos Aires (any)
Conakry (SW)
Dakar (SW)
Freetown (SW)
Gaborone (WW)
Lima (SE)
Lomé (SW)
Maseru (WW)
Mexico City (SE)
Monrovia (SW)
Nouakchott (SW)
Ouagadougou (SW)
Paramaribo (SS)
Porto-Novo (SW)
Pretoria (WW)
Santiago (EE)
Sucre (SE)
Yamoussoukro (SW)
Montevideo
71%
Bandar Seri Begawan (SE)
Bangkok (SE)
Dili (SE)
Funafuti (SW)
Hanoi (SE)
Honiara (SS)
Jakarta (SE)
Kuala Lumpur (SE)
Nukuʻalofa (SW)
Phnom Penh (SE)
Port Vila (SW)
Singapore (SE)
Suva (SW)
Vientiane (SE)
Wellington (WW)
Canberra
68%
Apia (NW)
Bandar Seri Begawan (EE)
Beijing (SE)
Funafuti (NW)
Honiara (NE)
Jakarta (EE)
Kuala Lumpur (EE)
Ngerulmud (EE)
Nukuʻalofa (NW)
Palikir (EE)
Phnom Penh (EE)
Port Moresby (NE)
Port Vila (NN)
Pyongyang (SE)
Seoul (SE)
Singapore (EE)
Suva (NN)
Tokyo (SE)
Wellington (NN)
Yaren (EE)
South Tarawa
68%
Abu Dhabi (EE)
Algiers (EE)
Amman (EE)
Antananarivo (NE)
Ashgabat (EE)
Astana (SE)
Baghdad (EE)
Baku (EE)
Bandar Seri Begawan (NW)
Bangkok (NW)
Beijing (SW)
Beirut (EE)
Bishkek (SE)
Cairo (EE)
Colombo (NE)
Damascus (EE)
Dhaka (NN)
Dili (NW)
Doha (EE)
Dushanbe (SE)
Hanoi (NW)
Helsinki (SE)
Islamabad (SE)
Jerusalem (EE)
Kabul (EE)
Kathmandu (EE)
Kuala Lumpur (NW)
Kuwait City (EE)
Lilongwe (NE)
Malé (NE)
Manama (EE)
Manila (NW)
Moroni (NE)
Moscow (SE)
Muscat (EE)
Naypyidaw (NW)
New Delhi (EE)
Nicosia (EE)
Phnom Penh (NW)
Pyongyang (WW)
Riyadh (EE)
Seoul (WW)
Singapore (NW)
Taipei (WW)
Tallinn (SE)
Tashkent (SE)
Tehran (EE)
Tripoli (EE)
Tunis (EE)
Ulaanbaatar (SW)
Valletta (EE)
Victoria (NE)
Vientiane (NW)
Thimphu
68%
Astana (SE)
Bangkok (SE)
Beijing (SS)
Bishkek (SE)
Canberra (NW)
Colombo (EE)
Dhaka (SE)
Dili (NW)
Djibouti (EE)
Dushanbe (SE)
Hanoi (SE)
Islamabad (SE)
Jakarta (NE)
Kathmandu (SE)
Kuala Lumpur (EE)
Majuro (WW)
Malé (EE)
Manila (SW)
Mogadishu (EE)
Naypyidaw (SE)
Ngerulmud (WW)
Palikir (WW)
Phnom Penh (SE)
Port Moresby (NW)
Pyongyang (SS)
Sana'a (EE)
Seoul (SS)
Singapore (EE)
South Tarawa (WW)
Taipei (SS)
Tashkent (SE)
Thimphu (SE)
Tokyo (SW)
Victoria (EE)
Vientiane (SE)
Wellington (NW)
Yaren (WW)
Bandar Seri Begawan
68%
Amman (EE)
Ankara (EE)
Ashgabat (EE)
Baghdad (EE)
Baku (EE)
Bandar Seri Begawan (NN)
Bangkok (NE)
Beijing (EE)
Beirut (EE)
Berlin (EE)
Bishkek (EE)
Bucharest (EE)
Budapest (EE)
Chișinău (EE)
Colombo (NE)
Damascus (EE)
Dhaka (NE)
Dili (NN)
Dushanbe (EE)
Funafuti (NW)
Hanoi (NE)
Islamabad (EE)
Jerusalem (EE)
Kabul (EE)
Kathmandu (EE)
Kiev (EE)
Kuwait City (EE)
Majuro (NW)
Malé (NE)
Manila (NN)
Naypyidaw (NE)
Ngerulmud (NN)
Nicosia (EE)
Palikir (NW)
Phnom Penh (NE)
Port Vila (NW)
Seoul (any)
South Tarawa (NW)
Taipei (NN)
Tashkent (EE)
Tbilisi (EE)
Tehran (EE)
Thimphu (EE)
Tokyo (WW)
Ulaanbaatar (SE)
Vientiane (NE)
Yaren (NW)
Yerevan (EE)
Pyongyang
68%
Apia (WW)
Bandar Seri Begawan (SE)
Canberra (NN)
Dili (EE)
Funafuti (WW)
Hanoi (SE)
Honiara (WW)
Jakarta (EE)
Majuro (SW)
Manila (SE)
Ngerulmud (SE)
Palikir (SW)
Port Vila (WW)
South Tarawa (SW)
Suva (WW)
Taipei (SE)
Wellington (NW)
Yaren (SW)
Port Moresby
68%
Abu Dhabi (EE)
Amman (EE)
Antananarivo (NE)
Ashgabat (SE)
Asmara (EE)
Astana (SE)
Bandar Seri Begawan (NW)
Bangkok (NW)
Beijing (SW)
Bishkek (SE)
Cairo (EE)
Colombo (NE)
Dili (NW)
Doha (EE)
Dushanbe (SE)
Hanoi (WW)
Harare (NE)
Helsinki (SE)
Islamabad (SE)
Jakarta (NW)
Jerusalem (EE)
Kabul (SE)
Kathmandu (SE)
Khartoum (EE)
Kuala Lumpur (NW)
Kuwait City (EE)
Malé (NE)
Manama (EE)
Manila (WW)
Moroni (NE)
Moscow (SE)
Muscat (EE)
Naypyidaw (NW)
New Delhi (SE)
Phnom Penh (NW)
Port Louis (NE)
Pyongyang (SW)
Riyadh (EE)
Seoul (SW)
Singapore (NW)
Taipei (WW)
Tallinn (SE)
Tashkent (SE)
Tehran (EE)
Tripoli (EE)
Ulaanbaatar (SW)
Victoria (NE)
Vientiane (NW)
Dhaka
68%
Bamako (SW)
Banjul (SW)
Belmopan (SE)
Bissau (SW)
Bogotá (SE)
Brasília (SW)
Buenos Aires (NN)
Conakry (SW)
Dakar (SW)
Freetown (SW)
Guatemala City (SE)
Lima (SE)
Managua (SE)
Mexico City (SE)
Montevideo (NN)
Nouakchott (SW)
Paramaribo (SS)
Praia (SW)
Quito (SE)
San José (SE)
San Salvador (SE)
Santiago (NE)
Sucre (SE)
Tegucigalpa (SE)
Windhoek (WW)
Asunción
68%
Abuja (SE)
Addis Ababa (SS)
Amman (SS)
Antananarivo (WW)
Asmara (SS)
Bangui (SE)
Beirut (SS)
Brazzaville (SE)
Damascus (SS)
Djibouti (SS)
Dodoma (SS)
Gaborone (NE)
Harare (NE)
Islamabad (SW)
Jerusalem (SS)
Kathmandu (SW)
Kinshasa (SE)
Libreville (SE)
Lisbon (SE)
Luanda (EE)
Lusaka (EE)
Malabo (SE)
Maputo (NN)
Maseru (NN)
Mbabane (NN)
Mogadishu (SW)
Moroni (WW)
Moscow (SS)
Nairobi (SS)
N'Djamena (SE)
New Delhi (SW)
Niamey (SE)
Ouagadougou (SE)
Port Louis (WW)
Pretoria (NE)
Rabat (SE)
Sana'a (SS)
São Tomé (SE)
Thimphu (SW)
Victoria (SW)
Windhoek (NE)
Yaoundé (SE)
Lilongwe
68%
Accra (SW)
Asunción (SS)
Bamako (SW)
Banjul (SW)
Bissau (SW)
Brasília (SW)
Conakry (SW)
Dakar (SW)
Freetown (SW)
Georgetown (SS)
Lima (SE)
Lomé (SW)
Maseru (WW)
Mexico City (SE)
Monrovia (SW)
Montevideo (any)
Nouakchott (SW)
Ouagadougou (SW)
Paramaribo (SS)
Porto-Novo (SW)
Santiago (EE)
Yamoussoukro (SW)
Buenos Aires
67%
Ashgabat (SE)
Baku (SE)
Bandar Seri Begawan (SW)
Canberra (NW)
Colombo (SE)
Dhaka (SE)
Dili (WW)
Dodoma (EE)
Dushanbe (SE)
Funafuti (WW)
Honiara (WW)
Islamabad (SE)
Kabul (SE)
Kuala Lumpur (SE)
Malé (EE)
Manila (SW)
Mogadishu (EE)
Moroni (EE)
Nairobi (EE)
New Delhi (SE)
Ngerulmud (SW)
Port Moresby (WW)
South Tarawa (WW)
Suva (WW)
Taipei (SW)
Tashkent (SE)
Tehran (SE)
Tokyo (SW)
Ulaanbaatar (SS)
Victoria (EE)
Yaren (WW)
Jakarta
67%
Addis Ababa (SE)
Algiers (SE)
Amsterdam (SE)
Andorra la Vella (SE)
Antananarivo (NE)
Ashgabat (SS)
Asmara (SE)
Bandar Seri Begawan (WW)
Beijing (SW)
Bern (SE)
Brazzaville (EE)
Brussels (SE)
Bujumbura (EE)
Colombo (SW)
Dhaka (SW)
Dili (WW)
Djibouti (SE)
Dodoma (EE)
Gaborone (NE)
Harare (NE)
Jakarta (WW)
Juba (EE)
Kampala (EE)
Kathmandu (SW)
Khartoum (SE)
Kigali (EE)
Kinshasa (EE)
Kuala Lumpur (WW)
Libreville (EE)
Lilongwe (NE)
Ljubljana (SE)
Luanda (EE)
Lusaka (EE)
Luxembourg (SE)
Madrid (SE)
Malé (SW)
Maputo (NE)
Maseru (NE)
Mbabane (NE)
Mogadishu (SE)
Monaco (SE)
Monrovia (EE)
Moroni (NE)
Muscat (SS)
Nairobi (EE)
Paris (SE)
Podgorica (SE)
Port Louis (NN)
Pretoria (NE)
Rome (SE)
San Marino (SE)
Sana'a (SE)
São Tomé (EE)
Singapore (WW)
Thimphu (SW)
Tirana (SE)
Tripoli (SE)
Tunis (SE)
Ulaanbaatar (SW)
Vaduz (SE)
Valletta (SE)
Vatican City (SE)
Zagreb (SE)
Victoria
66%
Abu Dhabi (SW)
Accra (SE)
Antananarivo (WW)
Asunción (EE)
Athens (SS)
Bangui (SS)
Banjul (SE)
Belgrade (SS)
Bissau (SE)
Brasília (EE)
Bratislava (SS)
Bucharest (SS)
Budapest (SS)
Bujumbura (SW)
Chișinău (SS)
Conakry (SE)
Dakar (SE)
Djibouti (SW)
Dodoma (SW)
Freetown (SE)
Gaborone (WW)
Harare (WW)
Juba (SW)
Kampala (SW)
Kigali (SW)
Lilongwe (SW)
Lomé (SE)
Lusaka (SW)
Maputo (WW)
Maseru (NW)
Mbabane (WW)
Mogadishu (SW)
Monrovia (SE)
Moroni (SW)
Muscat (SW)
Nairobi (SW)
Nouakchott (SE)
Podgorica (SS)
Port Louis (WW)
Porto-Novo (SE)
Praia (SE)
Pretoria (WW)
Pristina (SS)
Sana'a (SW)
São Tomé (SE)
Sarajevo (SS)
Skopje (SS)
Sofia (SS)
Tirana (SS)
Yamoussoukro (SE)
Windhoek
66%
Accra (SE)
Addis Ababa (SS)
Amman (SS)
Ankara (SS)
Antananarivo (SW)
Asmara (SS)
Bamako (SE)
Bangui (SE)
Banjul (SE)
Beirut (SS)
Bissau (SE)
Brazzaville (SE)
Colombo (SW)
Conakry (SE)
Dakar (SE)
Damascus (SS)
Dodoma (SS)
Freetown (SE)
Gaborone (EE)
Jerusalem (SS)
Kinshasa (SE)
Libreville (SE)
Lilongwe (SS)
Lomé (SE)
Luanda (SE)
Malabo (SE)
Malé (SW)
Maseru (NE)
Mbabane (any)
Mogadishu (SW)
Monrovia (SE)
Moroni (SW)
Nairobi (SS)
New Delhi (SW)
Niamey (SE)
Nicosia (SS)
Nouakchott (SE)
Ouagadougou (SE)
Port Louis (WW)
Porto-Novo (SE)
Praia (SE)
Pretoria (EE)
São Tomé (SE)
Tbilisi (SS)
Victoria (SW)
Windhoek (EE)
Yamoussoukro (SE)
Yerevan (SS)
Maputo
66%
Addis Ababa (EE)
Ashgabat (SE)
Baku (SE)
Bandar Seri Begawan (WW)
Canberra (NW)
Colombo (EE)
Dhaka (SE)
Dili (NW)
Djibouti (EE)
Dodoma (EE)
Dushanbe (SE)
Hanoi (SS)
Islamabad (SE)
Jakarta (NN)
Kabul (SE)
Kampala (EE)
Kathmandu (SE)
Kuala Lumpur (SE)
Majuro (WW)
Malé (EE)
Manila (SW)
Mogadishu (EE)
Nairobi (EE)
New Delhi (SE)
Ngerulmud (WW)
Palikir (WW)
Phnom Penh (SS)
South Tarawa (WW)
Taipei (SW)
Tashkent (SE)
Tbilisi (SE)
Tehran (SE)
Thimphu (SE)
Tokyo (SW)
Ulaanbaatar (SS)
Victoria (EE)
Yaren (WW)
Yerevan (SE)
Singapore
66%
Asunción (SW)
Banjul (SW)
Basseterre (SS)
Bissau (SW)
Brasília (SW)
Buenos Aires (WW)
Caracas (SS)
Conakry (SW)
Dakar (SW)
Freetown (SW)
Montevideo (WW)
Praia (SW)
Saint John's (SS)
Santo Domingo (SS)
Sucre (SS)
Santiago
66%
Accra (SE)
Addis Ababa (SS)
Amman (SS)
Ankara (SS)
Antananarivo (SW)
Bamako (SE)
Banjul (SE)
Beirut (SS)
Bissau (SE)
Brazzaville (SE)
Cairo (SS)
Colombo (SW)
Conakry (SE)
Dakar (SE)
Damascus (SS)
Dodoma (SS)
Freetown (SE)
Gaborone (EE)
Jerusalem (SS)
Juba (SS)
Kampala (SS)
Khartoum (SS)
Kinshasa (SE)
Libreville (SE)
Lilongwe (SS)
Lomé (SE)
Luanda (SE)
Malabo (SE)
Malé (SW)
Maputo (any)
Maseru (NE)
Mogadishu (SW)
Monrovia (SE)
Moroni (SW)
Nairobi (SS)
New Delhi (SW)
Niamey (SE)
Nicosia (SS)
Nouakchott (SE)
Ouagadougou (SE)
Port Louis (WW)
Porto-Novo (SE)
Praia (SE)
Pretoria (EE)
São Tomé (SE)
Victoria (SW)
Windhoek (EE)
Yamoussoukro (SE)
Yaoundé (SE)
Mbabane
66%
Ankara (EE)
Ashgabat (EE)
Baghdad (EE)
Baku (EE)
Bandar Seri Begawan (NN)
Bangkok (NE)
Beijing (EE)
Beirut (EE)
Bishkek (EE)
Bucharest (EE)
Chișinău (EE)
Colombo (NE)
Damascus (EE)
Dhaka (NE)
Dili (NN)
Dushanbe (EE)
Funafuti (NW)
Hanoi (NE)
Islamabad (EE)
Kabul (EE)
Kuwait City (EE)
Majuro (NW)
Manama (EE)
Manila (NN)
Naypyidaw (NE)
Ngerulmud (NN)
Palikir (NW)
Phnom Penh (NE)
Port Vila (NW)
Pyongyang (any)
South Tarawa (NW)
Taipei (NN)
Tashkent (EE)
Tbilisi (EE)
Tehran (EE)
Thimphu (EE)
Tokyo (WW)
Ulaanbaatar (SE)
Vientiane (NE)
Yaren (NW)
Yerevan (EE)
Seoul
64%
Apia (NW)
Bandar Seri Begawan (EE)
Beijing (SE)
Funafuti (NW)
Honiara (NE)
Jakarta (EE)
Kuala Lumpur (EE)
Majuro (SW)
Ngerulmud (EE)
Nukuʻalofa (NW)
Palikir (SE)
Port Moresby (NE)
Port Vila (NN)
Pyongyang (SE)
Seoul (SE)
Singapore (EE)
South Tarawa (WW)
Suva (NW)
Tokyo (SE)
Ulaanbaatar (SE)
Wellington (NN)
Yaren
64%
Algiers (SW)
Asunción (NE)
Bamako (SW)
Banjul (SW)
Belmopan (SE)
Bissau (SW)
Bogotá (SE)
Buenos Aires (NE)
Caracas (SE)
Castries (SE)
Conakry (SW)
Dakar (SW)
Freetown (SW)
Gaborone (WW)
Georgetown (SE)
Guatemala City (SE)
Havana (SE)
Kingston (SE)
Kingstown (SE)
Lima (EE)
Luanda (WW)
Madrid (SW)
Managua (SE)
Montevideo (NN)
Nassau (SE)
Nouakchott (SW)
Panama City (SE)
Port-of-Spain (SE)
Praia (SW)
Pretoria (WW)
Quito (SE)
Rabat (SW)
Roseau (SE)
Saint George's (SE)
Saint John's (SE)
San José (SE)
San Salvador (SE)
Santiago (NE)
Sucre (EE)
Tegucigalpa (SE)
Windhoek (WW)
Brasília
62%
Apia (WW)
Bandar Seri Begawan (SE)
Bangkok (SE)
Bishkek (SE)
Canberra (NW)
Dhaka (SE)
Dushanbe (SE)
Funafuti (WW)
Hanoi (SE)
Honiara (WW)
Islamabad (SE)
Jakarta (EE)
Kabul (SE)
Kathmandu (SE)
Kuala Lumpur (SE)
Naypyidaw (SE)
New Delhi (SE)
Ngerulmud (SW)
Phnom Penh (SE)
Port Louis (EE)
Port Moresby (WW)
Pyongyang (SS)
Seoul (SS)
Singapore (SE)
Tashkent (SE)
Thimphu (SE)
Victoria (EE)
Vientiane (SE)
Wellington (NW)
Dili
62%
Accra (SE)
Amman (SS)
Ankara (SS)
Antananarivo (SW)
Bamako (SE)
Banjul (SE)
Beirut (SS)
Bissau (SE)
Brazzaville (SE)
Buenos Aires (EE)
Bujumbura (SS)
Cairo (SS)
Colombo (SW)
Conakry (SE)
Dakar (SE)
Damascus (SS)
Dodoma (SS)
Freetown (SE)
Harare (SS)
Jerusalem (SS)
Juba (SS)
Kampala (SS)
Khartoum (SS)
Kigali (SS)
Kinshasa (SE)
Libreville (SE)
Lilongwe (SS)
Lomé (SE)
Luanda (SE)
Lusaka (SS)
Malé (SW)
Maputo (SW)
Mbabane (SW)
Mogadishu (SW)
Monrovia (SE)
Montevideo (EE)
Moroni (SW)
Nairobi (SS)
Nicosia (SS)
Nouakchott (SE)
Port Louis (WW)
Praia (SE)
Pretoria (SS)
São Tomé (SE)
Victoria (SW)
Windhoek (SE)
Yamoussoukro (SE)
Maseru
62%
Astana (SE)
Bandar Seri Begawan (EE)
Bangkok (EE)
Colombo (EE)
Dili (NE)
Hanoi (SE)
Honiara (NW)
Jakarta (NE)
Kuala Lumpur (EE)
Majuro (WW)
Malé (EE)
Manila (SE)
Palikir (WW)
Phnom Penh (EE)
Port Moresby (NW)
Port Vila (NW)
Singapore (EE)
South Tarawa (WW)
Taipei (SE)
Tokyo (SS)
Vientiane (EE)
Wellington (NW)
Yaren (WW)
Ngerulmud
61%
Apia (SW)
Canberra (NE)
Funafuti (SS)
Honiara (SE)
Jakarta (EE)
Nukuʻalofa (NW)
Palikir (SE)
Port Moresby (EE)
Port Vila (EE)
Taipei (SE)
Wellington (NN)
Yaren (SE)
Suva
61%
Algiers (SE)
Andorra la Vella (SE)
Antananarivo (NW)
Baghdad (SS)
Baku (SS)
Bangui (SE)
Brazzaville (EE)
Bujumbura (SE)
Dhaka (SW)
Dodoma (SE)
Gaborone (NE)
Harare (NE)
Jakarta (WW)
Juba (SE)
Kampala (SE)
Kathmandu (SW)
Kigali (SE)
Kinshasa (EE)
Kuwait City (SS)
Libreville (EE)
Lilongwe (EE)
Lisbon (SE)
Luanda (EE)
Lusaka (EE)
Madrid (SE)
Malé (SW)
Maputo (NE)
Maseru (NE)
Mbabane (NE)
Mogadishu (SS)
Nairobi (SE)
N'Djamena (SE)
New Delhi (SW)
Port Louis (NW)
Pretoria (NE)
Rabat (SE)
Riyadh (SS)
Sana'a (SS)
Tbilisi (SS)
Tehran (SS)
Thimphu (SW)
Victoria (SW)
Windhoek (NE)
Yaoundé (SE)
Yerevan (SS)
Moroni
61%
Apia (NW)
Canberra (NE)
Dili (EE)
Honiara (EE)
Jakarta (EE)
Majuro (SE)
Nukuʻalofa (NW)
Palikir (SE)
Port Moresby (EE)
Port Vila (NE)
Pyongyang (SE)
Seoul (SE)
South Tarawa (SE)
Suva (NN)
Tokyo (SE)
Wellington (NN)
Yaren (SE)
Funafuti
59%
Apia (NW)
Bandar Seri Begawan (EE)
Bangkok (EE)
Funafuti (NW)
Honiara (NE)
Kuala Lumpur (EE)
Manila (EE)
Ngerulmud (EE)
Nukuʻalofa (NW)
Palikir (EE)
Phnom Penh (EE)
Port Moresby (NE)
Port Vila (NN)
Pyongyang (SE)
Seoul (SE)
Singapore (EE)
South Tarawa (NN)
Suva (NN)
Tokyo (SE)
Ulaanbaatar (SE)
Vientiane (EE)
Wellington (NN)
Yaren (NE)
Majuro
59%
Accra (SE)
Addis Ababa (SS)
Amman (SS)
Ankara (SS)
Antananarivo (WW)
Bamako (SE)
Banjul (SE)
Beirut (SS)
Bissau (SE)
Brasília (EE)
Brazzaville (SE)
Bucharest (SS)
Bujumbura (SS)
Cairo (SS)
Chișinău (SS)
Conakry (SE)
Dakar (SE)
Damascus (SS)
Dodoma (SW)
Freetown (SE)
Harare (SW)
Jerusalem (SS)
Juba (SS)
Kampala (SS)
Khartoum (SS)
Kigali (SS)
Kinshasa (SE)
Libreville (SE)
Lilongwe (SW)
Lomé (SE)
Luanda (SE)
Lusaka (SS)
Malabo (SE)
Maputo (WW)
Maseru (NN)
Mbabane (WW)
Mogadishu (SW)
Monrovia (SE)
Montevideo (EE)
Moroni (SW)
Nairobi (SW)
Nicosia (SS)
Nouakchott (SE)
Ouagadougou (SE)
Port Louis (WW)
Porto-Novo (SE)
Praia (SE)
Pretoria (NW)
São Tomé (SE)
Victoria (SW)
Windhoek (EE)
Yamoussoukro (SE)
Yaoundé (SE)
Gaborone
59%
Abu Dhabi (EE)
Baghdad (EE)
Bandar Seri Begawan (NN)
Bangkok (NE)
Dhaka (EE)
Dili (NN)
Doha (EE)
Hanoi (EE)
Honiara (NW)
Jakarta (NE)
Kathmandu (EE)
Kuala Lumpur (NE)
Kuwait City (EE)
Manama (EE)
Manila (NN)
Muscat (EE)
Naypyidaw (EE)
New Delhi (EE)
Ngerulmud (NW)
Phnom Penh (NE)
Port Moresby (NW)
Port Vila (NW)
Pyongyang (SS)
Riyadh (EE)
Seoul (SS)
Singapore (NE)
Suva (NW)
Thimphu (EE)
Tokyo (SW)
Ulaanbaatar (SE)
Vientiane (EE)
Taipei
58%
Abu Dhabi (SS)
Abuja (SE)
Algiers (SE)
Baku (SS)
Bangui (SE)
Brazzaville (SE)
Bujumbura (SE)
Colombo (SW)
Dhaka (SW)
Dodoma (SE)
Doha (SS)
Gaborone (EE)
Harare (EE)
Juba (SE)
Kampala (SE)
Kathmandu (SW)
Kigali (SE)
Kinshasa (SE)
Kuwait City (SS)
Lilongwe (EE)
Luanda (EE)
Lusaka (EE)
Malé (SW)
Manama (SS)
Maputo (NE)
Maseru (NE)
Mbabane (NE)
Moroni (SE)
Nairobi (SE)
Naypyidaw (SW)
N'Djamena (SE)
Niamey (SE)
Port Louis (WW)
Pretoria (EE)
Tehran (SS)
Thimphu (SW)
Victoria (SW)
Windhoek (EE)
Antananarivo
58%
Addis Ababa (EE)
Ashgabat (SE)
Baku (SE)
Bandar Seri Begawan (WW)
Canberra (NW)
Colombo (EE)
Dhaka (SE)
Dili (NW)
Djibouti (EE)
Dodoma (EE)
Dushanbe (SE)
Hanoi (SS)
Islamabad (SE)
Jakarta (NW)
Juba (EE)
Kabul (SE)
Kampala (EE)
Kathmandu (SE)
Kigali (EE)
Majuro (WW)
Malé (EE)
Manila (SW)
Mogadishu (EE)
Nairobi (EE)
New Delhi (SE)
Ngerulmud (WW)
Palikir (WW)
Phnom Penh (SS)
Singapore (NW)
South Tarawa (WW)
Taipei (SW)
Tashkent (SE)
Tbilisi (SE)
Thimphu (SE)
Tokyo (SW)
Ulaanbaatar (SS)
Victoria (EE)
Vientiane (SS)
Yaren (WW)
Yerevan (SE)
Kuala Lumpur
55%
Abu Dhabi (EE)
Astana (SE)
Bandar Seri Begawan (NE)
Bangkok (EE)
Bishkek (SE)
Dhaka (EE)
Dili (NN)
Doha (EE)
Hanoi (SE)
Jakarta (NE)
Kathmandu (EE)
Kuala Lumpur (NE)
Majuro (WW)
Muscat (EE)
Naypyidaw (EE)
Ngerulmud (NW)
Phnom Penh (EE)
Port Moresby (NW)
Pyongyang (SS)
Riyadh (EE)
Seoul (SS)
Singapore (NE)
Taipei (SS)
Thimphu (SE)
Tokyo (SW)
Vientiane (EE)
Manila
55%
Apia (SW)
Bandar Seri Begawan (SE)
Canberra (EE)
Dili (SE)
Funafuti (SS)
Ngerulmud (SE)
Nukuʻalofa (SW)
Port Moresby (SE)
Suva (SS)
Wellington
53%
Bandar Seri Begawan (EE)
Bangkok (EE)
Beijing (SE)
Funafuti (NW)
Honiara (NN)
Kuala Lumpur (EE)
Majuro (WW)
Ngerulmud (EE)
Nukuʻalofa (NW)
Phnom Penh (EE)
Port Moresby (NE)
Port Vila (NN)
Pyongyang (SE)
Seoul (SE)
Singapore (EE)
South Tarawa (WW)
Suva (NW)
Tokyo (SE)
Ulaanbaatar (SE)
Yaren (NW)
Palikir
50%
Apia (WW)
Canberra (NE)
Funafuti (SW)
Honiara (SE)
Majuro (SS)
Ngerulmud (SE)
Nukuʻalofa (WW)
Port Moresby (EE)
Pyongyang (SE)
Seoul (SE)
South Tarawa (SS)
Suva (WW)
Taipei (SE)
Wellington (NN)
Port Vila
49%
Addis Ababa (SE)
Antananarivo (EE)
Ashgabat (SS)
Bangkok (SW)
Bujumbura (SE)
Colombo (SW)
Dhaka (SW)
Dili (WW)
Djibouti (SE)
Dodoma (SE)
Gaborone (EE)
Hanoi (SW)
Harare (EE)
Juba (SE)
Kampala (SE)
Kigali (SE)
Lilongwe (EE)
Lusaka (EE)
Malé (SW)
Maputo (EE)
Maseru (EE)
Mbabane (EE)
Mogadishu (SE)
Moroni (SE)
Muscat (SS)
Nairobi (SE)
Naypyidaw (SW)
N'Djamena (SE)
Pretoria (EE)
Tripoli (SE)
Valletta (SE)
Vientiane (SW)
Windhoek (EE)
Port Louis
46%
Dili (EE)
Funafuti (SE)
Honiara (EE)
Majuro (SE)
Nukuʻalofa (NE)
Port Moresby (EE)
Port Vila (EE)
South Tarawa (SE)
Suva (NE)
Tokyo (SE)
Wellington (NE)
Yaren (SE)
Apia
36%
Apia (SW)
Canberra (NE)
Funafuti (SE)
Honiara (SE)
Majuro (SE)
Palikir (SE)
Port Vila (EE)
South Tarawa (SE)
Suva (SE)
Tokyo (SE)
Wellington (NE)
Yaren (SE)
Nukuʻalofa
34%

Score Distribution

Percentile by Number Answered

Percent of People with Each Score

Your Score History

You have not taken this quiz